{"text_format":"2","workbook":"xlsx","n_sheets":15,"sheets":["Open","Senior","Adult","Youth","Derby","High Stakes","Futurity","12 & Under","Future Champs","BFA 2D Payout","2D Payout","3D Payout","4D Payout BBR","5D Payout BBR","DON'T TOUCH"],"not_rendered":{"charts":0,"images":0,"macros":0,"external_links":0,"defined_names":6,"comments":0,"pivot_tables":0},"unopened":[],"bounds":{"document_bytes":16777216,"sheet_cells":100000,"run_cost":"one","rows_first":2000,"rows_last":500,"rows_between":2000,"halvings":0,"cell_chars":16384,"cell_head_chars":4096},"cells_cut":0,"cells_raw":0,"read":"whole","date_system":"1900"}

{"sheet":"Open","index":0,"n_rows":503,"n_cols":22,"rows_kept":503,"cut":false,"hidden":false,"merged":[[1,0,1,12],[0,0,0,12],[13,14,13,15],[15,14,15,15],[16,14,16,15],[2,14,2,15],[9,14,9,15],[10,14,10,15],[12,14,12,15]]}
[]
["Southwestern Farms Sept 11 2021"]
["FUT","DER","Age Inc","HS","Y/co","Youth","Draw","Rider Name","Horse Name","Pen","Time","Placing","Money Earned",null,"D Placing",null,"Split"]
["X",null,"A",null,null,null,28,"Jamie Wilson","French Cinnamon",null,15.837999999999999,"1D 3rd",583.68000000000006,null,"1D",15.677,{"$nulls":5}," "]
["X",{"$nulls":5},162,"Kylie Bowles","Slick A Lena",null,15.904999999999999,"1D 6th",153.60000000000002,null,"2D",{"$f":"SUM(P4+0.5)","v":16.177},0.5]
["X",{"$nulls":5},77,"Jessie Domann","A Dash Of Choclate",null,16.106999999999999,null,null,null,"3D",{"$f":"SUM(P4+1)","v":16.677},0.5]
["X",{"$nulls":5},48,"Kyra Boling","Shesa Heaven Sent",null,16.260999999999999,"2D 2nd",614.4,null,"4D",{"$f":"SUM(P4+1.5)","v":17.177},0.5]
["X",{"$nulls":5},82,"Billie Ann Harmon","Zero Judgement",null,16.262,"2D 3rd",486.4,null,"5D",{"$f":"SUM(P4+2)","v":17.677},0.5]
["X",{"$nulls":5},116,"Billie Ann Harmon","The Dungaree Moon",null,16.489999999999998]
["X",{"$nulls":5},41,"Jessie Domann","Tres Down The Fame",null,16.585999999999999,null,null,null,"# Entered"]
["X",null,"A",null,null,null,33,"Pete Oen","Unbroken Belle",null,16.591999999999999,null,null,null,{"$f":"COUNTA(H4:H503)","v":211}]
["X",{"$nulls":5},168,"Lauren Strough","Drifting For Dineros",null,16.689]
["X",null,"A",null,null,null,135,"Kaylyn Smith","Bet She Can Fly",null,16.782,"3D 3rd",389.12,null,"# Ran"]
["X",null,"A",null,null,null,100,"Kimberly Hulme","Happy Olena Gin",null,18.114000000000001,null,null,null,{"$f":"COUNTA(K4:K503)","v":211}]
["X",null,"A",null,null,null,181,"Randi Roberts","Colour Chart",null,917.64300000000003]
["X",null,"A",null,null,null,199,"Bianca Dos Santos","Streakinlikaleo",null,917.70299999999997,null,null,null,"# Left"]
[null,null,null,"X",null,null,46,"Tyler Rivette","Streakin Flingin Disco",null,15.858000000000001,"1D 4th",430.08000000000004,null,{"$f":"$O$11-$O$14","v":0}]
[null,null,"A","X",null,null,142,"Megan McKerchie","Ciroc",null,15.882,"1D 5th",276.48]
[null,null,"A","X",null,null,14,"Carolina Kelly","Hesa Dashin Dreamer",null,16.175999999999998]
[null,"X",null,"X",null,null,118,"Tyler Rivette","Flingin Roses",null,16.187999999999999]
[null,null,"A","X",null,null,156,"Lainie Whitmire","Bullseye Bullion",null,16.222000000000001]
[null,null,null,"X","X","X",158,"Tristan Bowles","Short Okie Lena",null,16.486999999999998]
[null,"X","A","X",null,null,67,"Jamie Wilson","KN Luna",null,16.54]
[null,null,"A","X",null,null,104,"Lainie Whitmire","Dash Ta Kill",null,20.5]
[null,null,"A","X",null,null,229,"Chani Graves","Im Little Bit Famous",null,915.55200000000002]
[null,"X","A","X",null,null,134,"Pete Oen","VC GoGo Fling",null,915.91]
[null,null,"A","X",null,null,193,"Chani Graves","Shiney Cartel",null,916.05200000000002]
[{"$nulls":6},133,"Patty Clark","Dashin Bob",null,15.76,"1D 1st",890.87999999999988]
[{"$nulls":6},24,"Krista Whitley","Fabulace Fame",null,15.818,"1D 2nd",737.28]
[{"$nulls":6},91,"Gabbie Grothe","Sold Out",null,16.009]
[{"$nulls":6},141,"Danyelle Campbell","AR Dash Ta Flame",null,16.079000000000001]
[null,null,"S",null,null,null,52,"Lisa Wernli","Flashs Fine Effort",null,16.096]
[{"$nulls":6},108,"Stevie Perkins","My Traffic Guy",null,16.138999999999999]
[{"$nulls":6},201,"McKinley Goodger","Fame Us First Lady",null,16.146000000000001]
[{"$nulls":6},182,"Sam Lindenfeld","A Boy Named Sue",null,16.158000000000001]
[null,"X","A",null,null,null,97,"Pete Oen","VF Shes Home Alone",null,16.158999999999999]
[{"$nulls":6},76,"Lacy Billingsley","PV Watchmeneighneigh",null,16.164000000000001]
[{"$nulls":6},186,"Kassidy McKee","KN Mister Fabulous",null,16.175000000000001]
[{"$nulls":6},197,"Heidi Becker","No Lion Kims Flying",null,16.175999999999998]
[{"$nulls":6},203,"Maci Kirby","Sheza Maximum Bug Leo",null,16.178999999999998]
[null,null,"A",null,null,null,169,"Brian Ramirez","Holly",null,16.204000000000001]
[null,null,"S",null,null,null,61,"Julie Hardcastle","RCJ See Here Now",null,16.207999999999998]
[{"$nulls":6},170,"McKinley Goodger","Machine Gun Kelli",null,16.248000000000001]
[{"$nulls":6},72,"Hannah Hertel","Lenasdashtavictory",null,16.260000000000002,"2D 1st",742.4]
[null,null,"A",null,null,null,58,"Megan Best","LCR Cash N Guys",null,16.27,"2D 4th",358.40000000000003]
[{"$nulls":4},"X","X",194,"Lila Jardine",null,null,16.286999999999999,"2D 5th",230.39999999999998]
[{"$nulls":6},103,"Rylan Heller",null,null,16.3,"2D 6th",128]
[{"$nulls":6},54,"Lindsay Bullard","First Down Deception",null,16.309000000000001]
[{"$nulls":6},81,"Christi Durfey","Gordon",null,16.309999999999999]
[{"$nulls":4},"X","X",179,"Jo Lindenfeld","Dash Ta Zevi",null,16.32]
[null,null,"S",null,null,null,122,"Tammy Rokus","Mitey Confederate",null,16.323]
[{"$nulls":6},78,"Jenna Napier","Frenchmans Dually",null,16.326000000000001]
[null,null,"A",null,null,null,99,"Denny Ralls","SV Southern Comfort",null,16.327000000000002]
[null,null,"A",null,null,null,73,"Delaney Siebert","Guys Classy Colours",null,16.332000000000001]
[{"$nulls":6},164,"Sherri Barnes","Ike",null,16.346]
[{"$nulls":6},16,"Maggie Pytlik","Karma",null,16.388999999999999]
[null,null,"S",null,null,null,129,"Amy Swan","Boons Prescription",null,16.414000000000001]
[{"$nulls":6},47,"Jade Crago","Nitros Next Topmodel",null,16.431000000000001]
[{"$nulls":4},"X","X",149,"Hevenli Scribner","JSH Lucky Bottom Roy",null,16.449000000000002]
[{"$nulls":6},34,"Jo Fisher",null,null,16.459]
[{"$nulls":6},187,"Taryn Parsonage","Twitch",null,16.459]
[{"$nulls":6},84,"Natalie Bland","Bayou A Cold One",null,16.466000000000001]
[null,"X","A",null,null,null,86,"Jennifer Cullen","Chasin Annies Fame",null,16.478999999999999]
[{"$nulls":6},11,"Jade Crago","High Road Ta Fame",null,16.481000000000002]
[{"$nulls":6},172,"Morgan Dalchow","Perfect Runaway",null,16.486000000000001]
[{"$nulls":6},106,"Baylee Oleary","VR Famous Sixshooter",null,16.488]
[{"$nulls":6},74,"Lauren Strough","Sonny",null,16.495999999999999]
[{"$nulls":6},136,"Nisa Berry",null,null,16.504000000000001]
[null,null,"A",null,null,null,49,"Londyn Ross","Kicken Paco",null,16.548999999999999]
[{"$nulls":6},7,"Tyler Rivette","Additcted To Bugattis",null,16.574000000000002]
[{"$nulls":6},102,"Macy Brown ","CD Fast N Famous",null,16.582000000000001]
[{"$nulls":6},152,"Paige Dawson",null,null,16.596]
[{"$nulls":6},42,"Teneille Angland","Captain",null,16.597999999999999]
[null,null,"S",null,null,null,69,"Kimberly Teague","Best Ta Fame",null,16.600000000000001]
[{"$nulls":6},190,"Candice Jammer","Fame  ",null,16.608000000000001]
[{"$nulls":6},151,"Madison Smith","Little Catty Kitty",null,16.620999999999999]
[{"$nulls":6},51,"Carolina Kelly","Heavenly déjà vu",null,16.63]
[null,null,"S",null,null,null,70,"Jolene Jones","Mark Me Angels",null,16.637]
[null,null,"S",null,null,null,95,"Lisa Wernli","Babe On The Run",null,16.670000000000002]
[{"$nulls":6},4,"Billie Ann Harmon","Quigleys Fantasy",null,16.670000000000002]
[{"$nulls":6},80,"Tyler Rivette","HR Addicted Ta Fame",null,16.696000000000002]
[null,null,"S",null,null,null,89,"Lynn Saunders","chumly",null,16.7]
[null,null,"A",null,null,null,128,"Jennifer Abbott","Wendal Jackson",null,16.736000000000001]
[{"$nulls":6},198,"Lauren Merica","GoGo Romeo",null,16.739999999999998]
[{"$nulls":6},173,"Mary Sanders","Firewater Dulux",null,16.751000000000001]
[{"$nulls":6},110,"Paige Dawson",null,null,16.774999999999999,"3D 1st",593.91999999999996]
[{"$nulls":6},66,"Camelia Jenkins","Trigger",null,16.779,"3D 2nd",491.52]
[{"$nulls":6},39,"Mandi Boychuk","Dixies Outlaw",null,16.808,"3D 4th",286.72000000000003]
[{"$nulls":6},140,"Rylan Heller",null,null,16.817,"3D 5th",184.32]
[{"$nulls":6},75,"Sydney Swatsell","Smalls",null,16.818999999999999,"3D 6th",102.4]
[{"$nulls":6},192,"Bobbie Stone","Six Dashes Of Perk",null,16.835000000000001]
[null,null,"A",null,null,null,155,"Randi Roberts","Dashin With The Best",null,16.835999999999999]
[null,null,"A",null,null,null,68,"Brooke Kelley","No Bueno Karma",null,16.849]
[{"$nulls":6},127,"Raney Nelson","Stonee Bug Leo",null,16.850000000000001]
[{"$nulls":6},144,"April Pride","SFW Frosty Firewater",null,16.850000000000001]
[{"$nulls":6},36,"Jo Fisher",null,null,16.856000000000002]
[{"$nulls":6},112,"Bailey Donahoo","AR Boot Scootin Star",null,16.87]
[{"$nulls":6},138,"April Flook","Spratts Twerp",null,16.885999999999999]
[{"$nulls":6},145,"Misty Peek","Amos",null,16.887]
[{"$nulls":6},44,"Caitlin Loomis","Gold Mines Quien",null,16.893000000000001]
[null,"X",null,null,"X","X",19,"Cienna Jacobsen","Straight Up Smooth",null,16.905000000000001]
[{"$nulls":6},150,"Samanta Grimsley","DFS Special Sambo",null,16.905999999999999]
[{"$nulls":6},101,"Trudy Bazzell","Votivo",null,16.913]
[{"$nulls":6},26,"Shantell Hayes",null,null,16.952999999999999]
[{"$nulls":6},21,"Kerrie Cannon","Patch",null,16.963000000000001]
[null,null,"A",null,null,null,64,"Lauren Kelly","Frenchmans Dial",null,16.963999999999999]
[{"$nulls":6},55,"Maggie Pytlik","Rhett",null,16.966999999999999]
[null,null,"A",null,null,null,227,"Candice Jammer","Big Girl",null,16.975999999999999]
[{"$nulls":6},166,"Savannah Lindau","Separatist Paddy",null,16.989000000000001]
[{"$nulls":6},9,"Kyra Boling","Cheri Catt",null,16.991]
[{"$nulls":6},195,"Caitlyn Schievink","KN Mojito Over Rocks",null,17.015999999999998]
[null,null,"S",null,null,null,27,"Simone Elmore","Mitey Moon Dash",null,17.024000000000001]
[{"$nulls":6},175,"Michayla Schmitt","KN Fabulous On Top",null,17.03]
[{"$nulls":6},18,"Lylan Corey","Honey Boon Lilly",null,17.045000000000002]
[null,null,"A",null,null,null,176,"Kylee Butts","Remin Party Girl",null,17.050999999999998]
[{"$nulls":6},117,"Cassidy Borges",null,null,17.074999999999999]
[{"$nulls":6},119,"Kylyn Baker","Premo",null,17.088000000000001]
[null,null,"A",null,null,null,30,"Jennifer Abbott","Blazin Wagon",null,17.103000000000002]
[{"$nulls":6},25,"Martie Shockley","Spraklin French Wine",null,17.103000000000002]
[{"$nulls":4},"X","X",231,"Lila Jardine",null,null,17.14]
[{"$nulls":6},17,"Lindsay Bullard","KD Baby Driver",null,17.140999999999998]
[{"$nulls":6},114,"Gretchen Goedeken","Fine Whatever",null,17.149000000000001]
[{"$nulls":6},15,"Krista Wynn","CM Bodee Bullion",null,17.164000000000001]
[{"$nulls":6},121,"Aerial Eggers","SN Apollo",null,17.169]
[{"$nulls":6},113,"Jessie Domann","Pepto Lights",null,17.193999999999999]
[{"$nulls":6},32,"Katie Garcia",null,null,17.206]
[null,null,"S",null,null,null,189,"Jo Kirby","Shez Fast For Cash",null,17.219000000000001]
[{"$nulls":6},148,"Stevie Perkins","A Fun Frenchman",null,17.22]
[{"$nulls":6},120,"Perry McMillan","Mac",null,17.231000000000002]
[{"$nulls":6},12,"Camelia Jenkins","Groove",null,17.248999999999999]
[{"$nulls":6},43,"Billie Ann Harmon","Famous Disco Bugs",null,17.248999999999999]
[{"$nulls":6},98,"Jaidyn Ornelas","Sizzle Stick",null,17.254000000000001]
[{"$nulls":6},20,"Lee Ann Guilkey","Junior",null,17.262,"4D 1st",445.43999999999994]
[null,null,"A",null,null,null,2,"Katie Kapanick","Pistol Packin Lark",null,17.28,"4D 2nd",368.64]
[{"$nulls":6},8,"Jill Haworth","What a Anne Oakley",null,17.289000000000001,"4D 3rd",291.84000000000003]
[null,null,"A",null,null,null,230,"Randi Roberts","Frost On My Nick Bar",null,17.312999999999999,"4D 4th",215.04000000000002]
[null,null,"A",null,null,null,115,"Megan McKerchie","Corona",null,17.321000000000002,"4D 5th",138.24]
[{"$nulls":4},"X","X",79,"Kaylee Lehrmann","KL Dashing Shine",null,17.347000000000001,"4D 6th",76.800000000000011]
[{"$nulls":6},56,"Lisa Jo Velliquette","Namgis D 44",null,17.353999999999999]
[null,null,"A",null,null,null,65,"Pete Oen","Joseys Agouta",null,17.388999999999999]
[{"$nulls":6},5,"Jessie Domann","My Chromie By Design",null,17.391999999999999]
[null,null,"A",null,null,null,83,"Katie Swanson","RB A Streakin",null,17.422000000000001]
[{"$nulls":6},87,"Lauren Howe","Eddies Frosted Corona",null,17.425000000000001]
[{"$nulls":6},105,"Sarah Rau","Sexy",null,17.446000000000002]
[{"$nulls":6},154,"Kristy Scribner","Ricky",null,17.460999999999999]
[{"$nulls":6},161,"Gretchen Goedeken","Spot",null,17.498999999999999]
[{"$nulls":6},29,"KC Daragan","Pritzi Streakin Dash",null,17.532]
[{"$nulls":6},191,"Bailey Donahoo",null,null,17.597000000000001]
[{"$nulls":6},171,"April Pride","Don’t Call Me Hank",null,17.61]
[null,null,"S",null,null,null,126,"Debra Cooper",null,null,17.625]
[{"$nulls":6},107,"Alexis Dieckman","SB Smoke On The Water",null,17.626999999999999]
[{"$nulls":6},88,"Katie Garcia",null,null,17.63]
[null,null,"S",null,null,null,31,"Jolene Jones","THC Super Bully",null,17.631]
[{"$nulls":6},177,"Samanta Grimsley","Panama Dual",null,17.643999999999998]
[null,null,"S",null,null,null,188,"Karen Hancock","Just Another Streak",null,17.695]
[null,null,"A",null,null,null,132,"Erin Mantz","Docabid",null,17.728999999999999]
[{"$nulls":6},96,"Alexi Schaapveld","Spendy By Design",null,17.745999999999999]
[{"$nulls":4},"X","X",213,"Jo Lindenfeld","Jackie",null,17.760999999999999,"5D 1st",296.95999999999998]
[{"$nulls":6},146,"Sarah Rau",null,null,17.774999999999999,"5D 2nd",245.76]
[{"$nulls":6},180,"Bill Barber","Tyke",null,17.821999999999999,"5D 3rd",194.56]
[{"$nulls":6},139,"Debrah McLeod",null,null,17.878,"5D 4th",143.36000000000001]
[{"$nulls":6},92,"Perry McMillan","My Rock Of Love",null,17.88,"5D 5th",92.16]
[{"$nulls":5},"X",157,"Olivia Martin","Dollar",null,17.962,"5D 6th",51.2]
[{"$nulls":6},165,"Abigail Wicker","So Guys Top Stick",null,17.981000000000002]
[{"$nulls":6},159,"Holly Pritchard",null,null,17.988]
[{"$nulls":6},183,"Heather Glover","Peps Diamond Hickory",null,18.001000000000001]
[{"$nulls":6},111,"Jacy Mathis","Cisco",null,18.03]
[null,null,"S",null,null,null,94,"Judy McReynolds","Genuine Honey",null,18.042999999999999]
[{"$nulls":6},57,"Krista Wynn","TBR Streak Of Perks",null,18.146000000000001]
[{"$nulls":6},71,"Anisa Coates","Blazin Nike",null,18.181999999999999]
[{"$nulls":6},200,"Bailey Davis","Scooter",null,18.274999999999999]
[{"$nulls":6},50,"Jaidyn Ornelas",null,null,18.309000000000001]
[{"$nulls":6},214,"Jenna Graf","Sadies Iceman",null,18.382999999999999]
[{"$nulls":5},"X",109,"Olivia Martin","Casper",null,18.492000000000001]
[{"$nulls":6},163,"Richard Moore","RT Miss Drifter 315",null,18.515999999999998]
[null,null,"A",null,null,null,167,"Riley Welch","Shortcake",null,18.867999999999999]
[{"$nulls":6},174,"Tiffany Davis","Who's Joe",null,18.93]
[{"$nulls":6},137,"Kelsey Ornelas","Boom Boom",null,18.954000000000001]
[{"$nulls":6},160,"Jim McKinney","Amos",null,18.978000000000002]
[{"$nulls":6},228,"Abigail Wicker","Silk Or Satin",null,25.32]
[null,"X",{"$nulls":4},6,"Wyatt Paul","FC Strait Cajun",null,915.73900000000003]
[null,null,"A",null,null,null,1,"Pete Oen","Margarita Red Rita",null,915.87199999999996]
[{"$nulls":6},185,"Jeannie McKee","Streak Of Pleasure",null,916.06200000000001]
[{"$nulls":4},"X","X",93,"Hadley Durfey","Ivy",null,916.47799999999995]
[null,null,"S",null,null,null,123,"Jodi Stovall","Frenchie",null,916.5]
[{"$nulls":6},40,"Emily Holder","Lions Share Of Cash",null,916.54100000000005]
[{"$nulls":6},196,"Kathy Muehlen","Pay Me First",null,916.55700000000002]
[{"$nulls":6},23,"Lacy Kimball","Stayabay",null,916.57]
[{"$nulls":6},125,"Gabbie Grothe","Dun Wrangled A Star",null,916.57100000000003]
[{"$nulls":6},62,"Krista Whitley","Plain Jane Bully",null,916.577]
[{"$nulls":6},215,"Taryn Parsonage","Jo",null,916.71500000000003]
[{"$nulls":6},59,"Rayme Jones","ND Firewater Brandy",null,916.90200000000004]
[{"$nulls":6},184,"Jenna Graf","Traffic Runaway Train",null,916.94]
[{"$nulls":4},"X","X",153,"Talon Pride","Itty Bitt Jack",null,916.94500000000005]
[null,"X",{"$nulls":4},37,"Ashley Harvey","OE Money In My Socks",null,917.05100000000004]
[null,null,"S",null,null,null,38,"Lynn Saunders","Popcorn",null,917.09500000000003]
[{"$nulls":6},202,"Bailey Marks","Tommy",null,917.11599999999999]
[{"$nulls":6},131,"Lilly Quinn","Chica",null,917.48500000000001]
[{"$nulls":5},"X",53,"Stormi Branch","Baba",null,917.81]
[{"$nulls":6},10,"Lexi Rankin","RRRFLINGMEADREAM",null,918.13599999999997]
[{"$nulls":6},60,"Alexis Malveaux","High On The Ladies",null,920.37199999999996]
[{"$nulls":6},85,"Jade Crago","Fly",null,"broken"]
[{"$nulls":6},90,"Bailey Donahoo",null,null,"broken"]
[{"$nulls":6},124,"Danielle Prather","Caught Me Shakin",null,"broken"]
[{"$nulls":6},143,"Bailey Donahoo",null,null,"broken"]
[{"$nulls":6},147,"Baylee Oleary","De Spitfire",null,"broken"]
[{"$nulls":6},212,"Michayla Schmitt","VF Blooming Stinson",null,"broken"]
[{"$nulls":6},130,"Madison Smith","Mavis",null,"nt"]
[{"$nulls":6},178,"Nisa Berry",null,null,"nt"]
[null,null,"S",null,null,null,63,"Jamey Odell","Duke",null,"scratch"]
[null,"X",{"$nulls":4},45,"Brandi Jackson","Graves Leavin Tuscon",null,"scratch"]
[{"$nulls":6},3,"Brandi Jackson","ADTS Shawne Lace",null,"scratch"]
[{"$nulls":6},22,"Lora Alexander","Frenchmanontherocks",null,"scratch"]
[{"$nulls":6},35,"Sutton Eddings","Master Splash",null,"scratch"]
[{"$nulls":6},13]
[{"$nulls":6},204]
[{"$nulls":6},205]
[{"$nulls":6},206]
[{"$nulls":6},207]
[{"$nulls":6},208]
[{"$nulls":6},209]
[{"$nulls":6},210]
[{"$nulls":6},211]
[{"$nulls":6},216]
[{"$nulls":6},217]
[{"$nulls":6},218]
[{"$nulls":6},219]
[{"$nulls":6},220]
[{"$nulls":6},221]
[{"$nulls":6},222]
[{"$nulls":6},223]
[{"$nulls":6},224]
[{"$nulls":6},225]
[{"$nulls":6},226]
[{"$nulls":6},232]
[{"$nulls":6},233]
[{"$nulls":6},234]
[{"$nulls":6},235]
[{"$nulls":6},236]
[{"$nulls":6},237]
[{"$nulls":6},238]
[{"$nulls":6},239]
[{"$nulls":6},240]
[{"$nulls":6},241]
[{"$nulls":6},242]
[{"$nulls":6},243]
[{"$nulls":6},244]
[{"$nulls":6},245]
[{"$nulls":6},246]
[{"$nulls":6},247]
[{"$nulls":6},248]
[{"$nulls":6},249]
[{"$nulls":6},250]
[{"$nulls":6},251]
[{"$nulls":6},252]
[{"$nulls":6},253]
[{"$nulls":6},254]
[{"$nulls":6},255]
[{"$nulls":6},256]
[{"$nulls":6},257]
[{"$nulls":6},258]
[{"$nulls":6},259]
[{"$nulls":6},260]
[{"$nulls":6},261]
[{"$nulls":6},262]
[{"$nulls":6},263]
[{"$nulls":6},264]
[{"$nulls":6},265]
[{"$nulls":6},266]
[{"$nulls":6},267]
[{"$nulls":6},268]
[{"$nulls":6},269]
[{"$nulls":6},270]
[{"$nulls":6},271]
[{"$nulls":6},272]
[{"$nulls":6},273]
[{"$nulls":6},274]
[{"$nulls":6},275]
[{"$nulls":6},276]
[{"$nulls":6},277]
[{"$nulls":6},278]
[{"$nulls":6},279]
[{"$nulls":6},280]
[{"$nulls":6},281]
[{"$nulls":6},282]
[{"$nulls":6},283]
[{"$nulls":6},284]
[{"$nulls":6},285]
[{"$nulls":6},286]
[{"$nulls":6},287]
[{"$nulls":6},288]
[{"$nulls":6},289]
[{"$nulls":6},290]
[{"$nulls":6},291]
[{"$nulls":6},292]
[{"$nulls":6},293]
[{"$nulls":6},294]
[{"$nulls":6},295]
[{"$nulls":6},296]
[{"$nulls":6},297]
[{"$nulls":6},298]
[{"$nulls":6},299]
[{"$nulls":6},300]
[{"$nulls":6},301]
[{"$nulls":6},302]
[{"$nulls":6},303]
[{"$nulls":6},304]
[{"$nulls":6},305]
[{"$nulls":6},306]
[{"$nulls":6},307]
[{"$nulls":6},308]
[{"$nulls":6},309]
[{"$nulls":6},310]
[{"$nulls":6},311]
[{"$nulls":6},312]
[{"$nulls":6},313]
[{"$nulls":6},314]
[{"$nulls":6},315]
[{"$nulls":6},316]
[{"$nulls":6},317]
[{"$nulls":6},318]
[{"$nulls":6},319]
[{"$nulls":6},320]
[{"$nulls":6},321]
[{"$nulls":6},322]
[{"$nulls":6},323]
[{"$nulls":6},324]
[{"$nulls":6},325]
[{"$nulls":6},326]
[{"$nulls":6},327]
[{"$nulls":6},328]
[{"$nulls":6},329]
[{"$nulls":6},330]
[{"$nulls":6},331]
[{"$nulls":6},332]
[{"$nulls":6},333]
[{"$nulls":6},334]
[{"$nulls":6},335]
[{"$nulls":6},336]
[{"$nulls":6},337]
[{"$nulls":6},338]
[{"$nulls":6},339]
[{"$nulls":6},340]
[{"$nulls":6},341]
[{"$nulls":6},342]
[{"$nulls":6},343]
[{"$nulls":6},344]
[{"$nulls":6},345]
[{"$nulls":6},346]
[{"$nulls":6},347]
[{"$nulls":6},348]
[{"$nulls":6},349]
[{"$nulls":6},350]
[{"$nulls":6},351]
[{"$nulls":6},352]
[{"$nulls":6},353]
[{"$nulls":6},354]
[{"$nulls":6},355]
[{"$nulls":6},356]
[{"$nulls":6},357]
[{"$nulls":6},358]
[{"$nulls":6},359]
[{"$nulls":6},360]
[{"$nulls":6},361]
[{"$nulls":6},362]
[{"$nulls":6},363]
[{"$nulls":6},364]
[{"$nulls":6},365]
[{"$nulls":6},366]
[{"$nulls":6},367]
[{"$nulls":6},368]
[{"$nulls":6},369]
[{"$nulls":6},370]
[{"$nulls":6},371]
[{"$nulls":6},372]
[{"$nulls":6},373]
[{"$nulls":6},374]
[{"$nulls":6},375]
[{"$nulls":6},376]
[{"$nulls":6},377]
[{"$nulls":6},378]
[{"$nulls":6},379]
[{"$nulls":6},380]
[{"$nulls":6},381]
[{"$nulls":6},382]
[{"$nulls":6},383]
[{"$nulls":6},384]
[{"$nulls":6},385]
[{"$nulls":6},386]
[{"$nulls":6},387]
[{"$nulls":6},388]
[{"$nulls":6},389]
[{"$nulls":6},390]
[{"$nulls":6},391]
[{"$nulls":6},392]
[{"$nulls":6},393]
[{"$nulls":6},394]
[{"$nulls":6},395]
[{"$nulls":6},396]
[{"$nulls":6},397]
[{"$nulls":6},398]
[{"$nulls":6},399]
[{"$nulls":6},400]
[{"$nulls":6},401]
[{"$nulls":6},402]
[{"$nulls":6},403]
[{"$nulls":6},404]
[{"$nulls":6},405]
[{"$nulls":6},406]
[{"$nulls":6},407]
[{"$nulls":6},408]
[{"$nulls":6},409]
[{"$nulls":6},410]
[{"$nulls":6},411]
[{"$nulls":6},412]
[{"$nulls":6},413]
[{"$nulls":6},414]
[{"$nulls":6},415]
[{"$nulls":6},416]
[{"$nulls":6},417]
[{"$nulls":6},418]
[{"$nulls":6},419]
[{"$nulls":6},420]
[{"$nulls":6},421]
[{"$nulls":6},422]
[{"$nulls":6},423]
[{"$nulls":6},424]
[{"$nulls":6},425]
[{"$nulls":6},426]
[{"$nulls":6},427]
[{"$nulls":6},428]
[{"$nulls":6},429]
[{"$nulls":6},430]
[{"$nulls":6},431]
[{"$nulls":6},432]
[{"$nulls":6},433]
[{"$nulls":6},434]
[{"$nulls":6},435]
[{"$nulls":6},436]
[{"$nulls":6},437]
[{"$nulls":6},438]
[{"$nulls":6},439]
[{"$nulls":6},440]
[{"$nulls":6},441]
[{"$nulls":6},442]
[{"$nulls":6},443]
[{"$nulls":6},444]
[{"$nulls":6},445]
[{"$nulls":6},446]
[{"$nulls":6},447]
[{"$nulls":6},448]
[{"$nulls":6},449]
[{"$nulls":6},450]
[{"$nulls":6},451]
[{"$nulls":6},452]
[{"$nulls":6},453]
[{"$nulls":6},454]
[{"$nulls":6},455]
[{"$nulls":6},456]
[{"$nulls":6},457]
[{"$nulls":6},458]
[{"$nulls":6},459]
[{"$nulls":6},460]
[{"$nulls":6},461]
[{"$nulls":6},462]
[{"$nulls":6},463]
[{"$nulls":6},464]
[{"$nulls":6},465]
[{"$nulls":6},466]
[{"$nulls":6},467]
[{"$nulls":6},468]
[{"$nulls":6},469]
[{"$nulls":6},470]
[{"$nulls":6},471]
[{"$nulls":6},472]
[{"$nulls":6},473]
[{"$nulls":6},474]
[{"$nulls":6},475]
[{"$nulls":6},476]
[{"$nulls":6},477]
[{"$nulls":6},478]
[{"$nulls":6},479]
[{"$nulls":6},480]
[{"$nulls":6},481]
[{"$nulls":6},482]
[{"$nulls":6},483]
[{"$nulls":6},484]
[{"$nulls":6},485]
[{"$nulls":6},486]
[{"$nulls":6},487]
[{"$nulls":6},488]
[{"$nulls":6},489]
[{"$nulls":6},490]
[{"$nulls":6},491]
[{"$nulls":6},492]
[{"$nulls":6},493]
[{"$nulls":6},494]
[{"$nulls":6},495]
[{"$nulls":6},496]
[{"$nulls":6},497]
[{"$nulls":6},498]
[{"$nulls":6},499]
[{"$nulls":6},500]

{"sheet":"Senior","index":1,"n_rows":301,"n_cols":10,"rows_kept":301,"cut":false,"hidden":false,"merged":[]}
["Futurity","Der","Senior","BBR","Draw","Rider Name","Horse Name","Time","Placing","Money Earned"]
[{"$nulls":4},1,"Lisa Wernli","Flashs Fine Effort",16.096,"1D 1st",112]
[{"$nulls":4},2,"Julie Hardcastle","RCJ See Here Now",16.207999999999998]
[{"$nulls":4},3,"Tammy Rokus","Mitey Confederate",16.323]
[{"$nulls":4},4,"Amy Swan","Boons Prescription",16.414000000000001]
[{"$nulls":4},5,"Kimberly Teague","Best Ta Fame",16.600000000000001,"2D 1st",96]
[{"$nulls":4},6,"Jolene Jones","Mark Me Angels",16.637]
[{"$nulls":4},7,"Lisa Wernli","Babe On The Run",16.670000000000002]
[{"$nulls":4},8,"Lynn Saunders","chumly",16.7]
[{"$nulls":4},9,"Simone Elmore","Mitey Moon Dash",17.024000000000001]
[{"$nulls":4},10,"Jo Kirby","Shez Fast For Cash",17.219000000000001,"3D 1st",64]
[{"$nulls":4},11,"Debra Cooper",null,17.625,"4D 1st",48]
[{"$nulls":4},12,"Jolene Jones","THC Super Bully",17.631]
[{"$nulls":4},13,"Karen Hancock","Just Another Streak",17.695]
[{"$nulls":4},14,"Judy McReynolds","Genuine Honey",18.042999999999999]
[{"$nulls":4},15,"Jodi Stovall","Frenchie",916.5]
[{"$nulls":4},16,"Lynn Saunders","Popcorn",917.09500000000003]
[{"$nulls":4},17]
[{"$nulls":4},18]
[{"$nulls":4},19]
[{"$nulls":4},20]
[{"$nulls":4},21]
[{"$nulls":4},22]
[{"$nulls":4},23]
[{"$nulls":4},25]
[{"$nulls":4},26]
[{"$nulls":4},27]
[{"$nulls":4},28]
[{"$nulls":4},29]
[{"$nulls":4},30]
[{"$nulls":4},31]
[{"$nulls":4},32]
[{"$nulls":4},24]
[{"$nulls":4},33]
[{"$nulls":4},34]
[{"$nulls":4},35]
[{"$nulls":4},36]
[{"$nulls":4},37]
[{"$nulls":4},38]
[{"$nulls":4},39]
[{"$nulls":4},40]
[{"$nulls":4},41]
[{"$nulls":4},42]
[{"$nulls":4},43]
[{"$nulls":4},44]
[{"$nulls":4},45]
[{"$nulls":4},46]
[{"$nulls":4},47]
[{"$nulls":4},48]
[{"$nulls":4},49]
[{"$nulls":4},50]
[{"$nulls":4},51]
[{"$nulls":4},52]
[{"$nulls":4},53]
[{"$nulls":4},54]
[{"$nulls":4},55]
[{"$nulls":4},56]
[{"$nulls":4},57]
[{"$nulls":4},58]
[{"$nulls":4},59]
[{"$nulls":4},60]
[{"$nulls":4},61]
[{"$nulls":4},62]
[{"$nulls":4},63]
[{"$nulls":4},64]
[{"$nulls":4},65]
[{"$nulls":4},66]
[{"$nulls":4},67]
[{"$nulls":4},68]
[{"$nulls":4},69]
[{"$nulls":4},70]
[{"$nulls":4},71]
[{"$nulls":4},72]
[{"$nulls":4},73]
[{"$nulls":4},74]
[{"$nulls":4},75]
[{"$nulls":4},76]
[{"$nulls":4},77]
[{"$nulls":4},78]
[{"$nulls":4},79]
[{"$nulls":4},80]
[{"$nulls":4},81]
[{"$nulls":4},82]
[{"$nulls":4},83]
[{"$nulls":4},84]
[{"$nulls":4},85]
[{"$nulls":4},86]
[{"$nulls":4},87]
[{"$nulls":4},88]
[{"$nulls":4},89]
[{"$nulls":4},90]
[{"$nulls":4},91]
[{"$nulls":4},92]
[{"$nulls":4},93]
[{"$nulls":4},94]
[{"$nulls":4},95]
[{"$nulls":4},96]
[{"$nulls":4},97]
[{"$nulls":4},98]
[{"$nulls":4},99]
[{"$nulls":4},100]
[{"$nulls":4},101]
[{"$nulls":4},102]
[{"$nulls":4},103]
[{"$nulls":4},104]
[{"$nulls":4},105]
[{"$nulls":4},106]
[{"$nulls":4},107]
[{"$nulls":4},108]
[{"$nulls":4},109]
[{"$nulls":4},110]
[{"$nulls":4},111]
[{"$nulls":4},112]
[{"$nulls":4},113]
[{"$nulls":4},114]
[{"$nulls":4},115]
[{"$nulls":4},116]
[{"$nulls":4},117]
[{"$nulls":4},118]
[{"$nulls":4},119]
[{"$nulls":4},120]
[{"$nulls":4},121]
[{"$nulls":4},122]
[{"$nulls":4},123]
[{"$nulls":4},124]
[{"$nulls":4},125]
[{"$nulls":4},126]
[{"$nulls":4},127]
[{"$nulls":4},128]
[{"$nulls":4},129]
[{"$nulls":4},130]
[{"$nulls":4},131]
[{"$nulls":4},132]
[{"$nulls":4},133]
[{"$nulls":4},134]
[{"$nulls":4},135]
[{"$nulls":4},136]
[{"$nulls":4},137]
[{"$nulls":4},138]
[{"$nulls":4},139]
[{"$nulls":4},140]
[{"$nulls":4},141]
[{"$nulls":4},142]
[{"$nulls":4},143]
[{"$nulls":4},144]
[{"$nulls":4},145]
[{"$nulls":4},146]
[{"$nulls":4},147]
[{"$nulls":4},148]
[{"$nulls":4},149]
[{"$nulls":4},150]
[{"$nulls":4},151]
[{"$nulls":4},152]
[{"$nulls":4},153]
[{"$nulls":4},154]
[{"$nulls":4},155]
[{"$nulls":4},156]
[{"$nulls":4},157]
[{"$nulls":4},158]
[{"$nulls":4},159]
[{"$nulls":4},160]
[{"$nulls":4},161]
[{"$nulls":4},162]
[{"$nulls":4},163]
[{"$nulls":4},164]
[{"$nulls":4},165]
[{"$nulls":4},166]
[{"$nulls":4},167]
[{"$nulls":4},168]
[{"$nulls":4},169]
[{"$nulls":4},170]
[{"$nulls":4},171]
[{"$nulls":4},172]
[{"$nulls":4},173]
[{"$nulls":4},174]
[{"$nulls":4},175]
[{"$nulls":4},176]
[{"$nulls":4},177]
[{"$nulls":4},178]
[{"$nulls":4},179]
[{"$nulls":4},180]
[{"$nulls":4},181]
[{"$nulls":4},182]
[{"$nulls":4},183]
[{"$nulls":4},184]
[{"$nulls":4},185]
[{"$nulls":4},186]
[{"$nulls":4},187]
[{"$nulls":4},188]
[{"$nulls":4},189]
[{"$nulls":4},190]
[{"$nulls":4},191]
[{"$nulls":4},192]
[{"$nulls":4},193]
[{"$nulls":4},194]
[{"$nulls":4},195]
[{"$nulls":4},196]
[{"$nulls":4},197]
[{"$nulls":4},198]
[{"$nulls":4},199]
[{"$nulls":4},200]
[{"$nulls":4},201]
[{"$nulls":4},202]
[{"$nulls":4},203]
[{"$nulls":4},204]
[{"$nulls":4},205]
[{"$nulls":4},206]
[{"$nulls":4},207]
[{"$nulls":4},208]
[{"$nulls":4},209]
[{"$nulls":4},210]
[{"$nulls":4},211]
[{"$nulls":4},212]
[{"$nulls":4},213]
[{"$nulls":4},214]
[{"$nulls":4},215]
[{"$nulls":4},216]
[{"$nulls":4},217]
[{"$nulls":4},218]
[{"$nulls":4},219]
[{"$nulls":4},220]
[{"$nulls":4},221]
[{"$nulls":4},222]
[{"$nulls":4},223]
[{"$nulls":4},224]
[{"$nulls":4},225]
[{"$nulls":4},226]
[{"$nulls":4},227]
[{"$nulls":4},228]
[{"$nulls":4},229]
[{"$nulls":4},230]
[{"$nulls":4},231]
[{"$nulls":4},232]
[{"$nulls":4},233]
[{"$nulls":4},234]
[{"$nulls":4},235]
[{"$nulls":4},236]
[{"$nulls":4},237]
[{"$nulls":4},238]
[{"$nulls":4},239]
[{"$nulls":4},240]
[{"$nulls":4},241]
[{"$nulls":4},242]
[{"$nulls":4},243]
[{"$nulls":4},244]
[{"$nulls":4},245]
[{"$nulls":4},246]
[{"$nulls":4},247]
[{"$nulls":4},248]
[{"$nulls":4},249]
[{"$nulls":4},250]
[{"$nulls":4},251]
[{"$nulls":4},252]
[{"$nulls":4},253]
[{"$nulls":4},254]
[{"$nulls":4},255]
[{"$nulls":4},256]
[{"$nulls":4},257]
[{"$nulls":4},258]
[{"$nulls":4},259]
[{"$nulls":4},260]
[{"$nulls":4},261]
[{"$nulls":4},262]
[{"$nulls":4},263]
[{"$nulls":4},264]
[{"$nulls":4},265]
[{"$nulls":4},266]
[{"$nulls":4},267]
[{"$nulls":4},268]
[{"$nulls":4},269]
[{"$nulls":4},270]
[{"$nulls":4},271]
[{"$nulls":4},272]
[{"$nulls":4},273]
[{"$nulls":4},274]
[{"$nulls":4},275]
[{"$nulls":4},276]
[{"$nulls":4},277]
[{"$nulls":4},278]
[{"$nulls":4},279]
[{"$nulls":4},280]
[{"$nulls":4},281]
[{"$nulls":4},282]
[{"$nulls":4},283]
[{"$nulls":4},284]
[{"$nulls":4},285]
[{"$nulls":4},286]
[{"$nulls":4},287]
[{"$nulls":4},288]
[{"$nulls":4},289]
[{"$nulls":4},290]
[{"$nulls":4},291]
[{"$nulls":4},292]
[{"$nulls":4},293]
[{"$nulls":4},294]
[{"$nulls":4},295]
[{"$nulls":4},296]
[{"$nulls":4},297]
[{"$nulls":4},298]
[{"$nulls":4},299]
[{"$nulls":4},300]

{"sheet":"Adult","index":2,"n_rows":301,"n_cols":10,"rows_kept":301,"cut":false,"hidden":false,"merged":[]}
["Futurity","Der","Adult","BBR","Draw","Rider Name","Horse Name","Time","Placing","Money Earned"]
[{"$nulls":4},1,"Jamie Wilson","French Cinnamon",15.837999999999999,"1D 1st",147]
[{"$nulls":4},2,"Megan McKerchie","Ciroc",15.882,"1D 2nd",98]
[{"$nulls":4},3,"Pete Oen","VF Shes Home Alone",16.158999999999999]
[{"$nulls":4},4,"Carolina Kelly","Hesa Dashin Dreamer",16.175999999999998]
[{"$nulls":4},5,"Brian Ramirez","Holly",16.204000000000001]
[{"$nulls":4},6,"Lainie Whitmire","Bullseye Bullion",16.222000000000001]
[{"$nulls":4},7,"Megan Best","LCR Cash N Guys",16.27]
[{"$nulls":4},8,"Denny Ralls","SV Southern Comfort",16.327000000000002]
[{"$nulls":4},9,"Delaney Siebert","Guys Classy Colours",16.332000000000001]
[{"$nulls":4},10,"Jennifer Cullen","Chasin Annies Fame",16.478999999999999,"2D 1st",126]
[{"$nulls":4},11,"Jamie Wilson","KN Luna",16.54,"2D 2nd",84]
[{"$nulls":4},22,"Londyn Ross","Kicken Paco",16.548999999999999]
[{"$nulls":4},12,"Pete Oen","Unbroken Belle",16.591999999999999]
[{"$nulls":4},13,"Jennifer Abbott","Wendal Jackson",16.736000000000001]
[{"$nulls":4},14,"Kaylyn Smith","Bet She Can Fly",16.782]
[{"$nulls":4},15,"Randi Roberts","Dashin With The Best",16.835999999999999]
[{"$nulls":4},16,"Brooke Kelley","No Bueno Karma",16.849,"3D 1st",84]
[{"$nulls":4},17,"Lauren Kelly","Frenchmans Dial",16.963999999999999,"3D 2nd",56]
[{"$nulls":4},18,"Candice Jammer","Big Girl",16.975999999999999]
[{"$nulls":4},19,"Kylee Butts","Remin Party Girl",17.050999999999998]
[{"$nulls":4},20,"Jennifer Abbott","Blazin Wagon",17.103000000000002]
[{"$nulls":4},21,"Katie Kapanick","Pistol Packin Lark",17.28]
[{"$nulls":4},23,"Randi Roberts","Frost On My Nick Bar",17.312999999999999]
[{"$nulls":4},24,"Megan McKerchie","Corona",17.321000000000002]
[{"$nulls":4},25,"Pete Oen","Joseys Agouta",17.388999999999999,"4D 1st",63]
[{"$nulls":4},26,"Katie Swanson","RB A Streakin",17.422000000000001,"4D 2nd",42]
[{"$nulls":4},27,"Erin Mantz","Docabid",17.728999999999999]
[{"$nulls":4},28,"Kimberly Hulme","Happy Olena Gin",18.114000000000001]
[{"$nulls":4},29,"Riley Welch","Shortcake",18.867999999999999]
[{"$nulls":4},30,"Lainie Whitmire","Dash Ta Kill",20.5]
[{"$nulls":4},31,"Chani Graves","Im Little Bit Famous",915.55200000000002]
[{"$nulls":4},32,"Pete Oen","Margarita Red Rita",915.87199999999996]
[{"$nulls":4},33,"Pete Oen","VC GoGo Fling",915.91]
[{"$nulls":4},34,"Chani Graves","Shiney Cartel",916.05200000000002]
[{"$nulls":4},35,"Randi Roberts","Colour Chart",917.64300000000003]
[{"$nulls":4},36,"Bianca Dos Santos","Streakinlikaleo",917.70299999999997]
[{"$nulls":4},37]
[{"$nulls":4},38]
[{"$nulls":4},39]
[{"$nulls":4},40]
[{"$nulls":4},41]
[{"$nulls":4},42]
[{"$nulls":4},43]
[{"$nulls":4},44]
[{"$nulls":4},45]
[{"$nulls":4},46]
[{"$nulls":4},47]
[{"$nulls":4},48]
[{"$nulls":4},49]
[{"$nulls":4},50]
[{"$nulls":4},51]
[{"$nulls":4},52]
[{"$nulls":4},53]
[{"$nulls":4},54]
[{"$nulls":4},55]
[{"$nulls":4},56]
[{"$nulls":4},57]
[{"$nulls":4},58]
[{"$nulls":4},59]
[{"$nulls":4},60]
[{"$nulls":4},61]
[{"$nulls":4},62]
[{"$nulls":4},63]
[{"$nulls":4},64]
[{"$nulls":4},65]
[{"$nulls":4},66]
[{"$nulls":4},67]
[{"$nulls":4},68]
[{"$nulls":4},69]
[{"$nulls":4},70]
[{"$nulls":4},71]
[{"$nulls":4},72]
[{"$nulls":4},73]
[{"$nulls":4},74]
[{"$nulls":4},75]
[{"$nulls":4},76]
[{"$nulls":4},77]
[{"$nulls":4},78]
[{"$nulls":4},79]
[{"$nulls":4},80]
[{"$nulls":4},81]
[{"$nulls":4},82]
[{"$nulls":4},83]
[{"$nulls":4},84]
[{"$nulls":4},85]
[{"$nulls":4},86]
[{"$nulls":4},87]
[{"$nulls":4},88]
[{"$nulls":4},89]
[{"$nulls":4},90]
[{"$nulls":4},91]
[{"$nulls":4},92]
[{"$nulls":4},93]
[{"$nulls":4},94]
[{"$nulls":4},95]
[{"$nulls":4},96]
[{"$nulls":4},97]
[{"$nulls":4},98]
[{"$nulls":4},99]
[{"$nulls":4},100]
[{"$nulls":4},101]
[{"$nulls":4},102]
[{"$nulls":4},103]
[{"$nulls":4},104]
[{"$nulls":4},105]
[{"$nulls":4},106]
[{"$nulls":4},107]
[{"$nulls":4},108]
[{"$nulls":4},109]
[{"$nulls":4},110]
[{"$nulls":4},111]
[{"$nulls":4},112]
[{"$nulls":4},113]
[{"$nulls":4},114]
[{"$nulls":4},115]
[{"$nulls":4},116]
[{"$nulls":4},117]
[{"$nulls":4},118]
[{"$nulls":4},119]
[{"$nulls":4},120]
[{"$nulls":4},121]
[{"$nulls":4},122]
[{"$nulls":4},123]
[{"$nulls":4},124]
[{"$nulls":4},125]
[{"$nulls":4},126]
[{"$nulls":4},127]
[{"$nulls":4},128]
[{"$nulls":4},129]
[{"$nulls":4},130]
[{"$nulls":4},131]
[{"$nulls":4},132]
[{"$nulls":4},133]
[{"$nulls":4},134]
[{"$nulls":4},135]
[{"$nulls":4},136]
[{"$nulls":4},137]
[{"$nulls":4},138]
[{"$nulls":4},139]
[{"$nulls":4},140]
[{"$nulls":4},141]
[{"$nulls":4},142]
[{"$nulls":4},143]
[{"$nulls":4},144]
[{"$nulls":4},145]
[{"$nulls":4},146]
[{"$nulls":4},147]
[{"$nulls":4},148]
[{"$nulls":4},149]
[{"$nulls":4},150]
[{"$nulls":4},151]
[{"$nulls":4},152]
[{"$nulls":4},153]
[{"$nulls":4},154]
[{"$nulls":4},155]
[{"$nulls":4},156]
[{"$nulls":4},157]
[{"$nulls":4},158]
[{"$nulls":4},159]
[{"$nulls":4},160]
[{"$nulls":4},161]
[{"$nulls":4},162]
[{"$nulls":4},163]
[{"$nulls":4},164]
[{"$nulls":4},165]
[{"$nulls":4},166]
[{"$nulls":4},167]
[{"$nulls":4},168]
[{"$nulls":4},169]
[{"$nulls":4},170]
[{"$nulls":4},171]
[{"$nulls":4},172]
[{"$nulls":4},173]
[{"$nulls":4},174]
[{"$nulls":4},175]
[{"$nulls":4},176]
[{"$nulls":4},177]
[{"$nulls":4},178]
[{"$nulls":4},179]
[{"$nulls":4},180]
[{"$nulls":4},181]
[{"$nulls":4},182]
[{"$nulls":4},183]
[{"$nulls":4},184]
[{"$nulls":4},185]
[{"$nulls":4},186]
[{"$nulls":4},187]
[{"$nulls":4},188]
[{"$nulls":4},189]
[{"$nulls":4},190]
[{"$nulls":4},191]
[{"$nulls":4},192]
[{"$nulls":4},193]
[{"$nulls":4},194]
[{"$nulls":4},195]
[{"$nulls":4},196]
[{"$nulls":4},197]
[{"$nulls":4},198]
[{"$nulls":4},199]
[{"$nulls":4},200]
[{"$nulls":4},201]
[{"$nulls":4},202]
[{"$nulls":4},203]
[{"$nulls":4},204]
[{"$nulls":4},205]
[{"$nulls":4},206]
[{"$nulls":4},207]
[{"$nulls":4},208]
[{"$nulls":4},209]
[{"$nulls":4},210]
[{"$nulls":4},211]
[{"$nulls":4},212]
[{"$nulls":4},213]
[{"$nulls":4},214]
[{"$nulls":4},215]
[{"$nulls":4},216]
[{"$nulls":4},217]
[{"$nulls":4},218]
[{"$nulls":4},219]
[{"$nulls":4},220]
[{"$nulls":4},221]
[{"$nulls":4},222]
[{"$nulls":4},223]
[{"$nulls":4},224]
[{"$nulls":4},225]
[{"$nulls":4},226]
[{"$nulls":4},227]
[{"$nulls":4},228]
[{"$nulls":4},229]
[{"$nulls":4},230]
[{"$nulls":4},231]
[{"$nulls":4},232]
[{"$nulls":4},233]
[{"$nulls":4},234]
[{"$nulls":4},235]
[{"$nulls":4},236]
[{"$nulls":4},237]
[{"$nulls":4},238]
[{"$nulls":4},239]
[{"$nulls":4},240]
[{"$nulls":4},241]
[{"$nulls":4},242]
[{"$nulls":4},243]
[{"$nulls":4},244]
[{"$nulls":4},245]
[{"$nulls":4},246]
[{"$nulls":4},247]
[{"$nulls":4},248]
[{"$nulls":4},249]
[{"$nulls":4},250]
[{"$nulls":4},251]
[{"$nulls":4},252]
[{"$nulls":4},253]
[{"$nulls":4},254]
[{"$nulls":4},255]
[{"$nulls":4},256]
[{"$nulls":4},257]
[{"$nulls":4},258]
[{"$nulls":4},259]
[{"$nulls":4},260]
[{"$nulls":4},261]
[{"$nulls":4},262]
[{"$nulls":4},263]
[{"$nulls":4},264]
[{"$nulls":4},265]
[{"$nulls":4},266]
[{"$nulls":4},267]
[{"$nulls":4},268]
[{"$nulls":4},269]
[{"$nulls":4},270]
[{"$nulls":4},271]
[{"$nulls":4},272]
[{"$nulls":4},273]
[{"$nulls":4},274]
[{"$nulls":4},275]
[{"$nulls":4},276]
[{"$nulls":4},277]
[{"$nulls":4},278]
[{"$nulls":4},279]
[{"$nulls":4},280]
[{"$nulls":4},281]
[{"$nulls":4},282]
[{"$nulls":4},283]
[{"$nulls":4},284]
[{"$nulls":4},285]
[{"$nulls":4},286]
[{"$nulls":4},287]
[{"$nulls":4},288]
[{"$nulls":4},289]
[{"$nulls":4},290]
[{"$nulls":4},291]
[{"$nulls":4},292]
[{"$nulls":4},293]
[{"$nulls":4},294]
[{"$nulls":4},295]
[{"$nulls":4},296]
[{"$nulls":4},297]
[{"$nulls":4},298]
[{"$nulls":4},299]
[{"$nulls":4},300]

{"sheet":"Youth","index":3,"n_rows":301,"n_cols":10,"rows_kept":301,"cut":false,"hidden":false,"merged":[]}
["Futurity","Der","Youth","BBR","Draw","Rider Name","Horse Name","Time","Placing","Money Earned"]
[{"$nulls":4},1,"Lila Jardine",null,16.286999999999999,"1D 1st",127]
[{"$nulls":4},2,"Jo Lindenfeld","Dash Ta Zevi",16.32]
[{"$nulls":4},3,"Hevenli Scribner","JSH Lucky Bottom Roy",16.449000000000002]
[{"$nulls":4},4,"Tristan Bowles","Short Okie Lena",16.486999999999998]
[{"$nulls":4},5,"Cienna Jacobsen","Straight Up Smooth",16.905000000000001,"2D 1st",109]
[{"$nulls":4},6,"Lila Jardine",null,17.14]
[{"$nulls":4},7,"Kaylee Lehrmann","KL Dashing Shine",17.347000000000001,"3D 1st",73]
[{"$nulls":4},8,"Jo Lindenfeld","Jackie",17.760999999999999]
[{"$nulls":4},9,"Olivia Martin","Dollar",17.962,"4D 1st",55]
[{"$nulls":4},10,"Olivia Martin","Casper",18.492000000000001]
[{"$nulls":4},11,"Hadley Durfey","Ivy",916.47799999999995]
[{"$nulls":4},12,"Talon Pride","Itty Bitt Jack",916.94500000000005]
[{"$nulls":4},13,"Stormi Branch","Baba",917.81]
[{"$nulls":4},14]
[{"$nulls":4},15]
[{"$nulls":4},16]
[{"$nulls":4},17]
[{"$nulls":4},18]
[{"$nulls":4},19]
[{"$nulls":4},20]
[{"$nulls":4},21]
[{"$nulls":4},22]
[{"$nulls":4},23]
[{"$nulls":4},24]
[{"$nulls":4},25]
[{"$nulls":4},26]
[{"$nulls":4},27]
[{"$nulls":4},28]
[{"$nulls":4},29]
[{"$nulls":4},30]
[{"$nulls":4},31]
[{"$nulls":4},32]
[{"$nulls":4},33]
[{"$nulls":4},34]
[{"$nulls":4},35]
[{"$nulls":4},36]
[{"$nulls":4},37]
[{"$nulls":4},38]
[{"$nulls":4},39]
[{"$nulls":4},40]
[{"$nulls":4},41]
[{"$nulls":4},42]
[{"$nulls":4},43]
[{"$nulls":4},44]
[{"$nulls":4},45]
[{"$nulls":4},46]
[{"$nulls":4},47]
[{"$nulls":4},48]
[{"$nulls":4},49]
[{"$nulls":4},50]
[{"$nulls":4},51]
[{"$nulls":4},52]
[{"$nulls":4},53]
[{"$nulls":4},54]
[{"$nulls":4},55]
[{"$nulls":4},56]
[{"$nulls":4},57]
[{"$nulls":4},58]
[{"$nulls":4},59]
[{"$nulls":4},60]
[{"$nulls":4},61]
[{"$nulls":4},62]
[{"$nulls":4},63]
[{"$nulls":4},64]
[{"$nulls":4},65]
[{"$nulls":4},66]
[{"$nulls":4},67]
[{"$nulls":4},68]
[{"$nulls":4},69]
[{"$nulls":4},70]
[{"$nulls":4},71]
[{"$nulls":4},72]
[{"$nulls":4},73]
[{"$nulls":4},74]
[{"$nulls":4},75]
[{"$nulls":4},76]
[{"$nulls":4},77]
[{"$nulls":4},78]
[{"$nulls":4},79]
[{"$nulls":4},80]
[{"$nulls":4},81]
[{"$nulls":4},82]
[{"$nulls":4},83]
[{"$nulls":4},84]
[{"$nulls":4},85]
[{"$nulls":4},86]
[{"$nulls":4},87]
[{"$nulls":4},88]
[{"$nulls":4},89]
[{"$nulls":4},90]
[{"$nulls":4},91]
[{"$nulls":4},92]
[{"$nulls":4},93]
[{"$nulls":4},94]
[{"$nulls":4},95]
[{"$nulls":4},96]
[{"$nulls":4},97]
[{"$nulls":4},98]
[{"$nulls":4},99]
[{"$nulls":4},100]
[{"$nulls":4},101]
[{"$nulls":4},102]
[{"$nulls":4},103]
[{"$nulls":4},104]
[{"$nulls":4},105]
[{"$nulls":4},106]
[{"$nulls":4},107]
[{"$nulls":4},108]
[{"$nulls":4},109]
[{"$nulls":4},110]
[{"$nulls":4},111]
[{"$nulls":4},112]
[{"$nulls":4},113]
[{"$nulls":4},114]
[{"$nulls":4},115]
[{"$nulls":4},116]
[{"$nulls":4},117]
[{"$nulls":4},118]
[{"$nulls":4},119]
[{"$nulls":4},120]
[{"$nulls":4},121]
[{"$nulls":4},122]
[{"$nulls":4},123]
[{"$nulls":4},124]
[{"$nulls":4},125]
[{"$nulls":4},126]
[{"$nulls":4},127]
[{"$nulls":4},128]
[{"$nulls":4},129]
[{"$nulls":4},130]
[{"$nulls":4},131]
[{"$nulls":4},132]
[{"$nulls":4},133]
[{"$nulls":4},134]
[{"$nulls":4},135]
[{"$nulls":4},136]
[{"$nulls":4},137]
[{"$nulls":4},138]
[{"$nulls":4},139]
[{"$nulls":4},140]
[{"$nulls":4},141]
[{"$nulls":4},142]
[{"$nulls":4},143]
[{"$nulls":4},144]
[{"$nulls":4},145]
[{"$nulls":4},146]
[{"$nulls":4},147]
[{"$nulls":4},148]
[{"$nulls":4},149]
[{"$nulls":4},150]
[{"$nulls":4},151]
[{"$nulls":4},152]
[{"$nulls":4},153]
[{"$nulls":4},154]
[{"$nulls":4},155]
[{"$nulls":4},156]
[{"$nulls":4},157]
[{"$nulls":4},158]
[{"$nulls":4},159]
[{"$nulls":4},160]
[{"$nulls":4},161]
[{"$nulls":4},162]
[{"$nulls":4},163]
[{"$nulls":4},164]
[{"$nulls":4},165]
[{"$nulls":4},166]
[{"$nulls":4},167]
[{"$nulls":4},168]
[{"$nulls":4},169]
[{"$nulls":4},170]
[{"$nulls":4},171]
[{"$nulls":4},172]
[{"$nulls":4},173]
[{"$nulls":4},174]
[{"$nulls":4},175]
[{"$nulls":4},176]
[{"$nulls":4},177]
[{"$nulls":4},178]
[{"$nulls":4},179]
[{"$nulls":4},180]
[{"$nulls":4},181]
[{"$nulls":4},182]
[{"$nulls":4},183]
[{"$nulls":4},184]
[{"$nulls":4},185]
[{"$nulls":4},186]
[{"$nulls":4},187]
[{"$nulls":4},188]
[{"$nulls":4},189]
[{"$nulls":4},190]
[{"$nulls":4},191]
[{"$nulls":4},192]
[{"$nulls":4},193]
[{"$nulls":4},194]
[{"$nulls":4},195]
[{"$nulls":4},196]
[{"$nulls":4},197]
[{"$nulls":4},198]
[{"$nulls":4},199]
[{"$nulls":4},200]
[{"$nulls":4},201]
[{"$nulls":4},202]
[{"$nulls":4},203]
[{"$nulls":4},204]
[{"$nulls":4},205]
[{"$nulls":4},206]
[{"$nulls":4},207]
[{"$nulls":4},208]
[{"$nulls":4},209]
[{"$nulls":4},210]
[{"$nulls":4},211]
[{"$nulls":4},212]
[{"$nulls":4},213]
[{"$nulls":4},214]
[{"$nulls":4},215]
[{"$nulls":4},216]
[{"$nulls":4},217]
[{"$nulls":4},218]
[{"$nulls":4},219]
[{"$nulls":4},220]
[{"$nulls":4},221]
[{"$nulls":4},222]
[{"$nulls":4},223]
[{"$nulls":4},224]
[{"$nulls":4},225]
[{"$nulls":4},226]
[{"$nulls":4},227]
[{"$nulls":4},228]
[{"$nulls":4},229]
[{"$nulls":4},230]
[{"$nulls":4},231]
[{"$nulls":4},232]
[{"$nulls":4},233]
[{"$nulls":4},234]
[{"$nulls":4},235]
[{"$nulls":4},236]
[{"$nulls":4},237]
[{"$nulls":4},238]
[{"$nulls":4},239]
[{"$nulls":4},240]
[{"$nulls":4},241]
[{"$nulls":4},242]
[{"$nulls":4},243]
[{"$nulls":4},244]
[{"$nulls":4},245]
[{"$nulls":4},246]
[{"$nulls":4},247]
[{"$nulls":4},248]
[{"$nulls":4},249]
[{"$nulls":4},250]
[{"$nulls":4},251]
[{"$nulls":4},252]
[{"$nulls":4},253]
[{"$nulls":4},254]
[{"$nulls":4},255]
[{"$nulls":4},256]
[{"$nulls":4},257]
[{"$nulls":4},258]
[{"$nulls":4},259]
[{"$nulls":4},260]
[{"$nulls":4},261]
[{"$nulls":4},262]
[{"$nulls":4},263]
[{"$nulls":4},264]
[{"$nulls":4},265]
[{"$nulls":4},266]
[{"$nulls":4},267]
[{"$nulls":4},268]
[{"$nulls":4},269]
[{"$nulls":4},270]
[{"$nulls":4},271]
[{"$nulls":4},272]
[{"$nulls":4},273]
[{"$nulls":4},274]
[{"$nulls":4},275]
[{"$nulls":4},276]
[{"$nulls":4},277]
[{"$nulls":4},278]
[{"$nulls":4},279]
[{"$nulls":4},280]
[{"$nulls":4},281]
[{"$nulls":4},282]
[{"$nulls":4},283]
[{"$nulls":4},284]
[{"$nulls":4},285]
[{"$nulls":4},286]
[{"$nulls":4},287]
[{"$nulls":4},288]
[{"$nulls":4},289]
[{"$nulls":4},290]
[{"$nulls":4},291]
[{"$nulls":4},292]
[{"$nulls":4},293]
[{"$nulls":4},294]
[{"$nulls":4},295]
[{"$nulls":4},296]
[{"$nulls":4},297]
[{"$nulls":4},298]
[{"$nulls":4},299]
[{"$nulls":4},300]

{"sheet":"Derby","index":4,"n_rows":299,"n_cols":10,"rows_kept":299,"cut":false,"hidden":false,"merged":[]}
["Futurity","Derby","Age Inct.","BBR","Draw","Rider Name","Horse Name","Time","Placing","Money Earned"]
[{"$nulls":4},1,"Pete Oen","VF Shes Home Alone",16.158999999999999,"1st",192]
[{"$nulls":4},2,"Tyler Rivette","Flingin Roses",16.187999999999999,"2nd",128]
[{"$nulls":4},3,"Jennifer Cullen","Chasin Annies Fame",16.478999999999999]
[{"$nulls":4},4,"Jamie Wilson","KN Luna",16.54]
[{"$nulls":4},5,"Cienna Jacobsen","Straight Up Smooth",16.905000000000001]
[{"$nulls":4},6,"Wyatt Paul","FC Strait Cajun",915.73900000000003]
[{"$nulls":4},7,"Pete Oen","VC GoGo Fling",915.91]
[{"$nulls":4},8,"Ashley Harvey","OE Money In My Socks",917.05100000000004]
[{"$nulls":4},9]
[{"$nulls":4},10]
[{"$nulls":4},11]
[{"$nulls":4},12]
[{"$nulls":4},13]
[{"$nulls":4},14]
[{"$nulls":4},15]
[{"$nulls":4},16]
[{"$nulls":4},17]
[{"$nulls":4},18]
[{"$nulls":4},19]
[{"$nulls":4},20]
[{"$nulls":4},23]
[{"$nulls":4},24]
[{"$nulls":4},25]
[{"$nulls":4},26]
[{"$nulls":4},27]
[{"$nulls":4},28]
[{"$nulls":4},29]
[{"$nulls":4},30]
[{"$nulls":4},31]
[{"$nulls":4},32]
[{"$nulls":4},33]
[{"$nulls":4},34]
[{"$nulls":4},35]
[{"$nulls":4},36]
[{"$nulls":4},37]
[{"$nulls":4},38]
[{"$nulls":4},39]
[{"$nulls":4},40]
[{"$nulls":4},41]
[{"$nulls":4},42]
[{"$nulls":4},43]
[{"$nulls":4},44]
[{"$nulls":4},45]
[{"$nulls":4},46]
[{"$nulls":4},47]
[{"$nulls":4},48]
[{"$nulls":4},49]
[{"$nulls":4},50]
[{"$nulls":4},51]
[{"$nulls":4},52]
[{"$nulls":4},53]
[{"$nulls":4},54]
[{"$nulls":4},55]
[{"$nulls":4},56]
[{"$nulls":4},57]
[{"$nulls":4},58]
[{"$nulls":4},59]
[{"$nulls":4},60]
[{"$nulls":4},61]
[{"$nulls":4},62]
[{"$nulls":4},63]
[{"$nulls":4},64]
[{"$nulls":4},65]
[{"$nulls":4},66]
[{"$nulls":4},67]
[{"$nulls":4},68]
[{"$nulls":4},69]
[{"$nulls":4},70]
[{"$nulls":4},71]
[{"$nulls":4},72]
[{"$nulls":4},73]
[{"$nulls":4},74]
[{"$nulls":4},75]
[{"$nulls":4},76]
[{"$nulls":4},77]
[{"$nulls":4},78]
[{"$nulls":4},79]
[{"$nulls":4},80]
[{"$nulls":4},81]
[{"$nulls":4},82]
[{"$nulls":4},83]
[{"$nulls":4},84]
[{"$nulls":4},85]
[{"$nulls":4},86]
[{"$nulls":4},87]
[{"$nulls":4},88]
[{"$nulls":4},89]
[{"$nulls":4},90]
[{"$nulls":4},91]
[{"$nulls":4},92]
[{"$nulls":4},93]
[{"$nulls":4},94]
[{"$nulls":4},95]
[{"$nulls":4},96]
[{"$nulls":4},97]
[{"$nulls":4},98]
[{"$nulls":4},99]
[{"$nulls":4},100]
[{"$nulls":4},101]
[{"$nulls":4},102]
[{"$nulls":4},103]
[{"$nulls":4},104]
[{"$nulls":4},105]
[{"$nulls":4},106]
[{"$nulls":4},107]
[{"$nulls":4},108]
[{"$nulls":4},109]
[{"$nulls":4},110]
[{"$nulls":4},111]
[{"$nulls":4},112]
[{"$nulls":4},113]
[{"$nulls":4},114]
[{"$nulls":4},115]
[{"$nulls":4},116]
[{"$nulls":4},117]
[{"$nulls":4},118]
[{"$nulls":4},119]
[{"$nulls":4},120]
[{"$nulls":4},121]
[{"$nulls":4},122]
[{"$nulls":4},123]
[{"$nulls":4},124]
[{"$nulls":4},125]
[{"$nulls":4},126]
[{"$nulls":4},127]
[{"$nulls":4},128]
[{"$nulls":4},129]
[{"$nulls":4},130]
[{"$nulls":4},131]
[{"$nulls":4},132]
[{"$nulls":4},133]
[{"$nulls":4},134]
[{"$nulls":4},135]
[{"$nulls":4},136]
[{"$nulls":4},137]
[{"$nulls":4},138]
[{"$nulls":4},139]
[{"$nulls":4},140]
[{"$nulls":4},141]
[{"$nulls":4},142]
[{"$nulls":4},143]
[{"$nulls":4},144]
[{"$nulls":4},145]
[{"$nulls":4},146]
[{"$nulls":4},147]
[{"$nulls":4},148]
[{"$nulls":4},149]
[{"$nulls":4},150]
[{"$nulls":4},151]
[{"$nulls":4},152]
[{"$nulls":4},153]
[{"$nulls":4},154]
[{"$nulls":4},155]
[{"$nulls":4},156]
[{"$nulls":4},157]
[{"$nulls":4},158]
[{"$nulls":4},159]
[{"$nulls":4},160]
[{"$nulls":4},161]
[{"$nulls":4},162]
[{"$nulls":4},163]
[{"$nulls":4},164]
[{"$nulls":4},165]
[{"$nulls":4},166]
[{"$nulls":4},167]
[{"$nulls":4},168]
[{"$nulls":4},169]
[{"$nulls":4},170]
[{"$nulls":4},171]
[{"$nulls":4},172]
[{"$nulls":4},173]
[{"$nulls":4},174]
[{"$nulls":4},175]
[{"$nulls":4},176]
[{"$nulls":4},177]
[{"$nulls":4},178]
[{"$nulls":4},179]
[{"$nulls":4},180]
[{"$nulls":4},181]
[{"$nulls":4},182]
[{"$nulls":4},183]
[{"$nulls":4},184]
[{"$nulls":4},185]
[{"$nulls":4},186]
[{"$nulls":4},187]
[{"$nulls":4},188]
[{"$nulls":4},189]
[{"$nulls":4},190]
[{"$nulls":4},191]
[{"$nulls":4},192]
[{"$nulls":4},193]
[{"$nulls":4},194]
[{"$nulls":4},195]
[{"$nulls":4},196]
[{"$nulls":4},197]
[{"$nulls":4},198]
[{"$nulls":4},199]
[{"$nulls":4},200]
[{"$nulls":4},201]
[{"$nulls":4},202]
[{"$nulls":4},203]
[{"$nulls":4},204]
[{"$nulls":4},205]
[{"$nulls":4},206]
[{"$nulls":4},207]
[{"$nulls":4},208]
[{"$nulls":4},209]
[{"$nulls":4},210]
[{"$nulls":4},211]
[{"$nulls":4},212]
[{"$nulls":4},213]
[{"$nulls":4},214]
[{"$nulls":4},215]
[{"$nulls":4},216]
[{"$nulls":4},217]
[{"$nulls":4},218]
[{"$nulls":4},219]
[{"$nulls":4},220]
[{"$nulls":4},221]
[{"$nulls":4},222]
[{"$nulls":4},223]
[{"$nulls":4},224]
[{"$nulls":4},225]
[{"$nulls":4},226]
[{"$nulls":4},227]
[{"$nulls":4},228]
[{"$nulls":4},229]
[{"$nulls":4},230]
[{"$nulls":4},231]
[{"$nulls":4},232]
[{"$nulls":4},233]
[{"$nulls":4},234]
[{"$nulls":4},235]
[{"$nulls":4},236]
[{"$nulls":4},237]
[{"$nulls":4},238]
[{"$nulls":4},239]
[{"$nulls":4},240]
[{"$nulls":4},241]
[{"$nulls":4},242]
[{"$nulls":4},243]
[{"$nulls":4},244]
[{"$nulls":4},245]
[{"$nulls":4},246]
[{"$nulls":4},247]
[{"$nulls":4},248]
[{"$nulls":4},249]
[{"$nulls":4},250]
[{"$nulls":4},251]
[{"$nulls":4},252]
[{"$nulls":4},253]
[{"$nulls":4},254]
[{"$nulls":4},255]
[{"$nulls":4},256]
[{"$nulls":4},257]
[{"$nulls":4},258]
[{"$nulls":4},259]
[{"$nulls":4},260]
[{"$nulls":4},261]
[{"$nulls":4},262]
[{"$nulls":4},263]
[{"$nulls":4},264]
[{"$nulls":4},265]
[{"$nulls":4},266]
[{"$nulls":4},267]
[{"$nulls":4},268]
[{"$nulls":4},269]
[{"$nulls":4},270]
[{"$nulls":4},271]
[{"$nulls":4},272]
[{"$nulls":4},273]
[{"$nulls":4},274]
[{"$nulls":4},275]
[{"$nulls":4},276]
[{"$nulls":4},277]
[{"$nulls":4},278]
[{"$nulls":4},279]
[{"$nulls":4},280]
[{"$nulls":4},281]
[{"$nulls":4},282]
[{"$nulls":4},283]
[{"$nulls":4},284]
[{"$nulls":4},285]
[{"$nulls":4},286]
[{"$nulls":4},287]
[{"$nulls":4},288]
[{"$nulls":4},289]
[{"$nulls":4},290]
[{"$nulls":4},291]
[{"$nulls":4},292]
[{"$nulls":4},293]
[{"$nulls":4},294]
[{"$nulls":4},295]
[{"$nulls":4},296]
[{"$nulls":4},297]
[{"$nulls":4},298]
[{"$nulls":4},299]
[{"$nulls":4},300]

{"sheet":"High Stakes","index":5,"n_rows":301,"n_cols":10,"rows_kept":301,"cut":false,"hidden":false,"merged":[]}
["HS","Der","Age Inct.","BBR","Draw","Rider Name","Horse Name","Time","Placing","Money Earned"]
[{"$nulls":4},1,"Tyler Rivette","Streakin Flingin Disco",15.858000000000001,"1st",440]
[{"$nulls":4},2,"Megan McKerchie","Ciroc",15.882,"2nd",264]
[{"$nulls":4},3,"Carolina Kelly","Hesa Dashin Dreamer",16.175999999999998,"3rd",176]
[{"$nulls":4},4,"Tyler Rivette","Flingin Roses",16.187999999999999]
[{"$nulls":4},5,"Lainie Whitmire","Bullseye Bullion",16.222000000000001]
[{"$nulls":4},6,"Tristan Bowles","Short Okie Lena",16.486999999999998]
[{"$nulls":4},7,"Jamie Wilson","KN Luna",16.54]
[{"$nulls":4},8,"Lainie Whitmire","Dash Ta Kill",20.5]
[{"$nulls":4},9,"Chani Graves","Im Little Bit Famous",915.55200000000002]
[{"$nulls":4},10,"Pete Oen","VC GoGo Fling",915.91]
[{"$nulls":4},11,"Chani Graves","Shiney Cartel",916.05200000000002]
[{"$nulls":4},12]
[{"$nulls":4},13]
[{"$nulls":4},14]
[{"$nulls":4},15]
[{"$nulls":4},16]
[{"$nulls":4},17]
[{"$nulls":4},18]
[{"$nulls":4},19]
[{"$nulls":4},20]
[{"$nulls":4},21]
[{"$nulls":4},22]
[{"$nulls":4},23]
[{"$nulls":4},24]
[{"$nulls":4},25]
[{"$nulls":4},26]
[{"$nulls":4},27]
[{"$nulls":4},28]
[{"$nulls":4},29]
[{"$nulls":4},30]
[{"$nulls":4},31]
[{"$nulls":4},32]
[{"$nulls":4},33]
[{"$nulls":4},34]
[{"$nulls":4},35]
[{"$nulls":4},36]
[{"$nulls":4},37]
[{"$nulls":4},38]
[{"$nulls":4},39]
[{"$nulls":4},40]
[{"$nulls":4},41]
[{"$nulls":4},42]
[{"$nulls":4},43]
[{"$nulls":4},44]
[{"$nulls":4},45]
[{"$nulls":4},46]
[{"$nulls":4},47]
[{"$nulls":4},48]
[{"$nulls":4},49]
[{"$nulls":4},50]
[{"$nulls":4},51]
[{"$nulls":4},52]
[{"$nulls":4},53]
[{"$nulls":4},54]
[{"$nulls":4},55]
[{"$nulls":4},56]
[{"$nulls":4},57]
[{"$nulls":4},58]
[{"$nulls":4},59]
[{"$nulls":4},60]
[{"$nulls":4},61]
[{"$nulls":4},62]
[{"$nulls":4},63]
[{"$nulls":4},64]
[{"$nulls":4},65]
[{"$nulls":4},66]
[{"$nulls":4},67]
[{"$nulls":4},68]
[{"$nulls":4},69]
[{"$nulls":4},70]
[{"$nulls":4},71]
[{"$nulls":4},72]
[{"$nulls":4},73]
[{"$nulls":4},74]
[{"$nulls":4},75]
[{"$nulls":4},76]
[{"$nulls":4},77]
[{"$nulls":4},78]
[{"$nulls":4},79]
[{"$nulls":4},80]
[{"$nulls":4},81]
[{"$nulls":4},82]
[{"$nulls":4},83]
[{"$nulls":4},84]
[{"$nulls":4},85]
[{"$nulls":4},86]
[{"$nulls":4},87]
[{"$nulls":4},88]
[{"$nulls":4},89]
[{"$nulls":4},90]
[{"$nulls":4},91]
[{"$nulls":4},92]
[{"$nulls":4},93]
[{"$nulls":4},94]
[{"$nulls":4},95]
[{"$nulls":4},96]
[{"$nulls":4},97]
[{"$nulls":4},98]
[{"$nulls":4},99]
[{"$nulls":4},100]
[{"$nulls":4},101]
[{"$nulls":4},102]
[{"$nulls":4},103]
[{"$nulls":4},104]
[{"$nulls":4},105]
[{"$nulls":4},106]
[{"$nulls":4},107]
[{"$nulls":4},108]
[{"$nulls":4},109]
[{"$nulls":4},110]
[{"$nulls":4},111]
[{"$nulls":4},112]
[{"$nulls":4},113]
[{"$nulls":4},114]
[{"$nulls":4},115]
[{"$nulls":4},116]
[{"$nulls":4},117]
[{"$nulls":4},118]
[{"$nulls":4},119]
[{"$nulls":4},120]
[{"$nulls":4},121]
[{"$nulls":4},122]
[{"$nulls":4},123]
[{"$nulls":4},124]
[{"$nulls":4},125]
[{"$nulls":4},126]
[{"$nulls":4},127]
[{"$nulls":4},128]
[{"$nulls":4},129]
[{"$nulls":4},130]
[{"$nulls":4},131]
[{"$nulls":4},132]
[{"$nulls":4},133]
[{"$nulls":4},134]
[{"$nulls":4},135]
[{"$nulls":4},136]
[{"$nulls":4},137]
[{"$nulls":4},138]
[{"$nulls":4},139]
[{"$nulls":4},140]
[{"$nulls":4},141]
[{"$nulls":4},142]
[{"$nulls":4},143]
[{"$nulls":4},144]
[{"$nulls":4},145]
[{"$nulls":4},146]
[{"$nulls":4},147]
[{"$nulls":4},148]
[{"$nulls":4},149]
[{"$nulls":4},150]
[{"$nulls":4},151]
[{"$nulls":4},152]
[{"$nulls":4},153]
[{"$nulls":4},154]
[{"$nulls":4},155]
[{"$nulls":4},156]
[{"$nulls":4},157]
[{"$nulls":4},158]
[{"$nulls":4},159]
[{"$nulls":4},160]
[{"$nulls":4},161]
[{"$nulls":4},162]
[{"$nulls":4},163]
[{"$nulls":4},164]
[{"$nulls":4},165]
[{"$nulls":4},166]
[{"$nulls":4},167]
[{"$nulls":4},168]
[{"$nulls":4},169]
[{"$nulls":4},170]
[{"$nulls":4},171]
[{"$nulls":4},172]
[{"$nulls":4},173]
[{"$nulls":4},174]
[{"$nulls":4},175]
[{"$nulls":4},176]
[{"$nulls":4},177]
[{"$nulls":4},178]
[{"$nulls":4},179]
[{"$nulls":4},180]
[{"$nulls":4},181]
[{"$nulls":4},182]
[{"$nulls":4},183]
[{"$nulls":4},184]
[{"$nulls":4},185]
[{"$nulls":4},186]
[{"$nulls":4},187]
[{"$nulls":4},188]
[{"$nulls":4},189]
[{"$nulls":4},190]
[{"$nulls":4},191]
[{"$nulls":4},192]
[{"$nulls":4},193]
[{"$nulls":4},194]
[{"$nulls":4},195]
[{"$nulls":4},196]
[{"$nulls":4},197]
[{"$nulls":4},198]
[{"$nulls":4},199]
[{"$nulls":4},200]
[{"$nulls":4},201]
[{"$nulls":4},202]
[{"$nulls":4},203]
[{"$nulls":4},204]
[{"$nulls":4},205]
[{"$nulls":4},206]
[{"$nulls":4},207]
[{"$nulls":4},208]
[{"$nulls":4},209]
[{"$nulls":4},210]
[{"$nulls":4},211]
[{"$nulls":4},212]
[{"$nulls":4},213]
[{"$nulls":4},214]
[{"$nulls":4},215]
[{"$nulls":4},216]
[{"$nulls":4},217]
[{"$nulls":4},218]
[{"$nulls":4},219]
[{"$nulls":4},220]
[{"$nulls":4},221]
[{"$nulls":4},222]
[{"$nulls":4},223]
[{"$nulls":4},224]
[{"$nulls":4},225]
[{"$nulls":4},226]
[{"$nulls":4},227]
[{"$nulls":4},228]
[{"$nulls":4},229]
[{"$nulls":4},230]
[{"$nulls":4},231]
[{"$nulls":4},232]
[{"$nulls":4},233]
[{"$nulls":4},234]
[{"$nulls":4},235]
[{"$nulls":4},236]
[{"$nulls":4},237]
[{"$nulls":4},238]
[{"$nulls":4},239]
[{"$nulls":4},240]
[{"$nulls":4},241]
[{"$nulls":4},242]
[{"$nulls":4},243]
[{"$nulls":4},244]
[{"$nulls":4},245]
[{"$nulls":4},246]
[{"$nulls":4},247]
[{"$nulls":4},248]
[{"$nulls":4},249]
[{"$nulls":4},250]
[{"$nulls":4},251]
[{"$nulls":4},252]
[{"$nulls":4},253]
[{"$nulls":4},254]
[{"$nulls":4},255]
[{"$nulls":4},256]
[{"$nulls":4},257]
[{"$nulls":4},258]
[{"$nulls":4},259]
[{"$nulls":4},260]
[{"$nulls":4},261]
[{"$nulls":4},262]
[{"$nulls":4},263]
[{"$nulls":4},264]
[{"$nulls":4},265]
[{"$nulls":4},266]
[{"$nulls":4},267]
[{"$nulls":4},268]
[{"$nulls":4},269]
[{"$nulls":4},270]
[{"$nulls":4},271]
[{"$nulls":4},272]
[{"$nulls":4},273]
[{"$nulls":4},274]
[{"$nulls":4},275]
[{"$nulls":4},276]
[{"$nulls":4},277]
[{"$nulls":4},278]
[{"$nulls":4},279]
[{"$nulls":4},280]
[{"$nulls":4},281]
[{"$nulls":4},282]
[{"$nulls":4},283]
[{"$nulls":4},284]
[{"$nulls":4},285]
[{"$nulls":4},286]
[{"$nulls":4},287]
[{"$nulls":4},288]
[{"$nulls":4},289]
[{"$nulls":4},290]
[{"$nulls":4},291]
[{"$nulls":4},292]
[{"$nulls":4},293]
[{"$nulls":4},294]
[{"$nulls":4},295]
[{"$nulls":4},296]
[{"$nulls":4},297]
[{"$nulls":4},298]
[{"$nulls":4},299]
[{"$nulls":4},300]

{"sheet":"Futurity","index":6,"n_rows":301,"n_cols":10,"rows_kept":301,"cut":false,"hidden":false,"merged":[]}
["Futurity","Der","Age Inct.","BBR","Draw","Rider Name","Horse Name","Time","Placing","Money Earned"]
[{"$nulls":4},1,"Jamie Wilson","French Cinnamon",15.837999999999999,"1D 1st",218]
[{"$nulls":4},2,"Kylie Bowles","Slick A Lena",15.904999999999999,null,146]
[{"$nulls":4},3,"Jessie Domann","A Dash Of Choclate",16.106999999999999]
[{"$nulls":4},4,"Kyra Boling","Shesa Heaven Sent",16.260999999999999]
[{"$nulls":4},5,"Billie Ann Harmon","Zero Judgement",16.262]
[{"$nulls":4},6,"Billie Ann Harmon","The Dungaree Moon",16.489999999999998,"2D 1st",94]
[{"$nulls":4},7,"Jessie Domann","Tres Down The Fame",16.585999999999999,"2D 2nd",50]
[{"$nulls":4},8,"Pete Oen","Unbroken Belle",16.591999999999999]
[{"$nulls":4},9,"Lauren Strough","Drifting For Dineros",16.689]
[{"$nulls":4},10,"Kaylyn Smith","Bet She Can Fly",16.782]
[{"$nulls":4},11,"Kimberly Hulme","Happy Olena Gin",18.114000000000001]
[{"$nulls":4},12,"Randi Roberts","Colour Chart",917.64300000000003]
[{"$nulls":4},13,"Bianca Dos Santos","Streakinlikaleo",917.70299999999997]
[{"$nulls":4},14]
[{"$nulls":4},15]
[{"$nulls":4},16]
[{"$nulls":4},17]
[{"$nulls":4},18]
[{"$nulls":4},19]
[{"$nulls":4},20]
[{"$nulls":4},21]
[{"$nulls":4},22]
[{"$nulls":4},23]
[{"$nulls":4},24]
[{"$nulls":4},25]
[{"$nulls":4},26]
[{"$nulls":4},27]
[{"$nulls":4},28]
[{"$nulls":4},29]
[{"$nulls":4},30]
[{"$nulls":4},31]
[{"$nulls":4},32]
[{"$nulls":4},33]
[{"$nulls":4},34]
[{"$nulls":4},35]
[{"$nulls":4},36]
[{"$nulls":4},37]
[{"$nulls":4},38]
[{"$nulls":4},39]
[{"$nulls":4},40]
[{"$nulls":4},41]
[{"$nulls":4},42]
[{"$nulls":4},43]
[{"$nulls":4},44]
[{"$nulls":4},45]
[{"$nulls":4},46]
[{"$nulls":4},47]
[{"$nulls":4},48]
[{"$nulls":4},49]
[{"$nulls":4},50]
[{"$nulls":4},51]
[{"$nulls":4},52]
[{"$nulls":4},53]
[{"$nulls":4},54]
[{"$nulls":4},55]
[{"$nulls":4},56]
[{"$nulls":4},57]
[{"$nulls":4},58]
[{"$nulls":4},59]
[{"$nulls":4},60]
[{"$nulls":4},61]
[{"$nulls":4},62]
[{"$nulls":4},63]
[{"$nulls":4},64]
[{"$nulls":4},65]
[{"$nulls":4},66]
[{"$nulls":4},67]
[{"$nulls":4},68]
[{"$nulls":4},69]
[{"$nulls":4},70]
[{"$nulls":4},71]
[{"$nulls":4},72]
[{"$nulls":4},73]
[{"$nulls":4},74]
[{"$nulls":4},75]
[{"$nulls":4},76]
[{"$nulls":4},77]
[{"$nulls":4},78]
[{"$nulls":4},79]
[{"$nulls":4},80]
[{"$nulls":4},81]
[{"$nulls":4},82]
[{"$nulls":4},83]
[{"$nulls":4},84]
[{"$nulls":4},85]
[{"$nulls":4},86]
[{"$nulls":4},87]
[{"$nulls":4},88]
[{"$nulls":4},89]
[{"$nulls":4},90]
[{"$nulls":4},91]
[{"$nulls":4},92]
[{"$nulls":4},93]
[{"$nulls":4},94]
[{"$nulls":4},95]
[{"$nulls":4},96]
[{"$nulls":4},97]
[{"$nulls":4},98]
[{"$nulls":4},99]
[{"$nulls":4},100]
[{"$nulls":4},101]
[{"$nulls":4},102]
[{"$nulls":4},103]
[{"$nulls":4},104]
[{"$nulls":4},105]
[{"$nulls":4},106]
[{"$nulls":4},107]
[{"$nulls":4},108]
[{"$nulls":4},109]
[{"$nulls":4},110]
[{"$nulls":4},111]
[{"$nulls":4},112]
[{"$nulls":4},113]
[{"$nulls":4},114]
[{"$nulls":4},115]
[{"$nulls":4},116]
[{"$nulls":4},117]
[{"$nulls":4},118]
[{"$nulls":4},119]
[{"$nulls":4},120]
[{"$nulls":4},121]
[{"$nulls":4},122]
[{"$nulls":4},123]
[{"$nulls":4},124]
[{"$nulls":4},125]
[{"$nulls":4},126]
[{"$nulls":4},127]
[{"$nulls":4},128]
[{"$nulls":4},129]
[{"$nulls":4},130]
[{"$nulls":4},131]
[{"$nulls":4},132]
[{"$nulls":4},133]
[{"$nulls":4},134]
[{"$nulls":4},135]
[{"$nulls":4},136]
[{"$nulls":4},137]
[{"$nulls":4},138]
[{"$nulls":4},139]
[{"$nulls":4},140]
[{"$nulls":4},141]
[{"$nulls":4},142]
[{"$nulls":4},143]
[{"$nulls":4},144]
[{"$nulls":4},145]
[{"$nulls":4},146]
[{"$nulls":4},147]
[{"$nulls":4},148]
[{"$nulls":4},149]
[{"$nulls":4},150]
[{"$nulls":4},151]
[{"$nulls":4},152]
[{"$nulls":4},153]
[{"$nulls":4},154]
[{"$nulls":4},155]
[{"$nulls":4},156]
[{"$nulls":4},157]
[{"$nulls":4},158]
[{"$nulls":4},159]
[{"$nulls":4},160]
[{"$nulls":4},161]
[{"$nulls":4},162]
[{"$nulls":4},163]
[{"$nulls":4},164]
[{"$nulls":4},165]
[{"$nulls":4},166]
[{"$nulls":4},167]
[{"$nulls":4},168]
[{"$nulls":4},169]
[{"$nulls":4},170]
[{"$nulls":4},171]
[{"$nulls":4},172]
[{"$nulls":4},173]
[{"$nulls":4},174]
[{"$nulls":4},175]
[{"$nulls":4},176]
[{"$nulls":4},177]
[{"$nulls":4},178]
[{"$nulls":4},179]
[{"$nulls":4},180]
[{"$nulls":4},181]
[{"$nulls":4},182]
[{"$nulls":4},183]
[{"$nulls":4},184]
[{"$nulls":4},185]
[{"$nulls":4},186]
[{"$nulls":4},187]
[{"$nulls":4},188]
[{"$nulls":4},189]
[{"$nulls":4},190]
[{"$nulls":4},191]
[{"$nulls":4},192]
[{"$nulls":4},193]
[{"$nulls":4},194]
[{"$nulls":4},195]
[{"$nulls":4},196]
[{"$nulls":4},197]
[{"$nulls":4},198]
[{"$nulls":4},199]
[{"$nulls":4},200]
[{"$nulls":4},201]
[{"$nulls":4},202]
[{"$nulls":4},203]
[{"$nulls":4},204]
[{"$nulls":4},205]
[{"$nulls":4},206]
[{"$nulls":4},207]
[{"$nulls":4},208]
[{"$nulls":4},209]
[{"$nulls":4},210]
[{"$nulls":4},211]
[{"$nulls":4},212]
[{"$nulls":4},213]
[{"$nulls":4},214]
[{"$nulls":4},215]
[{"$nulls":4},216]
[{"$nulls":4},217]
[{"$nulls":4},218]
[{"$nulls":4},219]
[{"$nulls":4},220]
[{"$nulls":4},221]
[{"$nulls":4},222]
[{"$nulls":4},223]
[{"$nulls":4},224]
[{"$nulls":4},225]
[{"$nulls":4},226]
[{"$nulls":4},227]
[{"$nulls":4},228]
[{"$nulls":4},229]
[{"$nulls":4},230]
[{"$nulls":4},231]
[{"$nulls":4},232]
[{"$nulls":4},233]
[{"$nulls":4},234]
[{"$nulls":4},235]
[{"$nulls":4},236]
[{"$nulls":4},237]
[{"$nulls":4},238]
[{"$nulls":4},239]
[{"$nulls":4},240]
[{"$nulls":4},241]
[{"$nulls":4},242]
[{"$nulls":4},243]
[{"$nulls":4},244]
[{"$nulls":4},245]
[{"$nulls":4},246]
[{"$nulls":4},247]
[{"$nulls":4},248]
[{"$nulls":4},249]
[{"$nulls":4},250]
[{"$nulls":4},251]
[{"$nulls":4},252]
[{"$nulls":4},253]
[{"$nulls":4},254]
[{"$nulls":4},255]
[{"$nulls":4},256]
[{"$nulls":4},257]
[{"$nulls":4},258]
[{"$nulls":4},259]
[{"$nulls":4},260]
[{"$nulls":4},261]
[{"$nulls":4},262]
[{"$nulls":4},263]
[{"$nulls":4},264]
[{"$nulls":4},265]
[{"$nulls":4},266]
[{"$nulls":4},267]
[{"$nulls":4},268]
[{"$nulls":4},269]
[{"$nulls":4},270]
[{"$nulls":4},271]
[{"$nulls":4},272]
[{"$nulls":4},273]
[{"$nulls":4},274]
[{"$nulls":4},275]
[{"$nulls":4},276]
[{"$nulls":4},277]
[{"$nulls":4},278]
[{"$nulls":4},279]
[{"$nulls":4},280]
[{"$nulls":4},281]
[{"$nulls":4},282]
[{"$nulls":4},283]
[{"$nulls":4},284]
[{"$nulls":4},285]
[{"$nulls":4},286]
[{"$nulls":4},287]
[{"$nulls":4},288]
[{"$nulls":4},289]
[{"$nulls":4},290]
[{"$nulls":4},291]
[{"$nulls":4},292]
[{"$nulls":4},293]
[{"$nulls":4},294]
[{"$nulls":4},295]
[{"$nulls":4},296]
[{"$nulls":4},297]
[{"$nulls":4},298]
[{"$nulls":4},299]
[{"$nulls":4},300]

{"sheet":"12 & Under","index":7,"n_rows":301,"n_cols":11,"rows_kept":301,"cut":false,"hidden":true,"merged":[]}
["Futurity","Der","Age Inct.","R/O","Draw","Rider Name","Horse Name","Time","Final Time","Placing","Money Earned"]
{"$rows_empty":31}
[{"$nulls":4},32]
[{"$nulls":4},33]
[{"$nulls":4},34]
[{"$nulls":4},35]
[{"$nulls":4},36]
[{"$nulls":4},37]
[{"$nulls":4},38]
[{"$nulls":4},39]
[{"$nulls":4},40]
[{"$nulls":4},41]
[{"$nulls":4},42]
[{"$nulls":4},43]
[{"$nulls":4},44]
[{"$nulls":4},45]
[{"$nulls":4},46]
[{"$nulls":4},47]
[{"$nulls":4},48]
[{"$nulls":4},49]
[{"$nulls":4},50]
[{"$nulls":4},51]
[{"$nulls":4},52]
[{"$nulls":4},53]
[{"$nulls":4},54]
[{"$nulls":4},55]
[{"$nulls":4},56]
[{"$nulls":4},57]
[{"$nulls":4},58]
[{"$nulls":4},59]
[{"$nulls":4},60]
[{"$nulls":4},61]
[{"$nulls":4},62]
[{"$nulls":4},63]
[{"$nulls":4},64]
[{"$nulls":4},65]
[{"$nulls":4},66]
[{"$nulls":4},67]
[{"$nulls":4},68]
[{"$nulls":4},69]
[{"$nulls":4},70]
[{"$nulls":4},71]
[{"$nulls":4},72]
[{"$nulls":4},73]
[{"$nulls":4},74]
[{"$nulls":4},75]
[{"$nulls":4},76]
[{"$nulls":4},77]
[{"$nulls":4},78]
[{"$nulls":4},79]
[{"$nulls":4},80]
[{"$nulls":4},81]
[{"$nulls":4},82]
[{"$nulls":4},83]
[{"$nulls":4},84]
[{"$nulls":4},85]
[{"$nulls":4},86]
[{"$nulls":4},87]
[{"$nulls":4},88]
[{"$nulls":4},89]
[{"$nulls":4},90]
[{"$nulls":4},91]
[{"$nulls":4},92]
[{"$nulls":4},93]
[{"$nulls":4},94]
[{"$nulls":4},95]
[{"$nulls":4},96]
[{"$nulls":4},97]
[{"$nulls":4},98]
[{"$nulls":4},99]
[{"$nulls":4},100]
[{"$nulls":4},101]
[{"$nulls":4},102]
[{"$nulls":4},103]
[{"$nulls":4},104]
[{"$nulls":4},105]
[{"$nulls":4},106]
[{"$nulls":4},107]
[{"$nulls":4},108]
[{"$nulls":4},109]
[{"$nulls":4},110]
[{"$nulls":4},111]
[{"$nulls":4},112]
[{"$nulls":4},113]
[{"$nulls":4},114]
[{"$nulls":4},115]
[{"$nulls":4},116]
[{"$nulls":4},117]
[{"$nulls":4},118]
[{"$nulls":4},119]
[{"$nulls":4},120]
[{"$nulls":4},121]
[{"$nulls":4},122]
[{"$nulls":4},123]
[{"$nulls":4},124]
[{"$nulls":4},125]
[{"$nulls":4},126]
[{"$nulls":4},127]
[{"$nulls":4},128]
[{"$nulls":4},129]
[{"$nulls":4},130]
[{"$nulls":4},131]
[{"$nulls":4},132]
[{"$nulls":4},133]
[{"$nulls":4},134]
[{"$nulls":4},135]
[{"$nulls":4},136]
[{"$nulls":4},137]
[{"$nulls":4},138]
[{"$nulls":4},139]
[{"$nulls":4},140]
[{"$nulls":4},141]
[{"$nulls":4},142]
[{"$nulls":4},143]
[{"$nulls":4},144]
[{"$nulls":4},145]
[{"$nulls":4},146]
[{"$nulls":4},147]
[{"$nulls":4},148]
[{"$nulls":4},149]
[{"$nulls":4},150]
[{"$nulls":4},151]
[{"$nulls":4},152]
[{"$nulls":4},153]
[{"$nulls":4},154]
[{"$nulls":4},155]
[{"$nulls":4},156]
[{"$nulls":4},157]
[{"$nulls":4},158]
[{"$nulls":4},159]
[{"$nulls":4},160]
[{"$nulls":4},161]
[{"$nulls":4},162]
[{"$nulls":4},163]
[{"$nulls":4},164]
[{"$nulls":4},165]
[{"$nulls":4},166]
[{"$nulls":4},167]
[{"$nulls":4},168]
[{"$nulls":4},169]
[{"$nulls":4},170]
[{"$nulls":4},171]
[{"$nulls":4},172]
[{"$nulls":4},173]
[{"$nulls":4},174]
[{"$nulls":4},175]
[{"$nulls":4},176]
[{"$nulls":4},177]
[{"$nulls":4},178]
[{"$nulls":4},179]
[{"$nulls":4},180]
[{"$nulls":4},181]
[{"$nulls":4},182]
[{"$nulls":4},183]
[{"$nulls":4},184]
[{"$nulls":4},185]
[{"$nulls":4},186]
[{"$nulls":4},187]
[{"$nulls":4},188]
[{"$nulls":4},189]
[{"$nulls":4},190]
[{"$nulls":4},191]
[{"$nulls":4},192]
[{"$nulls":4},193]
[{"$nulls":4},194]
[{"$nulls":4},195]
[{"$nulls":4},196]
[{"$nulls":4},197]
[{"$nulls":4},198]
[{"$nulls":4},199]
[{"$nulls":4},200]
[{"$nulls":4},201]
[{"$nulls":4},202]
[{"$nulls":4},203]
[{"$nulls":4},204]
[{"$nulls":4},205]
[{"$nulls":4},206]
[{"$nulls":4},207]
[{"$nulls":4},208]
[{"$nulls":4},209]
[{"$nulls":4},210]
[{"$nulls":4},211]
[{"$nulls":4},212]
[{"$nulls":4},213]
[{"$nulls":4},214]
[{"$nulls":4},215]
[{"$nulls":4},216]
[{"$nulls":4},217]
[{"$nulls":4},218]
[{"$nulls":4},219]
[{"$nulls":4},220]
[{"$nulls":4},221]
[{"$nulls":4},222]
[{"$nulls":4},223]
[{"$nulls":4},224]
[{"$nulls":4},225]
[{"$nulls":4},226]
[{"$nulls":4},227]
[{"$nulls":4},228]
[{"$nulls":4},229]
[{"$nulls":4},230]
[{"$nulls":4},231]
[{"$nulls":4},232]
[{"$nulls":4},233]
[{"$nulls":4},234]
[{"$nulls":4},235]
[{"$nulls":4},236]
[{"$nulls":4},237]
[{"$nulls":4},238]
[{"$nulls":4},239]
[{"$nulls":4},240]
[{"$nulls":4},241]
[{"$nulls":4},242]
[{"$nulls":4},243]
[{"$nulls":4},244]
[{"$nulls":4},245]
[{"$nulls":4},246]
[{"$nulls":4},247]
[{"$nulls":4},248]
[{"$nulls":4},249]
[{"$nulls":4},250]
[{"$nulls":4},251]
[{"$nulls":4},252]
[{"$nulls":4},253]
[{"$nulls":4},254]
[{"$nulls":4},255]
[{"$nulls":4},256]
[{"$nulls":4},257]
[{"$nulls":4},258]
[{"$nulls":4},259]
[{"$nulls":4},260]
[{"$nulls":4},261]
[{"$nulls":4},262]
[{"$nulls":4},263]
[{"$nulls":4},264]
[{"$nulls":4},265]
[{"$nulls":4},266]
[{"$nulls":4},267]
[{"$nulls":4},268]
[{"$nulls":4},269]
[{"$nulls":4},270]
[{"$nulls":4},271]
[{"$nulls":4},272]
[{"$nulls":4},273]
[{"$nulls":4},274]
[{"$nulls":4},275]
[{"$nulls":4},276]
[{"$nulls":4},277]
[{"$nulls":4},278]
[{"$nulls":4},279]
[{"$nulls":4},280]
[{"$nulls":4},281]
[{"$nulls":4},282]
[{"$nulls":4},283]
[{"$nulls":4},284]
[{"$nulls":4},285]
[{"$nulls":4},286]
[{"$nulls":4},287]
[{"$nulls":4},288]
[{"$nulls":4},289]
[{"$nulls":4},290]
[{"$nulls":4},291]
[{"$nulls":4},292]
[{"$nulls":4},293]
[{"$nulls":4},294]
[{"$nulls":4},295]
[{"$nulls":4},296]
[{"$nulls":4},297]
[{"$nulls":4},298]
[{"$nulls":4},299]
[{"$nulls":4},300]

{"sheet":"Future Champs","index":8,"n_rows":25,"n_cols":6,"rows_kept":25,"cut":false,"hidden":false,"merged":[[0,0,0,5]]}
["Future Champs"]
["Draw","Rider Name","Horse Name","Time","Placing","Money Earned"]
[1,"Lawson Kimball"]
[2,"Cora Lee Williams"]
[3,"Kenzie Corey","Buddy"]
[4,"Lola Parnell"]
[5,"Sophie Roberts","Rarity"]
[6]
[7,"Wyatt Williams"]
[8,"Everly Kimball"]
[9,"Jake Thornton","Henry"]
[10]
[11]
[12]
[13]
[14]
[15]
[16]
[17]
[18]
[19]
[20]
[21]
[22]
[23]

{"sheet":"BFA 2D Payout","index":9,"n_rows":52,"n_cols":6,"rows_kept":52,"cut":false,"hidden":true,"merged":[[51,0,51,4],[20,0,20,4],[28,0,28,4],[29,0,29,4],[39,0,39,4],[40,0,40,4],[25,3,26,4],[35,3,37,4],[46,3,49,4],[19,0,19,4],[0,0,0,4],[3,0,3,4],[4,0,4,4],[11,0,11,4],[12,0,12,4],[7,3,9,4],[16,3,17,4]]}
["BFA 2D Payout"]
["Entry Fee","# Entries","% Payback","Added $","  Total Payout","Each Go"]
[25,19,0.8,200,{"$f":"(A3*$C$3)*B3+D3","v":580},0.3]
[{"$nulls":5},{"$f":"$E$3*$F$3","v":174}]
["$5,000-7,500 Pays 5 Places         4 to 1D 1 to 2D"]
["Placings","1D",null,"2D"]
["1st",{"$f":"($F$4*$C$7)","v":57.42},0.33,{"$f":"$F$4*$E$7","v":12.180000000000001},7.0000000000000007E-2]
["2nd",{"$f":"$F$4*$C$8","v":46.980000000000004},0.27]
["3rd",{"$f":"$F$4*$C$9","v":34.800000000000004},0.2]
["4th",{"$f":"$F$4*$C$10","v":22.62},0.13]
["Totals",{"$f":"SUM(B7:B10)","v":161.82000000000002},null,{"$f":"SUM(D7:D10)","v":12.180000000000001},{"$f":"(C7+C8+C9+C10+E7+E8)","v":1}]
[{"$f":"B11+D11","v":174.00000000000003}]
["$7,501 - 10,000 Pays 6 Places        4 to 1D,  2 to 2D"]
["Placings","1D",null,"2D"]
["1st",{"$f":"$F$4*$C$15","v":50.459999999999994},0.28999999999999998,{"$f":"$F$4*$E$15","v":15.66},0.09]
["2nd",{"$f":"+$F$4*$C$16","v":41.76},0.24,{"$f":"F4*E16","v":8.7000000000000011},0.05]
["3rd",{"$f":"$F$4*$C$17","v":33.06},0.19]
["4th",{"$f":"$F$4*$C$18","v":24.360000000000003},0.14000000000000001]
["Totals",{"$f":"SUM(B15:B18)","v":149.64000000000001},null,{"$f":"D16+D15","v":24.36},{"$f":"SUM(C15+C16+C17+C18+E15+E16)","v":1}]
[{"$f":"D19+B19","v":174}]
["   $10,001 - $15,000 Payes 8 Places        5 to 1D, 3 to 2D"]
["Placings","1D",null,"2D"]
["1st",{"$f":"F4*C23","v":41.76},0.24,{"$f":"F4*E23","v":12.180000000000001},7.0000000000000007E-2]
["2nd",{"$f":"F4*C24","v":34.800000000000004},0.2,{"$f":"F4*E24","v":8.7000000000000011},0.05]
["3rd",{"$f":"F4*C25","v":29.580000000000002},0.17,{"$f":"F4*E25","v":6.96},0.04]
["4th",{"$f":"F4*C26","v":22.62},0.13]
["5th",{"$f":"F4*C27","v":17.400000000000002},0.1]
["Totals",{"$f":"SUM(B23:B27)","v":146.16},null,{"$f":"SUM(D23:D27)","v":27.840000000000003},{"$f":"C23+C24+C25+C26+C27+E23+E24+E25","v":1}]
[{"$f":"B28+D28","v":174}]
["$15,001 - $25,000 Payes 11 Places        7 to 1D, 4 to 2D"]
["Placings","1D",null,"2D"]
["1st",{"$f":"$F$4*C32","v":36.54},0.21,{"$f":"$F$4*E32","v":8.7000000000000011},0.05]
["2nd",{"$f":"$F$4*C33","v":31.32},0.18,{"$f":"$F$4*E33","v":6.96},0.04]
["3rd",26.099999999999998,0.15,5.22,0.03]
["4th",19.14,0.11,3.48,0.02]
["5th",13.92,0.08]
["6th",12.180000000000001,7.0000000000000007E-2]
["7th",10.44,0.06]
["Totals",{"$f":"SUM(B32:B38)","v":149.63999999999999},null,{"$f":"SUM(D32:D38)","v":24.36},{"$f":"C32+C33+C34+C35+C36+C37+C38+E32+E33+E34+E35","v":1.0000000000000002}]
[{"$f":"SUM(B39+D39)","v":174}]
["$25,001 - $35,000 Payes 12 Places          8 to 1D, 4 to 2D"]
["Placings","1D",null,"2D"]
["1st",{"$f":"$F$4*C43","v":33.06},0.19,{"$f":"$F$4*E43","v":8.7000000000000011},0.05]
["2nd",{"$f":"$F$4*C44","v":26.099999999999998},0.15,{"$f":"$F$4*E44","v":6.96},0.04]
["3rd",20.88,0.12,5.22,0.03]
["4th",17.400000000000002,0.1,3.48,0.02]
["5th",15.66,0.09]
["6th",13.92,0.08]
["7th",12.180000000000001,7.0000000000000007E-2]
["8th",10.44,0.06]
["Totals",{"$f":"SUM(B43:B50)","v":149.63999999999999},null,{"$f":"SUM(D43:D46)","v":24.36},{"$f":"C43+C44+C45+C46+C47+C48+C49+C50+E43+E44+E45+E46","v":1}]
[{"$f":"D51+B51","v":174}]

{"sheet":"2D Payout","index":10,"n_rows":76,"n_cols":5,"rows_kept":76,"cut":false,"hidden":false,"merged":[[35,0,35,4],[34,0,34,4],[28,3,28,4],[19,0,19,4],[26,0,26,4],[21,3,21,4],[13,0,13,4],[14,0,14,4],[20,0,20,4],[15,3,15,4],[27,0,27,4],[0,0,0,4],[8,0,8,4],[9,0,9,4],[3,0,3,4],[10,3,10,4],[5,3,6,3],[5,4,7,4],[36,3,36,4],[76,0,76,4],[43,0,43,4],[53,0,53,4],[65,0,65,4],[44,0,44,4],[54,0,54,4],[64,0,64,4],[45,3,45,4],[55,3,55,4],[66,3,66,4]]}
["2D Payout"]
["Entry Fee","# Entries","% Payback","Added $","  Total Payout"]
[50,13,0.8,null,{"$f":"(A3*$C$3)*B3+D3","v":520}]
[]
["% in each D",0.7,0.3,"Total % =",{"$f":"SUM(B5:C5)","v":1}]
[null,"1D","2D"]
[null,{"$f":"(($A$3*$B$3*$C$3*$B$5)+($D$3*$B$5))","v":364},{"$f":"(($A$3*$B$3*$C$3*$C$5)+($D$3*$C$5))","v":156}]
["Totals",{"$f":"SUM(B7)","v":364},{"$f":"SUM(C7)","v":156},{"$f":"SUM(B8:C8)","v":520}]
[]
["For 1-7 riders 1 place"]
["Placings","1D","2D"]
["1st",{"$f":"$B$7*$E$12","v":364},{"$f":"$C$7*$E$5","v":156},"è",1]
["Totals",{"$f":"SUM(B12:B12)","v":364},{"$f":"SUM(C12:C12)","v":156},{"$f":"SUM(B13:C13)","v":520},{"$f":"SUM(E12)","v":1}]
[]
["For 8-11 riders 2 places"]
["Placings","1D","2D"]
["1st",{"$f":"$B$7*$E$17","v":218.4},{"$f":"$C$7*$E$17","v":93.6},"è",0.6]
["2nd",{"$f":"$B$7*$E$18","v":145.6},50,"è",0.4]
["Totals",{"$f":"SUM(B17:B18)","v":364},{"$f":"SUM(C17:C18)","v":143.6},{"$f":"SUM(B19:C19)","v":507.6},{"$f":"SUM(E17:E18)","v":1}]
[]
["For 12-15 riders 3 places"]
["Placings","1D","2D"]
["1st",{"$f":"$B$7*$E$23","v":182},{"$f":"$C$7*$E$23","v":78},"è",0.5]
["2nd",{"$f":"$B$7*$E$24","v":109.2},{"$f":"$C$7*$E$24","v":46.8},"è",0.3]
["3rd",{"$f":"$B$7*$E$25","v":72.8},{"$f":"$C$7*$E$25","v":31.200000000000003},"è",0.2]
["Totals",{"$f":"SUM(B23:B25)","v":364},{"$f":"SUM(C23:C25)","v":156},{"$f":"SUM(B26:C26)","v":520},{"$f":"SUM(E23:E25)","v":1}]
[]
["For 16-19 riders 4 places"]
["Placings","1D","2D"]
["1st",{"$f":"$B$7*$E$30","v":145.6},{"$f":"$C$7*$E$30","v":62.400000000000006},"è",0.4]
["2nd",{"$f":"$B$7*$E$31","v":109.2},{"$f":"$C$7*$E$31","v":46.8},"è",0.3]
["3rd",{"$f":"$B$7*$E$32","v":72.8},{"$f":"$C$7*$E$32","v":31.200000000000003},"è",0.2]
["4th",{"$f":"$B$7*$E$33","v":36.4},{"$f":"$C$7*$E$33","v":15.600000000000001},"è",0.1]
["Totals",{"$f":"SUM(B30:B33)","v":364},{"$f":"SUM(C30:C33)","v":156},{"$f":"SUM(B34:C34)","v":520},{"$f":"SUM(E30:E33)","v":0.99999999999999989}]
[]
["For 20-23 riders 5 places"]
["Placings","1D","2D"]
["1st",{"$f":"$B$7*$E$38","v":109.2},{"$f":"$C$7*$E$38","v":46.8},"è",0.3]
["2nd",{"$f":"$B$7*$E$39","v":91},{"$f":"$C$7*$E$39","v":39},"è",0.25]
["3rd",{"$f":"$B$7*$E$40","v":72.8},{"$f":"$C$7*$E$40","v":31.200000000000003},"è",0.2]
["4th",{"$f":"$B$7*$E$41","v":54.6},{"$f":"$C$7*$E$41","v":23.4},"è",0.15]
["5th",{"$f":"$B$7*$E$42","v":36.4},{"$f":"$C$7*$E$42","v":15.600000000000001},"è",0.1]
["Totals",{"$f":"SUM(B38:B42)","v":364},{"$f":"SUM(C38:C42)","v":156},{"$f":"SUM(B43:C43)","v":520},{"$f":"SUM(E38:E42)","v":1}]
[]
["For 24-27 riders 6 places"]
["Placings","1D","2D"]
["1st",{"$f":"$B$7*$E$47","v":91},{"$f":"$C$7*$E$47","v":39},"è",0.25]
["2nd",{"$f":"$B$7*$E$48","v":72.8},{"$f":"$C$7*$E$48","v":31.200000000000003},"è",0.2]
["3rd",{"$f":"$B$7*$E$49","v":65.52},{"$f":"$C$7*$E$49","v":28.08},"è",0.18]
["4th",{"$f":"$B$7*$E$50","v":54.6},{"$f":"$C$7*$E$50","v":23.4},"è",0.15]
["5th",{"$f":"$B$7*$E$51","v":43.68},{"$f":"$C$7*$E$51","v":18.72},"è",0.12]
["6th",{"$f":"$B$7*$E$52","v":36.4},{"$f":"$C$7*$E$52","v":15.600000000000001},"è",0.1]
["Totals",{"$f":"SUM(B47:B52)","v":364},{"$f":"SUM(C47:C52)","v":156},{"$f":"SUM(B53:C53)","v":520},{"$f":"SUM(E47:E52)","v":1}]
[]
["For 28-31 riders 7 places"]
["Placings","1D","2D"]
["1st",{"$f":"$B$7*$E$57","v":80.08},{"$f":"$C$7*$E$57","v":34.32},"è",0.22]
["2nd",{"$f":"$B$7*$E$58","v":65.52},{"$f":"$C$7*$E$58","v":28.08},"è",0.18]
["3rd",{"$f":"$B$7*$E$59","v":58.24},{"$f":"$C$7*$E$59","v":24.96},"è",0.16]
["4th",{"$f":"$B$7*$E$60","v":50.960000000000008},{"$f":"$C$7*$E$60","v":21.840000000000003},"è",0.14000000000000001]
["5th",{"$f":"$B$7*$E$61","v":43.68},{"$f":"$C$7*$E$61","v":18.72},"è",0.12]
["6th",{"$f":"$B$7*$E$62","v":36.4},{"$f":"$C$7*$E$62","v":15.600000000000001},"è",0.1]
["7th",{"$f":"$B$7*$E$63","v":29.12},{"$f":"$C$7*$E$63","v":12.48},"è",0.08]
["Totals",{"$f":"SUM(B57:B63)","v":364},{"$f":"SUM(C57:C63)","v":156},{"$f":"SUM(B64:C64)","v":520},{"$f":"SUM(E57:E63)","v":1}]
[]
["For 32 or more riders 8 places"]
["Placings","1D","2D"]
["1st",{"$f":"$B$7*$E$68","v":83.72},{"$f":"$C$7*$E$68","v":35.880000000000003},"è",0.23]
["2nd",{"$f":"$B$7*$E$69","v":72.8},{"$f":"$C$7*$E$69","v":31.200000000000003},"è",0.2]
["3rd",{"$f":"$B$7*$E$70","v":61.88},{"$f":"$C$7*$E$70","v":26.520000000000003},"è",0.17]
["4th",{"$f":"$B$7*$E$71","v":50.960000000000008},{"$f":"$C$7*$E$71","v":21.840000000000003},"è",0.14000000000000001]
["5th",{"$f":"$B$7*$E$72","v":40.04},{"$f":"$C$7*$E$72","v":17.16},"è",0.11]
["6th",{"$f":"$B$7*$E$73","v":29.12},{"$f":"$C$7*$E$73","v":12.48},"è",0.08]
["7th",{"$f":"$B$7*$E$74","v":18.2},{"$f":"$C$7*$E$74","v":7.8000000000000007},"è",0.05]
["8th",{"$f":"$B$7*$E$75","v":7.28},{"$f":"$C$7*$E$75","v":3.12},"è",0.02]
["Totals",{"$f":"SUM(B68:B75)","v":364},{"$f":"SUM(C68:C75)","v":156.00000000000003},{"$f":"SUM(B76:C76)","v":520},{"$f":"SUM(E68:E75)","v":1}]

{"sheet":"3D Payout","index":11,"n_rows":76,"n_cols":6,"rows_kept":76,"cut":false,"hidden":true,"merged":[[20,0,20,5],[26,0,26,5],[65,0,65,5],[44,0,44,5],[54,0,54,5],[27,0,27,5],[35,0,35,5],[21,4,21,5],[55,4,55,5],[45,4,45,5],[36,4,36,5],[28,4,28,5],[34,0,34,5],[0,0,0,5],[3,0,3,5],[8,0,8,5],[9,0,9,5],[5,5,7,5],[5,4,6,4],[13,0,13,5],[19,0,19,5],[14,0,14,5],[15,4,15,5],[10,4,10,5],[76,0,76,5],[43,0,43,5],[53,0,53,5],[64,0,64,5],[66,4,66,5]]}
["3D Payout"]
["Entry Fee","# Entries","% Payback","$ From Entry","Added $","  Total Payout"]
[10,3,0.8,{"$f":"$A$3*$C$3*$B$3","v":24},null,{"$f":"$D$3+$E$3","v":24}]
[]
["% in each D",0.5,0.3,0.2,"Total % =",{"$f":"SUM(B5:D5)","v":1}]
[null,"1D","2D","3D"]
[null,{"$f":"(($A$3*$B$3*$C$3*$B$5)+($E$3*$B$5))","v":12},{"$f":"(($A$3*$B$3*$C$3*$C$5)+($E$3*$C$5))","v":7.1999999999999993},{"$f":"(($A$3*$B$3*$C$3*$D$5)+($E$3*$D$5))","v":4.8000000000000007}]
["Totals",{"$f":"SUM(B7)","v":12},{"$f":"SUM(C7)","v":7.1999999999999993},4.8000000000000007,{"$f":"SUM(B8:D8)","v":24}]
[]
["For 1-10 riders 1 place"]
["Placings","1D","2D","3D"]
["1st",{"$f":"$B$7*$F$12","v":12},{"$f":"$C$7*$F$12","v":7.1999999999999993},{"$f":"$D$7*$F$12","v":4.8000000000000007},"è",1]
["Totals",{"$f":"SUM(B12:B12)","v":12},{"$f":"SUM(C12:C12)","v":7.1999999999999993},{"$f":"SUM(D12:D12)","v":4.8000000000000007},{"$f":"SUM(B13:D13)","v":24},{"$f":"SUM(F12)","v":1}]
[]
["For 11-15 riders 2 places"]
["Placings","1D","2D","3D"]
["1st",{"$f":"$B$7*$F$17","v":7.1999999999999993},{"$f":"$C$7*$F$17","v":4.3199999999999994},{"$f":"$D$7*$F$17","v":2.8800000000000003},"è",0.6]
["2nd",{"$f":"$B$7*$F$18","v":4.8000000000000007},{"$f":"$C$7*$F$18","v":2.88},{"$f":"$D$7*$F$18","v":1.9200000000000004},"è",0.4]
["Totals",{"$f":"SUM(B17:B18)","v":12},{"$f":"SUM(C17:C18)","v":7.1999999999999993},{"$f":"SUM(D17:D18)","v":4.8000000000000007},{"$f":"SUM(B19:D19)","v":24},{"$f":"SUM(F17:F18)","v":1}]
[]
["For 16-30 riders 3 places"]
["Placings","1D","2D","3D"]
["1st",{"$f":"$B$7*$F$23","v":6},{"$f":"$C$7*$F$23","v":3.5999999999999996},{"$f":"$D$7*$F$23","v":2.4000000000000004},"è",0.5]
["2nd",{"$f":"$B$7*$F$24","v":3.5999999999999996},{"$f":"$C$7*$F$24","v":2.1599999999999997},{"$f":"$D$7*$F$24","v":1.4400000000000002},"è",0.3]
["3rd",{"$f":"$B$7*$F$25","v":2.4000000000000004},{"$f":"$C$7*$F$25","v":1.44},{"$f":"$D$7*$F$25","v":0.96000000000000019},"è",0.2]
["Totals",{"$f":"SUM(B23:B25)","v":12},{"$f":"SUM(C23:C25)","v":7.1999999999999993},{"$f":"SUM(D22:D25)","v":4.8000000000000007},{"$f":"SUM(B26:D26)","v":24},{"$f":"SUM(F23:F25)","v":1}]
[]
["For 31-60 riders 4 places"]
["Placings","1D","2D","3D"]
["1st",{"$f":"$B$7*$F$30","v":5.04},{"$f":"$C$7*$F$30","v":3.0239999999999996},{"$f":"$D$7*$F$30","v":2.016},"è",0.42]
["2nd",{"$f":"$B$7*$F$31","v":3.4799999999999995},{"$f":"$C$7*$F$31","v":2.0879999999999996},{"$f":"$D$7*$F$31","v":1.3920000000000001},"è",0.28999999999999998]
["3rd",{"$f":"$B$7*$F$32","v":2.2800000000000002},{"$f":"$C$7*$F$32","v":1.3679999999999999},{"$f":"$D$7*$F$32","v":0.91200000000000014},"è",0.19]
["4th",{"$f":"$B$7*$F$33","v":1.2000000000000002},{"$f":"$C$7*$F$33","v":0.72},{"$f":"$D$7*$F$33","v":0.48000000000000009},"è",0.1]
["Totals",{"$f":"SUM(B30:B33)","v":12},{"$f":"SUM(C30:C33)","v":7.1999999999999984},{"$f":"SUM(D30:D33)","v":4.8000000000000007},{"$f":"SUM(B34:D34)","v":24},{"$f":"SUM(F30:F33)","v":0.99999999999999989}]
[]
["For 61-90 riders 5 places"]
["Placings","1D","2D","3D"]
["1st",{"$f":"$B$7*$F$38","v":4.5600000000000005},{"$f":"$C$7*$F$38","v":2.7359999999999998},{"$f":"$D$7*$F$38","v":1.8240000000000003},"è",0.38]
["2nd",{"$f":"$B$7*$F$39","v":3.3600000000000003},{"$f":"$C$7*$F$39","v":2.016},{"$f":"$D$7*$F$39","v":1.3440000000000003},"è",0.28000000000000003]
["3rd",{"$f":"$B$7*$F$40","v":2.16},{"$f":"$C$7*$F$40","v":1.2959999999999998},{"$f":"$D$7*$F$40","v":0.8640000000000001},"è",0.18]
["4th",{"$f":"$B$7*$F$41","v":1.2000000000000002},{"$f":"$C$7*$F$41","v":0.72},{"$f":"$D$7*$F$41","v":0.48000000000000009},"è",0.1]
["5th",{"$f":"$B$7*$F$42","v":0.72},{"$f":"$C$7*$F$42","v":0.43199999999999994},{"$f":"$D$7*$F$42","v":0.28800000000000003},"è",0.06]
["Totals",{"$f":"SUM(B38:B42)","v":12.000000000000002},{"$f":"SUM(C38:C42)","v":7.1999999999999993},{"$f":"SUM(D38:D42)","v":4.8000000000000016},{"$f":"SUM(B43:D43)","v":24.000000000000004},{"$f":"SUM(F38:F42)","v":1}]
[]
["For 91-120 riders 6 places"]
["Placings","1D","2D","3D"]
["1st",{"$f":"$B$7*$F$47","v":4.32},{"$f":"$C$7*$F$47","v":2.5919999999999996},{"$f":"$D$7*$F$47","v":1.7280000000000002},"è",0.36]
["2nd",{"$f":"$B$7*$F$48","v":3.12},{"$f":"$C$7*$F$48","v":1.8719999999999999},{"$f":"$D$7*$F$48","v":1.2480000000000002},"è",0.26]
["3rd",{"$f":"$B$7*$F$49","v":1.92},{"$f":"$C$7*$F$49","v":1.1519999999999999},{"$f":"$D$7*$F$49","v":0.76800000000000013},"è",0.16]
["4th",{"$f":"$B$7*$F$50","v":1.2000000000000002},{"$f":"$C$7*$F$50","v":0.72},{"$f":"$D$7*$F$50","v":0.48000000000000009},"è",0.1]
["5th",{"$f":"$B$7*$F$51","v":0.84000000000000008},{"$f":"$C$7*$F$51","v":0.504},{"$f":"$D$7*$F$51","v":0.33600000000000008},"è",7.0000000000000007E-2]
["6th",{"$f":"$B$7*$F$52","v":0.60000000000000009},{"$f":"$C$7*$F$52","v":0.36},{"$f":"$D$7*$F$52","v":0.24000000000000005},"è",0.05]
["Totals",{"$f":"SUM(B47:B52)","v":11.999999999999998},{"$f":"SUM(C47:C52)","v":7.2},{"$f":"SUM(D47:D52)","v":4.8000000000000016},{"$f":"SUM(B53:D53)","v":24},{"$f":"SUM(F47:F52)","v":1}]
[]
["For 121-200 riders 7 places"]
["Placings","1D","2D","3D"]
["1st",{"$f":"$B$7*$F$57","v":3.12},{"$f":"$C$7*$F$57","v":1.8719999999999999},{"$f":"$D$7*$F$57","v":1.2480000000000002},"è",0.26]
["2nd",{"$f":"$B$7*$F$58","v":2.4000000000000004},{"$f":"$C$7*$F$58","v":1.44},{"$f":"$D$7*$F$58","v":0.96000000000000019},"è",0.2]
["3rd",{"$f":"$B$7*$F$59","v":1.7999999999999998},{"$f":"$C$7*$F$59","v":1.0799999999999998},{"$f":"$D$7*$F$59","v":0.72000000000000008},"è",0.15]
["4th",{"$f":"$B$7*$F$60","v":1.44},{"$f":"$C$7*$F$60","v":0.86399999999999988},{"$f":"$D$7*$F$60","v":0.57600000000000007},"è",0.12]
["5th",{"$f":"$B$7*$F$61","v":1.2000000000000002},{"$f":"$C$7*$F$61","v":0.72},{"$f":"$D$7*$F$61","v":0.48000000000000009},"è",0.1]
["6th",{"$f":"$B$7*$F$62","v":1.08},{"$f":"$C$7*$F$62","v":0.64799999999999991},{"$f":"$D$7*$F$62","v":0.43200000000000005},"è",0.09]
["7th",{"$f":"$B$7*$F$63","v":0.96},{"$f":"$C$7*$F$63","v":0.57599999999999996},{"$f":"$D$7*$F$63","v":0.38400000000000006},"è",0.08]
["Totals",{"$f":"SUM(B57:B63)","v":12},{"$f":"SUM(C57:C63)","v":7.1999999999999984},{"$f":"SUM(D57:D63)","v":4.8000000000000007},{"$f":"SUM(B64:D64)","v":24},{"$f":"SUM(F57:F63)","v":0.99999999999999989}]
[]
["For 201 or more riders 8 places"]
["Placings","1D","2D","3D"]
["1st",{"$f":"$B$7*0.24","v":2.88},{"$f":"$C$7*0.24","v":1.7279999999999998},{"$f":"$D$7*0.24","v":1.1520000000000001},"è",0.24]
["2nd",{"$f":"$B$7*0.18","v":2.16},{"$f":"$C$7*0.18","v":1.2959999999999998},{"$f":"$D$7*0.18","v":0.8640000000000001},"è",0.18]
["3rd",{"$f":"$B$7*0.15","v":1.7999999999999998},{"$f":"$C$7*0.15","v":1.0799999999999998},{"$f":"$D$7*0.15","v":0.72000000000000008},"è",0.15]
["4th",{"$f":"$B$7*0.12","v":1.44},{"$f":"$C$7*0.12","v":0.86399999999999988},{"$f":"$D$7*0.12","v":0.57600000000000007},"è",0.12]
["5th",{"$f":"$B$7*0.1","v":1.2000000000000002},{"$f":"$C$7*0.1","v":0.72},{"$f":"$D$7*0.1","v":0.48000000000000009},"è",0.1]
["6th",{"$f":"$B$7*0.08","v":0.96},{"$f":"$C$7*0.08","v":0.57599999999999996},{"$f":"$D$7*0.08","v":0.38400000000000006},"è",0.08]
["7th",{"$f":"$B$7*0.07","v":0.84000000000000008},{"$f":"$C$7*0.07","v":0.504},{"$f":"$D$7*0.07","v":0.33600000000000008},"è",7.0000000000000007E-2]
["8th",{"$f":"$B$7*0.06","v":0.72},{"$f":"$C$7*0.06","v":0.43199999999999994},{"$f":"$D$7*0.06","v":0.28800000000000003},"è",0.06]
["Totals",{"$f":"SUM(B68:B75)","v":12.000000000000002},{"$f":"SUM(C68:C75)","v":7.1999999999999993},{"$f":"SUM(D68:D75)","v":4.8000000000000007},{"$f":"SUM(B76:D76)","v":24.000000000000004},{"$f":"SUM(F68:F75)","v":1}]

{"sheet":"4D Payout BBR","index":12,"n_rows":172,"n_cols":7,"rows_kept":172,"cut":false,"hidden":true,"merged":[[139,0,139,6],[140,5,140,6],[79,0,79,6],[80,0,80,6],[81,5,81,6],[96,0,96,6],[97,5,97,6],[95,0,95,6],[114,0,114,6],[115,0,115,6],[55,5,55,6],[65,0,65,6],[66,0,66,6],[116,5,116,6],[138,0,138,6],[0,0,0,6],[3,0,3,6],[5,5,6,5],[5,6,7,6],[8,0,8,6],[9,0,9,6],[10,5,10,6],[13,0,13,6],[14,0,14,6],[20,0,20,6],[172,0,172,5],[21,5,21,6],[15,5,15,6],[27,0,27,6],[45,5,45,6],[54,0,54,6],[28,5,28,6],[35,0,35,6],[36,5,36,6],[44,0,44,6],[19,0,19,6],[67,5,67,6],[53,0,53,6],[43,0,43,6],[34,0,34,6],[26,0,26,6]]}
["4D Payout BBR"]
["Entry Fee","# Entries","% Payback","$ From Entry","Added $","Total Payout"]
[40,200,0.8,{"$f":"$A$3*$C$3*$B$3","v":6400},1100,{"$f":"($A$3*$C$3)*$B$3+$E$3","v":7500}]
[]
["% in each D",0.35,0.3,0.2,0.15,"Total % Payout",{"$f":"SUM(B5:E5)","v":0.99999999999999989}]
[null,"1D","2D","3D","4D"]
[null,{"$f":"(($A$3*$B$3*$C$3*0.35)+($E$3/4))","v":2515},{"$f":"(($A$3*$B$3*$C$3*0.3)+($E$3/4))","v":2195},{"$f":"(($A$3*$B$3*$C$3*0.2)+($E$3/4))","v":1555},{"$f":"(($A$3*$B$3*$C$3*0.15)+($E$3/4))","v":1235}]
["Totals",{"$f":"SUM(B7)","v":2515},{"$f":"SUM(C7)","v":2195},1555,1235,{"$f":"SUM(B8:E8)","v":7500}]
[]
["For 1-16 riders 1 place"]
["Placings","1D","2D","3D","4D"]
["1st",{"$f":"$B$7*$G$12","v":2515},{"$f":"$C$7*$G$12","v":2195},{"$f":"$D$7*$G$12","v":1555},{"$f":"$E$7*$G$12","v":1235},"è",1]
["Totals",{"$f":"SUM(B12:B12)","v":2515},{"$f":"SUM(C12:C12)","v":2195},{"$f":"SUM(D12:D12)","v":1555},{"$f":"SUM(E12:E12)","v":1235},{"$f":"SUM(B13:E13)","v":7500},{"$f":"SUM(G12)","v":1}]
[]
["For 17-33 riders 2 places"]
["Placings","1D","2D","3D","4D"]
["1st",{"$f":"$B$7*$G$17","v":1509},{"$f":"$C$7*$G$17","v":1317},{"$f":"$D$7*$G$17","v":933},{"$f":"$E$7*$G$17","v":741},"è",0.6]
["2nd",{"$f":"$B$7*$G$18","v":1006},{"$f":"$C$7*$G$18","v":878},{"$f":"$D$7*$G$18","v":622},{"$f":"$E$7*$G$18","v":494},"è",0.4]
["Totals",{"$f":"SUM(B17:B18)","v":2515},{"$f":"SUM(C17:C18)","v":2195},{"$f":"SUM(D17:D18)","v":1555},{"$f":"SUM(E17:E18)","v":1235},{"$f":"SUM(B19:E19)","v":7500},{"$f":"SUM(G17:G18)","v":1}]
[]
["For 34-66 riders 3 places"]
["Placings","1D","2D","3D","4D"]
["1st",{"$f":"$B$7*$G$23","v":1257.5},{"$f":"$C$7*$G$23","v":1097.5},{"$f":"$D$7*$G$23","v":777.5},{"$f":"$E$7*$G$23","v":617.5},"è",0.5]
["2nd",{"$f":"$B$7*$G$24","v":754.5},{"$f":"$C$7*$G$24","v":658.5},{"$f":"$D$7*$G$24","v":466.5},{"$f":"$E$7*$G$24","v":370.5},"è",0.3]
["3rd",{"$f":"$B$7*$G$25","v":503},{"$f":"$C$7*$G$25","v":439},{"$f":"$D$7*$G$25","v":311},{"$f":"$E$7*$G$25","v":247},"è",0.2]
["Totals",{"$f":"SUM(B23:B25)","v":2515},{"$f":"SUM(C23:C25)","v":2195},{"$f":"SUM(D23:D25)","v":1555},{"$f":"SUM(E23:E25)","v":1235},{"$f":"SUM(B26:E26)","v":7500},{"$f":"SUM(G23:G25)","v":1}]
[]
["For 97-95 riders 4 places"]
["Placings","1D","2D","3D","4D"]
["1st",{"$f":"$B$7*$G$30","v":1006},{"$f":"$C$7*$G$30","v":878},{"$f":"$D$7*$G$30","v":622},{"$f":"$E$7*$G$30","v":494},"è",0.4]
["2nd",{"$f":"$B$7*$G$31","v":754.5},{"$f":"$C$7*$G$31","v":658.5},{"$f":"$D$7*$G$31","v":466.5},{"$f":"$E$7*$G$31","v":370.5},"è",0.3]
["3rd",{"$f":"$B$7*$G$32","v":503},{"$f":"$C$7*$G$32","v":439},{"$f":"$D$7*$G$32","v":311},{"$f":"$E$7*$G$32","v":247},"è",0.2]
["4th",{"$f":"$B$7*$G$33","v":251.5},{"$f":"$C$7*$G$33","v":219.5},{"$f":"$D$7*$G$33","v":155.5},{"$f":"$E$7*$G$33","v":123.5},"è",0.1]
["Totals",{"$f":"SUM(B30:B33)","v":2515},{"$f":"SUM(C30:C33)","v":2195},{"$f":"SUM(D30:D33)","v":1555},{"$f":"SUM(E30:E33)","v":1235},{"$f":"SUM(B34:E34)","v":7500},{"$f":"SUM(G30:G33)","v":0.99999999999999989}]
[]
["For 96-133 riders 5 places"]
["Placings","1D","2D","3D","4D"]
["1st",{"$f":"$B$7*$G$38","v":829.95},{"$f":"$C$7*$G$38","v":724.35},{"$f":"$D$7*G38","v":513.15},{"$f":"$E$7*$G$38","v":407.55},"è",0.33]
["2nd",{"$f":"$B$7*$G$39","v":679.05000000000007},{"$f":"$C$7*$G$39","v":592.65000000000009},{"$f":"$D$7*$G$39","v":419.85},{"$f":"$E$7*$G$39","v":333.45000000000005},"è",0.27]
["3rd",{"$f":"$B$7*$G$40","v":503},{"$f":"$C$7*$G$40","v":439},{"$f":"$D$7*$G$40","v":311},{"$f":"$E$7*$G$40","v":247},"è",0.2]
["4th",{"$f":"$B$7*$G$41","v":326.95},{"$f":"$C$7*$G$41","v":285.35000000000002},{"$f":"$D$7*$G$41","v":202.15},{"$f":"$E$7*$G$41","v":160.55000000000001},"è",0.13]
["5th",{"$f":"$B$7*$G$42","v":176.05},{"$f":"$C$7*$G$42","v":153.65},{"$f":"$D$7*$G$42","v":108.85000000000001},{"$f":"$E$7*$G$42","v":86.45},"è",7.0000000000000007E-2]
["Totals",{"$f":"SUM(B38:B42)","v":2515},{"$f":"SUM(C38:C42)","v":2195},{"$f":"SUM(D38:D42)","v":1555},{"$f":"SUM(E38:E42)","v":1235},{"$f":"SUM(B43:E43)","v":7500},{"$f":"SUM(G38:G42)","v":1}]
[]
["For 134-166 riders 6 places"]
["Placings","1D","2D","3D","4D"]
["1st",{"$f":"$B$7*$G$47","v":729.34999999999991},{"$f":"$C$7*$G$47","v":636.54999999999995},{"$f":"$D$7*$G$47","v":450.95},{"$f":"$E$7*$G$47","v":358.15},"è",0.28999999999999998]
["2nd",{"$f":"$B$7*$G$48","v":603.6},{"$f":"$C$7*$G$48","v":526.79999999999995},{"$f":"$D$7*$G$48","v":373.2},{"$f":"$E$7*$G$48","v":296.39999999999998},"è",0.24]
["3rd",{"$f":"$B$7*$G$49","v":477.85},{"$f":"$C$7*$G$49","v":417.05},{"$f":"$D$7*$G$49","v":295.45},{"$f":"$E$7*$G$49","v":234.65},"è",0.19]
["4th",{"$f":"$B$7*$G$50","v":352.1},{"$f":"$C$7*$G$50","v":307.3},{"$f":"$D$7*$G$50","v":217.70000000000002},{"$f":"$E$7*$G$50","v":172.9},"è",0.14000000000000001]
["5th",{"$f":"$B$7*$G$51","v":226.35},{"$f":"$C$7*$G$51","v":197.54999999999998},{"$f":"$D$7*$G$51","v":139.94999999999999},{"$f":"$E$7*$G$51","v":111.14999999999999},"è",0.09]
["6th",{"$f":"$B$7*$G$52","v":125.75},{"$f":"$C$7*$G$52","v":109.75},{"$f":"$D$7*$G$52","v":77.75},{"$f":"$E$7*$G$52","v":61.75},"è",0.05]
["Totals",{"$f":"SUM(B47:B52)","v":2514.9999999999995},{"$f":"SUM(C47:C52)","v":2195},{"$f":"SUM(D47:D52)","v":1555},{"$f":"SUM(E47:E52)","v":1235},{"$f":"SUM(B53:E53)","v":7500},{"$f":"SUM(G47:G52)","v":1}]
[]
["For 167-222 riders 8 places"]
["Placings","1D","2D","3D","4D"]
["1st",{"$f":"$B$7*$G$57","v":603.6},{"$f":"$C$7*$G$57","v":526.79999999999995},{"$f":"$D$7*$G$57","v":373.2},{"$f":"$E$7*$G$57","v":296.39999999999998},"è",0.24]
["2nd",{"$f":"$B$7*$G$58","v":503},{"$f":"$C$7*$G$58","v":439},{"$f":"$D$7*$G$58","v":311},{"$f":"$E$7*$G$58","v":247},"è",0.2]
["3rd",{"$f":"$B$7*$G$59","v":427.55},{"$f":"$C$7*$G$59","v":373.15000000000003},{"$f":"$D$7*$G$59","v":264.35000000000002},{"$f":"$E$7*$G$59","v":209.95000000000002},"è",0.17]
["4th",{"$f":"$B$7*$G$60","v":326.95},{"$f":"$C$7*$G$60","v":285.35000000000002},{"$f":"$D$7*$G$60","v":202.15},{"$f":"$E$7*$G$60","v":160.55000000000001},"è",0.13]
["5th",{"$f":"$B$7*$G$61","v":251.5},{"$f":"$C$7*$G$61","v":219.5},{"$f":"$D$7*$G$61","v":155.5},{"$f":"$E$7*$G$61","v":123.5},"è",0.1]
["6th",{"$f":"$B$7*$G$62","v":176.05},{"$f":"$C$7*$G$62","v":153.65},{"$f":"$D$7*$G$62","v":108.85000000000001},{"$f":"$E$7*$G$62","v":86.45},"è",7.0000000000000007E-2]
["7th",{"$f":"$B$7*$G$63","v":125.75},{"$f":"$C$7*$G$63","v":109.75},{"$f":"$D$7*$G$63","v":77.75},{"$f":"$E$7*$G$63","v":61.75},"è",0.05]
["8th",{"$f":"$B$7*$G$64","v":100.60000000000001},{"$f":"$C$7*$G$64","v":87.8},{"$f":"$D$7*$G$64","v":62.2},{"$f":"$E$7*$G$64","v":49.4},"è",0.04]
["Totals",{"$f":"SUM(B57:B64)","v":2515},{"$f":"SUM(C57:C64)","v":2195.0000000000005},{"$f":"SUM(D57:D64)","v":1555},{"$f":"SUM(E57:E64)","v":1235.0000000000002},{"$f":"SUM(B65:E65)","v":7500},{"$f":"SUM(G57:G64)","v":1}]
[]
["For 223-333 riders 10 places"]
["Placings","1D","2D","3D","4D"]
["1st",{"$f":"$B$7*$G$69","v":528.15},{"$f":"$C$7*$G$69","v":460.95},{"$f":"$D$7*$G$69","v":326.55},{"$f":"$E$7*$G$69","v":259.34999999999997},"è",0.21]
["2nd",{"$f":"$B$7*$G$70","v":452.7},{"$f":"$C$7*$G$70","v":395.09999999999997},{"$f":"$D$7*$G$70","v":279.89999999999998},{"$f":"$E$7*$G$70","v":222.29999999999998},"è",0.18]
["3rd",{"$f":"$B$7*$G$71","v":377.25},{"$f":"$C$7*$G$71","v":329.25},{"$f":"$D$7*$G$71","v":233.25},{"$f":"$E$7*$G$71","v":185.25},"è",0.15]
["4th",{"$f":"$B$7*$G$72","v":301.8},{"$f":"$C$7*$G$72","v":263.39999999999998},{"$f":"$D$7*$G$72","v":186.6},{"$f":"$E$7*$G$72","v":148.19999999999999},"è",0.12]
["5th",{"$f":"$B$7*$G$73","v":226.35},{"$f":"$C$7*$G$73","v":197.54999999999998},{"$f":"$D$7*$G$73","v":139.94999999999999},{"$f":"$E$7*$G$73","v":111.14999999999999},"è",0.09]
["6th",{"$f":"$B$7*$G$74","v":176.05},{"$f":"$C$7*$G$74","v":153.65},{"$f":"$D$7*$G$74","v":108.85000000000001},{"$f":"$E$7*$G$74","v":86.45},"è",7.0000000000000007E-2]
["7th",{"$f":"$B$7*$G$75","v":150.9},{"$f":"$C$7*$G$75","v":131.69999999999999},{"$f":"$D$7*$G$75","v":93.3},{"$f":"$E$7*$G$75","v":74.099999999999994},"è",0.06]
["8th",{"$f":"$B$7*$G$76","v":125.75},{"$f":"$C$7*$G$76","v":109.75},{"$f":"$D$7*$G$76","v":77.75},{"$f":"$E$7*$G$76","v":61.75},"è",0.05]
["9th",{"$f":"$B$7*$G$77","v":100.60000000000001},{"$f":"$C$7*$G$77","v":87.8},{"$f":"$D$7*$G$77","v":62.2},{"$f":"$E$7*$G$77","v":49.4},"è",0.04]
["10th",{"$f":"$B$7*$G$78","v":75.45},{"$f":"$C$7*$G$78","v":65.849999999999994},{"$f":"$D$7*$G$78","v":46.65},{"$f":"$E$7*$G$78","v":37.049999999999997},"è",0.03]
["Totals",{"$f":"SUM(B69:B78)","v":2514.9999999999995},{"$f":"SUM(C69:C78)","v":2195},{"$f":"SUM(D69:D78)","v":1555},{"$f":"SUM(E69:E78)","v":1235},{"$f":"B79+C79+D79+E79","v":7500},{"$f":"SUM(G69:G78)","v":1.0000000000000002}]
[]
["For 334-500 riders 12 places"]
["Placings","1D","2D","3D","4D"]
["1st",{"$f":"$B$7*$G$83","v":477.85},{"$f":"$C$7*$G$83","v":417.05},{"$f":"$D$7*$G$83","v":295.45},{"$f":"$E$7*$G$83","v":234.65},"è",0.19]
["2nd",{"$f":"$B$7*$G$84","v":377.25},{"$f":"$C$7*$G$84","v":329.25},{"$f":"$D$7*$G$84","v":233.25},{"$f":"$E$7*$G$84","v":185.25},"è",0.15]
["3rd",{"$f":"$B$7*$G$85","v":301.8},{"$f":"$C$7*$G$85","v":263.39999999999998},{"$f":"$D$7*$G$85","v":186.6},{"$f":"$E$7*$G$85","v":148.19999999999999},"è",0.12]
["4th",{"$f":"$B$7*$G$86","v":251.5},{"$f":"$C$7*$G$86","v":219.5},{"$f":"$D$7*$G$86","v":155.5},{"$f":"$E$7*$G$86","v":123.5},"è",0.1]
["5th",{"$f":"$B$7*$G$87","v":226.35},{"$f":"$C$7*$G$87","v":197.54999999999998},{"$f":"$D$7*$G$87","v":139.94999999999999},{"$f":"$E$7*$G$87","v":111.14999999999999},"è",0.09]
["6th",{"$f":"$B$7*$G$88","v":201.20000000000002},{"$f":"$C$7*$G$88","v":175.6},{"$f":"$D$7*$G$88","v":124.4},{"$f":"$E$7*$G$88","v":98.8},"è",0.08]
["7th",{"$f":"$B$7*$G$89","v":176.05},{"$f":"$C$7*$G$89","v":153.65},{"$f":"$D$7*$G$89","v":108.85000000000001},{"$f":"$E$7*$G$89","v":86.45},"è",7.0000000000000007E-2]
["8th",{"$f":"$B$7*$G$90","v":150.9},{"$f":"$C$7*$G$90","v":131.69999999999999},{"$f":"$D$7*$G$90","v":93.3},{"$f":"$E$7*$G$90","v":74.099999999999994},"è",0.06]
["9th",{"$f":"$B$7*$G$91","v":125.75},{"$f":"$C$7*$G$91","v":109.75},{"$f":"$D$7*$G$91","v":77.75},{"$f":"$E$7*$G$91","v":61.75},"è",0.05]
["10th",{"$f":"$B$7*$G$92","v":100.60000000000001},{"$f":"$C$7*$G$92","v":87.8},{"$f":"$D$7*$G$92","v":62.2},{"$f":"$E$7*$G$92","v":49.4},"è",0.04]
["11th",{"$f":"$B$7*$G$93","v":75.45},{"$f":"$C$7*$G$93","v":65.849999999999994},{"$f":"$D$7*$G$93","v":46.65},{"$f":"$E$7*$G$93","v":37.049999999999997},"è",0.03]
["12th",{"$f":"$B$7*$G$94","v":50.300000000000004},{"$f":"$C$7*$G$94","v":43.9},{"$f":"$D$7*$G$94","v":31.1},{"$f":"$E$7*$G$94","v":24.7},"è",0.02]
["Totals",{"$f":"SUM(B83:B94)","v":2515},{"$f":"SUM(C83:C94)","v":2195},1555,1235,{"$f":"B95+C95+D95+E95","v":7500},{"$f":"SUM(G83:G94)","v":1}]
[]
["For 501-750 riders 15 places"]
["Placings","1D","2D","3D","4D"]
["1st",{"$f":"$B$7*$G$99","v":452.7},{"$f":"$C$7*$G$99","v":395.09999999999997},{"$f":"$D$7*$G$99","v":279.89999999999998},{"$f":"$E$7*$G$99","v":222.29999999999998},"è",0.18]
["2nd",{"$f":"$B$7*$G$100","v":377.25},{"$f":"$C$7*$G$100","v":329.25},{"$f":"$D$7*$G$100","v":233.25},{"$f":"$E$7*$G$100","v":185.25},"è",0.15]
["3rd",{"$f":"$B$7*$G$101","v":301.8},{"$f":"$C$7*$G$101","v":263.39999999999998},{"$f":"$D$7*$G$101","v":186.6},{"$f":"$E$7*$G$101","v":148.19999999999999},"è",0.12]
["4th",{"$f":"$B$7*$G$102","v":251.5},{"$f":"$C$7*$G$102","v":219.5},{"$f":"$D$7*$G$102","v":155.5},{"$f":"$E$7*$G$102","v":123.5},"è",0.1]
["5th",{"$f":"$B$7*$G$103","v":213.77500000000001},{"$f":"$C$7*$G$103","v":186.57500000000002},{"$f":"$D$7*$G$103","v":132.17500000000001},{"$f":"$E$7*$G$103","v":104.97500000000001},"è",8.5000000000000006E-2]
["6th",{"$f":"$B$7*$G$104","v":176.05},{"$f":"$C$7*$G$104","v":153.65},{"$f":"$D$7*$G$104","v":108.85000000000001},{"$f":"$E$7*$G$104","v":86.45},"è",7.0000000000000007E-2]
["7th",{"$f":"$B$7*$G$105","v":150.9},{"$f":"$C$7*$G$105","v":131.69999999999999},{"$f":"$D$7*$G$105","v":93.3},{"$f":"$E$7*$G$105","v":74.099999999999994},"è",0.06]
["8th",{"$f":"$B$7*$G$106","v":125.75},{"$f":"$C$7*$G$106","v":109.75},{"$f":"$D$7*$G$106","v":77.75},{"$f":"$E$7*$G$106","v":61.75},"è",0.05]
["9th",{"$f":"$B$7*$G$107","v":106.8875},{"$f":"$C$7*$G$107","v":93.287500000000009},{"$f":"$D$7*$G$107","v":66.087500000000006},{"$f":"$E$7*$G$107","v":52.487500000000004},"è",4.2500000000000003E-2]
["10th",{"$f":"$B$7*$G$108","v":88.025000000000006},{"$f":"$C$7*$G$108","v":76.825000000000003},{"$f":"$D$7*$G$108","v":54.425000000000004},{"$f":"$E$7*$G$108","v":43.225000000000001},"è",3.5000000000000003E-2]
["11th",{"$f":"$B$7*$G$109","v":75.45},{"$f":"$C$7*$G$109","v":65.849999999999994},{"$f":"$D$7*$G$109","v":46.65},{"$f":"$E$7*$G$109","v":37.049999999999997},"è",0.03]
["12th",{"$f":"$B$7*$G$110","v":62.875},{"$f":"$C$7*$G$110","v":54.875},{"$f":"$D$7*$G$110","v":38.875},{"$f":"$E$7*$G$110","v":30.875},"è",2.5000000000000001E-2]
["13th",{"$f":"$B$7*$G$111","v":50.300000000000004},{"$f":"$C$7*$G$111","v":43.9},{"$f":"$D$7*$G$111","v":31.1},{"$f":"$E$7*$G$111","v":24.7},"è",0.02]
["14th",{"$f":"$B$7*$G$112","v":44.012500000000003},{"$f":"$C$7*$G$112","v":38.412500000000001},{"$f":"$D$7*$G$112","v":27.212500000000002},{"$f":"$E$7*$G$112","v":21.612500000000001},"è",1.7500000000000002E-2]
["15th",{"$f":"$B$7*$G$113","v":37.725000000000001},{"$f":"$C$7*$G$113","v":32.924999999999997},{"$f":"$D$7*$G$113","v":23.324999999999999},{"$f":"$E$7*$G$113","v":18.524999999999999},"è",1.4999999999999999E-2]
["Totals",{"$f":"SUM(B99:B113)","v":2515},{"$f":"SUM(C99:C113)","v":2195},1555,1235,{"$f":"B114+C114+D114+E114","v":7500},{"$f":"SUM(G99:G113)","v":1}]
[]
["For 751-1200 riders 20 places"]
["Placings","1D","2D","3D","4D"]
["1st",{"$f":"$B$7*$G$118","v":352.1},{"$f":"$C$7*$G$118","v":307.3},{"$f":"$D$7*$G$118","v":217.70000000000002},{"$f":"$E$7*$G$118","v":172.9},"è",0.14000000000000001]
["2nd",{"$f":"$B$7*$G$119","v":276.64999999999998},{"$f":"$C$7*$G$119","v":241.45},{"$f":"$D$7*$G$119","v":171.05},{"$f":"$E$7*$G$119","v":135.85},"è",0.11]
["3rd",{"$f":"$B$7*$G$120","v":226.35},{"$f":"$C$7*$G$120","v":197.54999999999998},{"$f":"$D$7*$G$120","v":139.94999999999999},{"$f":"$E$7*$G$120","v":111.14999999999999},"è",0.09]
["4th",{"$f":"$B$7*$G$121","v":193.655},{"$f":"$C$7*$G$121","v":169.01499999999999},{"$f":"$D$7*$G$121","v":119.735},{"$f":"$E$7*$G$121","v":95.094999999999999},"è",7.6999999999999999E-2]
["5th",{"$f":"$B$7*$G$122","v":176.05},{"$f":"$C$7*$G$122","v":153.65},{"$f":"$D$7*$G$122","v":108.85000000000001},{"$f":"$E$7*$G$122","v":86.45},"è",7.0000000000000007E-2]
["6th",{"$f":"$B$7*$G$123","v":163.47499999999999},{"$f":"$C$7*$G$123","v":142.67500000000001},{"$f":"$D$7*$G$123","v":101.075},{"$f":"$E$7*$G$123","v":80.275000000000006},"è",6.5000000000000002E-2]
["7th",{"$f":"$B$7*$G$124","v":150.9},{"$f":"$C$7*$G$124","v":131.69999999999999},{"$f":"$D$7*$G$124","v":93.3},{"$f":"$E$7*$G$124","v":74.099999999999994},"è",0.06]
["8th",{"$f":"$B$7*$G$125","v":138.32499999999999},{"$f":"$C$7*$G$125","v":120.72499999999999},{"$f":"$D$7*$G$125","v":85.525000000000006},{"$f":"$E$7*$G$125","v":67.924999999999997},"è",5.5E-2]
["9th",{"$f":"$B$7*$G$126","v":125.75},{"$f":"$C$7*$G$126","v":109.75},{"$f":"$D$7*$G$126","v":77.75},{"$f":"$E$7*$G$126","v":61.75},"è",0.05]
["10th",{"$f":"$B$7*$G$127","v":113.175},{"$f":"$C$7*$G$127","v":98.774999999999991},{"$f":"$D$7*$G$127","v":69.974999999999994},{"$f":"$E$7*$G$127","v":55.574999999999996},"è",4.4999999999999998E-2]
["11th",{"$f":"$B$7*$G$128","v":100.60000000000001},{"$f":"$C$7*$G$128","v":87.8},{"$f":"$D$7*$G$128","v":62.2},{"$f":"$E$7*$G$128","v":49.4},"è",0.04]
["12th",{"$f":"$B$7*$G$129","v":93.054999999999993},{"$f":"$C$7*$G$129","v":81.214999999999989},{"$f":"$D$7*$G$129","v":57.534999999999997},{"$f":"$E$7*$G$129","v":45.695},"è",3.6999999999999998E-2]
["13th",{"$f":"$B$7*$G$130","v":82.995000000000005},{"$f":"$C$7*$G$130","v":72.435000000000002},{"$f":"$D$7*$G$130","v":51.315000000000005},{"$f":"$E$7*$G$130","v":40.755000000000003},"è",3.3000000000000002E-2]
["14th",{"$f":"$B$7*$G$131","v":72.935000000000002},{"$f":"$C$7*$G$131","v":63.655000000000001},{"$f":"$D$7*$G$131","v":45.094999999999999},{"$f":"$E$7*$G$131","v":35.815000000000005},"è",2.9000000000000001E-2]
["15th",{"$f":"$B$7*$G$132","v":62.875},{"$f":"$C$7*$G$132","v":54.875},{"$f":"$D$7*$G$132","v":38.875},{"$f":"$E$7*$G$132","v":30.875},"è",2.5000000000000001E-2]
["16th",{"$f":"$B$7*$G$133","v":52.815000000000005},{"$f":"$C$7*$G$133","v":46.095000000000006},{"$f":"$D$7*$G$133","v":32.655000000000001},{"$f":"$E$7*$G$133","v":25.935000000000002},"è",2.1000000000000001E-2]
["17th",{"$f":"$B$7*$G$134","v":42.755000000000003},{"$f":"$C$7*$G$134","v":37.315000000000005},{"$f":"$D$7*$G$134","v":26.435000000000002},{"$f":"$E$7*$G$134","v":20.995000000000001},"è",1.7000000000000001E-2]
["18th",{"$f":"$B$7*$G$135","v":35.21},{"$f":"$C$7*$G$135","v":30.73},{"$f":"$D$7*$G$135","v":21.77},{"$f":"$E$7*$G$135","v":17.29},"è",1.4E-2]
["19th",{"$f":"$B$7*$G$136","v":30.18},{"$f":"$C$7*$G$136","v":26.34},{"$f":"$D$7*$G$136","v":18.66},{"$f":"$E$7*$G$136","v":14.82},"è",1.2E-2]
["20th",{"$f":"$B$7*$G$137","v":25.150000000000002},{"$f":"$C$7*$G$137","v":21.95},{"$f":"$D$7*$G$137","v":15.55},{"$f":"$E$7*$G$137","v":12.35},"è",0.01]
["Totals",{"$f":"SUM(B118:B137)","v":2515},{"$f":"SUM(C118:C137)","v":2194.9999999999995},1555.0000000000002,1234.9999999999998,{"$f":"B138+C138+D138+E138","v":7500},{"$f":"SUM(G118:G137)","v":1.0000000000000004}]
[]
["For 1201 or More riders 30 places"]
["Placings","1D","2D","3D","4D"]
["1st",{"$f":"$B$7*$G$142","v":301.8},{"$f":"$C$7*$G$142","v":263.39999999999998},{"$f":"$D$7*$G$142","v":186.6},{"$f":"$E$7*$G$142","v":148.19999999999999},"è",0.12]
["2nd",{"$f":"$B$7*$G$143","v":238.92500000000001},{"$f":"$C$7*$G$143","v":208.52500000000001},{"$f":"$D$7*$G$143","v":147.72499999999999},{"$f":"$E$7*$G$143","v":117.325},"è",9.5000000000000001E-2]
["3rd",{"$f":"$B$7*$G$144","v":183.595},{"$f":"$C$7*$G$144","v":160.23499999999999},{"$f":"$D$7*$G$144","v":113.51499999999999},{"$f":"$E$7*$G$144","v":90.155000000000001},"è",7.2999999999999995E-2]
["4th",{"$f":"$B$7*$G$145","v":155.93},{"$f":"$C$7*$G$145","v":136.09},{"$f":"$D$7*$G$145","v":96.41},{"$f":"$E$7*$G$145","v":76.569999999999993},"è",6.2E-2]
["5th",{"$f":"$B$7*$G$146","v":125.75},{"$f":"$C$7*$G$146","v":109.75},{"$f":"$D$7*$G$146","v":77.75},{"$f":"$E$7*$G$146","v":61.75},"è",0.05]
["6th",{"$f":"$B$7*$G$147","v":113.175},{"$f":"$C$7*$G$147","v":98.774999999999991},{"$f":"$D$7*$G$147","v":69.974999999999994},{"$f":"$E$7*$G$147","v":55.574999999999996},"è",4.4999999999999998E-2]
["7th",{"$f":"$B$7*$G$148","v":108.145},{"$f":"$C$7*$G$148","v":94.384999999999991},{"$f":"$D$7*$G$148","v":66.864999999999995},{"$f":"$E$7*$G$148","v":53.104999999999997},"è",4.2999999999999997E-2]
["8th",{"$f":"$B$7*$G$149","v":100.60000000000001},{"$f":"$C$7*$G$149","v":87.8},{"$f":"$D$7*$G$149","v":62.2},{"$f":"$E$7*$G$149","v":49.4},"è",0.04]
["9th",{"$f":"$B$7*$G$150","v":93.054999999999993},{"$f":"$C$7*$G$150","v":81.214999999999989},{"$f":"$D$7*$G$150","v":57.534999999999997},{"$f":"$E$7*$G$150","v":45.695},"è",3.6999999999999998E-2]
["10th",{"$f":"$B$7*$G$151","v":88.025000000000006},{"$f":"$C$7*$G$151","v":76.825000000000003},{"$f":"$D$7*$G$151","v":54.425000000000004},{"$f":"$E$7*$G$151","v":43.225000000000001},"è",3.5000000000000003E-2]
["11th",{"$f":"$B$7*$G$152","v":82.995000000000005},{"$f":"$C$7*$G$152","v":72.435000000000002},{"$f":"$D$7*$G$152","v":51.315000000000005},{"$f":"$E$7*$G$152","v":40.755000000000003},"è",3.3000000000000002E-2]
["12th",{"$f":"$B$7*$G$153","v":77.965000000000003},{"$f":"$C$7*$G$153","v":68.045000000000002},{"$f":"$D$7*$G$153","v":48.204999999999998},{"$f":"$E$7*$G$153","v":38.284999999999997},"è",3.1E-2]
["13th",{"$f":"$B$7*$G$154","v":72.935000000000002},{"$f":"$C$7*$G$154","v":63.655000000000001},{"$f":"$D$7*$G$154","v":45.094999999999999},{"$f":"$E$7*$G$154","v":35.815000000000005},"è",2.9000000000000001E-2]
["14th",{"$f":"$B$7*$G$155","v":67.905000000000001},{"$f":"$C$7*$G$155","v":59.265000000000001},{"$f":"$D$7*$G$155","v":41.984999999999999},{"$f":"$E$7*$G$155","v":33.344999999999999},"è",2.7E-2]
["15th",{"$f":"$B$7*$G$156","v":62.875},{"$f":"$C$7*$G$156","v":54.875},{"$f":"$D$7*$G$156","v":38.875},{"$f":"$E$7*$G$156","v":30.875},"è",2.5000000000000001E-2]
["16th",{"$f":"$B$7*$G$157","v":60.36},{"$f":"$C$7*$G$157","v":52.68},{"$f":"$D$7*$G$157","v":37.32},{"$f":"$E$7*$G$157","v":29.64},"è",2.4E-2]
["17th",{"$f":"$B$7*$G$158","v":57.844999999999999},{"$f":"$C$7*$G$158","v":50.484999999999999},{"$f":"$D$7*$G$158","v":35.765000000000001},{"$f":"$E$7*$G$158","v":28.405000000000001},"è",2.3E-2]
["18th",{"$f":"$B$7*$G$159","v":55.33},{"$f":"$C$7*$G$159","v":48.29},{"$f":"$D$7*$G$159","v":34.21},{"$f":"$E$7*$G$159","v":27.169999999999998},"è",2.1999999999999999E-2]
["19th",{"$f":"$B$7*$G$160","v":52.815000000000005},{"$f":"$C$7*$G$160","v":46.095000000000006},{"$f":"$D$7*$G$160","v":32.655000000000001},{"$f":"$E$7*$G$160","v":25.935000000000002},"è",2.1000000000000001E-2]
["20th",{"$f":"$B$7*$G$161","v":50.300000000000004},{"$f":"$C$7*$G$161","v":43.9},{"$f":"$D$7*$G$161","v":31.1},{"$f":"$E$7*$G$161","v":24.7},"è",0.02]
["21st",{"$f":"$B$7*$G$162","v":47.784999999999997},{"$f":"$C$7*$G$162","v":41.704999999999998},{"$f":"$D$7*$G$162","v":29.544999999999998},{"$f":"$E$7*$G$162","v":23.465},"è",1.9E-2]
["22nd",{"$f":"$B$7*$G$163","v":45.269999999999996},{"$f":"$C$7*$G$163","v":39.51},{"$f":"$D$7*$G$163","v":27.99},{"$f":"$E$7*$G$163","v":22.229999999999997},"è",1.7999999999999999E-2]
["23rd",{"$f":"$B$7*$G$164","v":42.755000000000003},{"$f":"$C$7*$G$164","v":37.315000000000005},{"$f":"$D$7*$G$164","v":26.435000000000002},{"$f":"$E$7*$G$164","v":20.995000000000001},"è",1.7000000000000001E-2]
["24th",{"$f":"$B$7*$G$165","v":40.24},{"$f":"$C$7*$G$165","v":35.119999999999997},{"$f":"$D$7*$G$165","v":24.88},{"$f":"$E$7*$G$165","v":19.760000000000002},"è",1.6E-2]
["25th",{"$f":"$B$7*$G$166","v":37.725000000000001},{"$f":"$C$7*$G$166","v":32.924999999999997},{"$f":"$D$7*$G$166","v":23.324999999999999},{"$f":"$E$7*$G$166","v":18.524999999999999},"è",1.4999999999999999E-2]
["26th",{"$f":"$B$7*$G$167","v":35.21},{"$f":"$C$7*$G$167","v":30.73},{"$f":"$D$7*$G$167","v":21.77},{"$f":"$E$7*$G$167","v":17.29},"è",1.4E-2]
["27th",{"$f":"$B$7*$G$168","v":32.695},{"$f":"$C$7*$G$168","v":28.535},{"$f":"$D$7*$G$168","v":20.215},{"$f":"$E$7*$G$168","v":16.055},"è",1.2999999999999999E-2]
["28th",{"$f":"$B$7*$G$169","v":30.18},{"$f":"$C$7*$G$169","v":26.34},{"$f":"$D$7*$G$169","v":18.66},{"$f":"$E$7*$G$169","v":14.82},"è",1.2E-2]
["29th",{"$f":"$B$7*$G$170","v":27.664999999999999},{"$f":"$C$7*$G$170","v":24.145},{"$f":"$D$7*$G$170","v":17.105},{"$f":"$E$7*$G$170","v":13.584999999999999},"è",1.0999999999999999E-2]
["30th",{"$f":"$B$7*$G$171","v":25.150000000000002},{"$f":"$C$7*$G$171","v":21.95},{"$f":"$D$7*$G$171","v":15.55},{"$f":"$E$7*$G$171","v":12.35},"è",0.01]
["Totals",{"$f":"SUM(B142:B171)","v":2514.9999999999995},{"$f":"SUM(C142:C171)","v":2194.9999999999995},{"$f":"SUM(D142:D171)","v":1555},{"$f":"SUM(E142:E171)","v":1234.9999999999998},{"$f":"B172+C172+D172+E172","v":7499.9999999999991},{"$f":"SUM(G142:G171)","v":1.0000000000000002}]

{"sheet":"5D Payout BBR","index":13,"n_rows":172,"n_cols":8,"rows_kept":172,"cut":false,"hidden":false,"merged":[[139,0,139,7],[80,0,80,7],[95,0,95,7],[96,0,96,7],[81,6,81,7],[97,6,97,7],[116,6,116,7],[114,0,114,7],[115,0,115,7],[65,0,65,7],[66,0,66,7],[79,0,79,7],[67,6,67,7],[138,0,138,7],[44,0,44,7],[45,6,45,7],[53,0,53,7],[54,0,54,7],[55,6,55,7],[0,0,0,7],[3,0,3,7],[8,0,8,7],[9,0,9,7],[5,6,6,6],[10,6,10,7],[13,0,13,7],[14,0,14,7],[140,6,140,7],[5,7,7,7],[15,6,15,7],[19,0,19,7],[20,0,20,7],[21,6,21,7],[26,0,26,7],[27,0,27,7],[28,6,28,7],[34,0,34,7],[35,0,35,7],[36,6,36,7],[43,0,43,7]]}
["5D Payout BBR"]
["Entry Fee","# Entries","% Payback","$ From Entry","Added $","Total Payout","Total $ Held"]
[50,206,0.8,{"$f":"$A$3*$C$3*$B$3","v":8240},2000,{"$f":"($A$3*$C$3)*$B$3+$E$3","v":10240},{"$f":"$A$3*(100%-$C$3)*$B$3","v":2059.9999999999995}]
[13]
["% in each D",0.3,0.25,0.2,0.15,0.1,"Total % Payout",{"$f":"SUM(B5:F5)","v":1}]
[null,"1D","2D","3D","4D","5D"]
[null,{"$f":"(($A$3*$B$3*$C$3*$B$5)+($E$3*$B$5))","v":3072},{"$f":"(($A$3*$B$3*$C$3*$C$5)+($E$3*$C$5))","v":2560},{"$f":"(($A$3*$B$3*$C$3*$D$5)+($E$3*$D$5))","v":2048},{"$f":"(($A$3*$B$3*$C$3*$E$5)+($E$3*$E$5))","v":1536},{"$f":"(($A$3*$B$3*$C$3*$F$5)+($E$3*$F$5))","v":1024}]
["Totals",{"$f":"SUM(B7)","v":3072},{"$f":"SUM(C7)","v":2560},2048,1536,1024,{"$f":"SUM(B8:F8)","v":10240}]
[]
["For 1-25 riders 1 place"]
["Placings","1D","2D","3D","4D","5D"]
["1st",{"$f":"$B$7*$H$12","v":3072},{"$f":"$C$7*$H$12","v":2560},{"$f":"$D$7*$H$12","v":2048},{"$f":"$E$7*$H$12","v":1536},{"$f":"$F$7*$H$12","v":1024},"è",1]
["Totals",{"$f":"SUM(B12:B12)","v":3072},{"$f":"SUM(C12:C12)","v":2560},{"$f":"SUM(D12:D12)","v":2048},{"$f":"SUM(E12:E12)","v":1536},{"$f":"SUM(F12)","v":1024},{"$f":"SUM(B13:F13)","v":10240},{"$f":"SUM(H12)","v":1}]
[]
["For 26-50 riders 2 places"]
["Placings","1D","2D","3D","4D","5D"]
["1st",{"$f":"$B$7*$H$17","v":1843.1999999999998},{"$f":"$C$7*$H$17","v":1536},{"$f":"$D$7*$H$17","v":1228.8},{"$f":"$E$7*$H$17","v":921.59999999999991},{"$f":"$F$7*$H$17","v":614.4},"è",0.6]
["2nd",{"$f":"$B$7*$H$18","v":1228.8000000000002},{"$f":"$C$7*$H$18","v":1024},{"$f":"$D$7*$H$18","v":819.2},{"$f":"$E$7*$H$18","v":614.40000000000009},{"$f":"$F$7*$H$18","v":409.6},"è",0.4]
["Totals",{"$f":"SUM(B17:B18)","v":3072},{"$f":"SUM(C17:C18)","v":2560},{"$f":"SUM(D17:D18)","v":2048},{"$f":"SUM(E17:E18)","v":1536},{"$f":"SUM(F17:F18)","v":1024},{"$f":"SUM(B19:F19)","v":10240},{"$f":"SUM(H17:H18)","v":1}]
[]
["For 51-100 riders 3 places"]
["Placings","1D","2D","3D","4D","5D"]
["1st",{"$f":"$B$7*$H$23","v":1536},{"$f":"$C$7*$H$23","v":1280},{"$f":"$D$7*$H$23","v":1024},{"$f":"$E$7*$H$23","v":768},{"$f":"$F$7*$H$23","v":512},"è",0.5]
["2nd",{"$f":"$B$7*$H$24","v":921.59999999999991},{"$f":"$C$7*$H$24","v":768},{"$f":"$D$7*$H$24","v":614.4},{"$f":"$E$7*$H$24","v":460.79999999999995},{"$f":"$F$7*$H$24","v":307.2},"è",0.3]
["3rd",{"$f":"$B$7*$H$25","v":614.40000000000009},{"$f":"$C$7*$H$25","v":512},{"$f":"$D$7*$H$25","v":409.6},{"$f":"$E$7*$H$25","v":307.20000000000005},{"$f":"$F$7*$H$25","v":204.8},"è",0.2]
["Totals",{"$f":"SUM(B23:B25)","v":3072},{"$f":"SUM(C23:C25)","v":2560},{"$f":"SUM(D23:D25)","v":2048},{"$f":"SUM(E23:E25)","v":1536},{"$f":"SUM(F23:F25)","v":1024},{"$f":"SUM(B26:F26)","v":10240},{"$f":"SUM(H23:H25)","v":1}]
[]
["For 101-143 riders 4 places"]
["Placings","1D","2D","3D","4D","5D"]
["1st",{"$f":"$B$7*$H$30","v":1228.8000000000002},{"$f":"$C$7*$H$30","v":1024},{"$f":"$D$7*$H$30","v":819.2},{"$f":"$E$7*$H$30","v":614.40000000000009},{"$f":"$F$7*$H$30","v":409.6},"è",0.4]
["2nd",{"$f":"$B$7*$H$31","v":921.59999999999991},{"$f":"$C$7*$H$31","v":768},{"$f":"$D$7*$H$31","v":614.4},{"$f":"$E$7*$H$31","v":460.79999999999995},{"$f":"$F$7*$H$31","v":307.2},"è",0.3]
["3rd",{"$f":"$B$7*$H$32","v":614.40000000000009},{"$f":"$C$7*$H$32","v":512},{"$f":"$D$7*$H$32","v":409.6},{"$f":"$E$7*$H$32","v":307.20000000000005},{"$f":"$F$7*$H$32","v":204.8},"è",0.2]
["4th",{"$f":"$B$7*$H$33","v":307.20000000000005},{"$f":"$C$7*$H$33","v":256},{"$f":"$D$7*$H$33","v":204.8},{"$f":"$E$7*$H$33","v":153.60000000000002},{"$f":"$F$7*$H$33","v":102.4},"è",0.1]
["Totals",{"$f":"SUM(B30:B33)","v":3072},{"$f":"SUM(C30:C33)","v":2560},{"$f":"SUM(D30:D33)","v":2047.9999999999998},{"$f":"SUM(E30:E33)","v":1536},{"$f":"SUM(F30:F33)","v":1023.9999999999999},{"$f":"SUM(B34:F34)","v":10240},{"$f":"SUM(H30:H33)","v":0.99999999999999989}]
[]
["For 144-200 riders 5 places"]
["Placings","1D","2D","3D","4D","5D"]
["1st",{"$f":"$B$7*$H$38","v":1013.76},{"$f":"$C$7*$H$38","v":844.80000000000007},709.5,{"$f":"$E$7*$H$38","v":506.88},{"$f":"$F$7*$H$38","v":337.92},"è",0.33]
["2nd",{"$f":"$B$7*$H$39","v":829.44},{"$f":"$C$7*$H$39","v":691.2},580.5,{"$f":"$E$7*$H$39","v":414.72},{"$f":"$F$7*$H$39","v":276.48},"è",0.27]
["3rd",{"$f":"$B$7*$H$40","v":614.40000000000009},{"$f":"$C$7*$H$40","v":512},430,{"$f":"$E$7*$H$40","v":307.20000000000005},{"$f":"$F$7*$H$40","v":204.8},"è",0.2]
["4th",{"$f":"$B$7*$H$41","v":399.36},{"$f":"$C$7*$H$41","v":332.8},279.5,{"$f":"$E$7*$H$41","v":199.68},{"$f":"$F$7*$H$41","v":133.12},"è",0.13]
["5th",{"$f":"$B$7*$H$42","v":215.04000000000002},{"$f":"$C$7*$H$42","v":179.20000000000002},150.50000000000003,{"$f":"$E$7*$H$42","v":107.52000000000001},{"$f":"$F$7*$H$42","v":71.680000000000007},"è",7.0000000000000007E-2]
["Totals",{"$f":"SUM(B38:B42)","v":3072.0000000000005},{"$f":"SUM(C38:C42)","v":2560},{"$f":"SUM(D38:D42)","v":2150},{"$f":"SUM(E38:E42)","v":1536.0000000000002},{"$f":"SUM(F38:F42)","v":1024},{"$f":"SUM(B43:F43)","v":10342},{"$f":"SUM(H38:H42)","v":1}]
[]
["For 201-250 riders 6 places"]
["Placings","1D","2D","3D","4D","5D"]
["1st",{"$f":"$B$7*$H$47","v":890.87999999999988},{"$f":"$C$7*$H$47","v":742.4},{"$f":"$D$7*$H$47","v":593.91999999999996},{"$f":"$E$7*$H$47","v":445.43999999999994},{"$f":"$F$7*$H$47","v":296.95999999999998},"è",0.28999999999999998]
["2nd",{"$f":"$B$7*$H$48","v":737.28},{"$f":"$C$7*$H$48","v":614.4},{"$f":"$D$7*$H$48","v":491.52},{"$f":"$E$7*$H$48","v":368.64},{"$f":"$F$7*$H$48","v":245.76},"è",0.24]
["3rd",{"$f":"$B$7*$H$49","v":583.68000000000006},{"$f":"$C$7*$H$49","v":486.4},{"$f":"$D$7*$H$49","v":389.12},{"$f":"$E$7*$H$49","v":291.84000000000003},{"$f":"$F$7*$H$49","v":194.56},"è",0.19]
["4th",{"$f":"$B$7*$H$50","v":430.08000000000004},{"$f":"$C$7*$H$50","v":358.40000000000003},{"$f":"$D$7*$H$50","v":286.72000000000003},{"$f":"$E$7*$H$50","v":215.04000000000002},{"$f":"$F$7*$H$50","v":143.36000000000001},"è",0.14000000000000001]
["5th",{"$f":"$B$7*$H$51","v":276.48},{"$f":"$C$7*$H$51","v":230.39999999999998},{"$f":"$D$7*$H$51","v":184.32},{"$f":"$E$7*$H$51","v":138.24},{"$f":"$F$7*$H$51","v":92.16},"è",0.09]
["6th",{"$f":"$B$7*$H$52","v":153.60000000000002},{"$f":"$C$7*$H$52","v":128},{"$f":"$D$7*$H$52","v":102.4},{"$f":"$E$7*$H$52","v":76.800000000000011},{"$f":"$F$7*$H$52","v":51.2},"è",0.05]
["Totals",{"$f":"SUM(B47:B52)","v":3072},{"$f":"SUM(C47:C52)","v":2560},{"$f":"SUM(D47:D52)","v":2048},{"$f":"SUM(E47:E52)","v":1536},{"$f":"SUM(F47:F52)","v":1024},{"$f":"SUM(B53:F53)","v":10240},{"$f":"SUM(H47:H52)","v":1}]
[]
["For 251-333 riders 8 places"]
["Placings","1D","2D","3D","4D","5D"]
["1st",{"$f":"$B$7*$H$57","v":737.28},{"$f":"$C$7*$H$57","v":614.4},{"$f":"$D$7*$H$57","v":491.52},{"$f":"$E$7*$H$57","v":368.64},{"$f":"$F$7*$H$57","v":245.76},"è",0.24]
["2nd",{"$f":"$B$7*$H$58","v":614.40000000000009},{"$f":"$C$7*$H$58","v":512},{"$f":"$D$7*$H$58","v":409.6},{"$f":"$E$7*$H$58","v":307.20000000000005},{"$f":"$F$7*$H$58","v":204.8},"è",0.2]
["3rd",{"$f":"$B$7*$H$59","v":522.24},{"$f":"$C$7*$H$59","v":435.20000000000005},{"$f":"$D$7*$H$59","v":348.16},{"$f":"$E$7*$H$59","v":261.12},{"$f":"$F$7*$H$59","v":174.08},"è",0.17]
["4th",{"$f":"$B$7*$H$60","v":399.36},{"$f":"$C$7*$H$60","v":332.8},{"$f":"$D$7*$H$60","v":266.24},{"$f":"$E$7*$H$60","v":199.68},{"$f":"$F$7*$H$60","v":133.12},"è",0.13]
["5th",{"$f":"$B$7*$H$61","v":307.20000000000005},{"$f":"$C$7*$H$61","v":256},{"$f":"$D$7*$H$61","v":204.8},{"$f":"$E$7*$H$61","v":153.60000000000002},{"$f":"$F$7*$H$61","v":102.4},"è",0.1]
["6th",{"$f":"$B$7*$H$62","v":215.04000000000002},{"$f":"$C$7*$H$62","v":179.20000000000002},{"$f":"$D$7*$H$62","v":143.36000000000001},{"$f":"$E$7*$H$62","v":107.52000000000001},{"$f":"$F$7*$H$62","v":71.680000000000007},"è",7.0000000000000007E-2]
["7th",{"$f":"$B$7*$H$63","v":153.60000000000002},{"$f":"$C$7*$H$63","v":128},{"$f":"$D$7*$H$63","v":102.4},{"$f":"$E$7*$H$63","v":76.800000000000011},{"$f":"$F$7*$H$63","v":51.2},"è",0.05]
["8th",{"$f":"$B$7*$H$64","v":122.88},{"$f":"$C$7*$H$64","v":102.4},{"$f":"$D$7*$H$64","v":81.92},{"$f":"$E$7*$H$64","v":61.44},{"$f":"$F$7*$H$64","v":40.96},"è",0.04]
["Totals",{"$f":"SUM(B57:B64)","v":3072.0000000000005},{"$f":"SUM(C57:C64)","v":2560},{"$f":"SUM(D57:D64)","v":2048},{"$f":"SUM(E57:E64)","v":1536.0000000000002},{"$f":"SUM(F57:F64)","v":1024},{"$f":"SUM(B65:F65)","v":10240},{"$f":"SUM(H57:H64)","v":1}]
[]
["For 334-500 riders 10 places"]
["Placings","1D","2D","3D","4D","5D"]
["1st",{"$f":"$B$7*$H$69","v":645.12},{"$f":"$C$7*$H$69","v":537.6},{"$f":"$D$7*$H$69","v":430.08},{"$f":"$E$7*$H$69","v":322.56},{"$f":"$F$7*$H$69","v":215.04},"è",0.21]
["2nd",{"$f":"$B$7*$H$70","v":552.96},{"$f":"$C$7*$H$70","v":460.79999999999995},{"$f":"$D$7*$H$70","v":368.64},{"$f":"$E$7*$H$70","v":276.48},{"$f":"$F$7*$H$70","v":184.32},"è",0.18]
["3rd",{"$f":"$B$7*$H$71","v":460.79999999999995},{"$f":"$C$7*$H$71","v":384},{"$f":"$D$7*$H$71","v":307.2},{"$f":"$E$7*$H$71","v":230.39999999999998},{"$f":"$F$7*$H$71","v":153.6},"è",0.15]
["4th",{"$f":"$B$7*$H$72","v":368.64},{"$f":"$C$7*$H$72","v":307.2},{"$f":"$D$7*$H$72","v":245.76},{"$f":"$E$7*$H$72","v":184.32},{"$f":"$F$7*$H$72","v":122.88},"è",0.12]
["5th",{"$f":"$B$7*$H$73","v":276.48},{"$f":"$C$7*$H$73","v":230.39999999999998},{"$f":"$D$7*$H$73","v":184.32},{"$f":"$E$7*$H$73","v":138.24},{"$f":"$F$7*$H$73","v":92.16},"è",0.09]
["6th",{"$f":"$B$7*$H$74","v":215.04000000000002},{"$f":"$C$7*$H$74","v":179.20000000000002},{"$f":"$D$7*$H$74","v":143.36000000000001},{"$f":"$E$7*$H$74","v":107.52000000000001},{"$f":"$F$7*$H$74","v":71.680000000000007},"è",7.0000000000000007E-2]
["7th",{"$f":"$B$7*$H$75","v":184.32},{"$f":"$C$7*$H$75","v":153.6},{"$f":"$D$7*$H$75","v":122.88},{"$f":"$E$7*$H$75","v":92.16},{"$f":"$F$7*$H$75","v":61.44},"è",0.06]
["8th",{"$f":"$B$7*$H$76","v":153.60000000000002},{"$f":"$C$7*$H$76","v":128},{"$f":"$D$7*$H$76","v":102.4},{"$f":"$E$7*$H$76","v":76.800000000000011},{"$f":"$F$7*$H$76","v":51.2},"è",0.05]
["9th",{"$f":"$B$7*$H$77","v":122.88},{"$f":"$C$7*$H$77","v":102.4},{"$f":"$D$7*$H$77","v":81.92},{"$f":"$E$7*$H$77","v":61.44},{"$f":"$F$7*$H$77","v":40.96},"è",0.04]
["10th",{"$f":"$B$7*$H$78","v":92.16},{"$f":"$C$7*$H$78","v":76.8},{"$f":"$D$7*$H$78","v":61.44},{"$f":"$E$7*$H$78","v":46.08},{"$f":"$F$7*$H$78","v":30.72},"è",0.03]
["Totals",{"$f":"SUM(B69:B78)","v":3072},{"$f":"SUM(C69:C78)","v":2560},2048.0000000000005,1536,1024.0000000000002,{"$f":"SUM(B79:F79)","v":10240},{"$f":"SUM(H69:H78)","v":1.0000000000000002}]
[]
["For 501-666 riders 12 places"]
["Placings","1D","2D","3D","4D","5D"]
["1st",{"$f":"$B$7*$H$83","v":583.68000000000006},{"$f":"$C$7*$H$83","v":486.4},{"$f":"$D$7*$H$83","v":389.12},{"$f":"$E$7*$H$83","v":291.84000000000003},{"$f":"$F$7*$H$83","v":194.56},"è",0.19]
["2nd",{"$f":"$B$7*$H$84","v":460.79999999999995},{"$f":"$C$7*$H$84","v":384},{"$f":"$D$7*$H$84","v":307.2},{"$f":"$E$7*$H$84","v":230.39999999999998},{"$f":"$F$7*$H$84","v":153.6},"è",0.15]
["3rd",{"$f":"$B$7*$H$85","v":368.64},{"$f":"$C$7*$H$85","v":307.2},{"$f":"$D$7*$H$85","v":245.76},{"$f":"$E$7*$H$85","v":184.32},{"$f":"$F$7*$H$85","v":122.88},"è",0.12]
["4th",{"$f":"$B$7*$H$86","v":307.20000000000005},{"$f":"$C$7*$H$86","v":256},{"$f":"$D$7*$H$86","v":204.8},{"$f":"$E$7*$H$86","v":153.60000000000002},{"$f":"$F$7*$H$86","v":102.4},"è",0.1]
["5th",{"$f":"$B$7*$H$87","v":276.48},{"$f":"$C$7*$H$87","v":230.39999999999998},{"$f":"$D$7*$H$87","v":184.32},{"$f":"$E$7*$H$87","v":138.24},{"$f":"$F$7*$H$87","v":92.16},"è",0.09]
["6th",{"$f":"$B$7*$H$88","v":245.76},{"$f":"$C$7*$H$88","v":204.8},{"$f":"$D$7*$H$88","v":163.84},{"$f":"$E$7*$H$88","v":122.88},{"$f":"$F$7*$H$88","v":81.92},"è",0.08]
["7th",{"$f":"$B$7*$H$89","v":215.04000000000002},{"$f":"$C$7*$H$89","v":179.20000000000002},{"$f":"$D$7*$H$89","v":143.36000000000001},{"$f":"$E$7*$H$89","v":107.52000000000001},{"$f":"$F$7*$H$89","v":71.680000000000007},"è",7.0000000000000007E-2]
["8th",{"$f":"$B$7*$H$90","v":184.32},{"$f":"$C$7*$H$90","v":153.6},{"$f":"$D$7*$H$90","v":122.88},{"$f":"$E$7*$H$90","v":92.16},{"$f":"$F$7*$H$90","v":61.44},"è",0.06]
["9th",{"$f":"$B$7*$H$91","v":153.60000000000002},{"$f":"$C$7*$H$91","v":128},{"$f":"$D$7*$H$91","v":102.4},{"$f":"$E$7*$H$91","v":76.800000000000011},{"$f":"$F$7*$H$91","v":51.2},"è",0.05]
["10th",{"$f":"$B$7*$H$92","v":122.88},{"$f":"$C$7*$H$92","v":102.4},{"$f":"$D$7*$H$92","v":81.92},{"$f":"$E$7*$H$92","v":61.44},{"$f":"$F$7*$H$92","v":40.96},"è",0.04]
["11th",{"$f":"$B$7*$H$93","v":92.16},{"$f":"$C$7*$H$93","v":76.8},{"$f":"$D$7*$H$93","v":61.44},{"$f":"$E$7*$H$93","v":46.08},{"$f":"$F$7*$H$93","v":30.72},"è",0.03]
["12th",{"$f":"$B$7*$H$94","v":61.44},{"$f":"$C$7*$H$94","v":51.2},{"$f":"$D$7*$H$94","v":40.96},{"$f":"$E$7*$H$94","v":30.72},{"$f":"$F$7*$H$94","v":20.48},"è",0.02]
["Totals",{"$f":"SUM(B83:B94)","v":3072},{"$f":"SUM(C83:C94)","v":2560},{"$f":"SUM(D83:D94)","v":2048},{"$f":"SUM(E83:E94)","v":1536},{"$f":"SUM(F83:F94)","v":1024},{"$f":"SUM(B95:F95)","v":10240},{"$f":"SUM(H83:H94)","v":1}]
[]
["For 667-1000 riders 15 places"]
["Placings","1D","2D","3D","4D","5D"]
["1st",{"$f":"$B$7*$H$99","v":552.96},{"$f":"$C$7*$H$99","v":460.79999999999995},{"$f":"$D$7*$H$99","v":368.64},{"$f":"$E$7*$H$99","v":276.48},{"$f":"$F$7*$H$99","v":184.32},"è",0.18]
["2nd",{"$f":"$B$7*$H$100","v":460.79999999999995},{"$f":"$C$7*$H$100","v":384},{"$f":"$D$7*$H$100","v":307.2},{"$f":"$E$7*$H$100","v":230.39999999999998},{"$f":"$F$7*$H$100","v":153.6},"è",0.15]
["3rd",{"$f":"$B$7*$H$101","v":368.64},{"$f":"$C$7*$H$101","v":307.2},{"$f":"$D$7*$H$101","v":245.76},{"$f":"$E$7*$H$101","v":184.32},{"$f":"$F$7*$H$101","v":122.88},"è",0.12]
["4th",{"$f":"$B$7*$H$102","v":307.20000000000005},{"$f":"$C$7*$H$102","v":256},{"$f":"$D$7*$H$102","v":204.8},{"$f":"$E$7*$H$102","v":153.60000000000002},{"$f":"$F$7*$H$102","v":102.4},"è",0.1]
["5th",{"$f":"$B$7*$H$103","v":261.12},{"$f":"$C$7*$H$103","v":217.60000000000002},{"$f":"$D$7*$H$103","v":174.08},{"$f":"$E$7*$H$103","v":130.56},{"$f":"$F$7*$H$103","v":87.04},"è",8.5000000000000006E-2]
["6th",{"$f":"$B$7*$H$104","v":215.04000000000002},{"$f":"$C$7*$H$104","v":179.20000000000002},{"$f":"$D$7*$H$104","v":143.36000000000001},{"$f":"$E$7*$H$104","v":107.52000000000001},{"$f":"$F$7*$H$104","v":71.680000000000007},"è",7.0000000000000007E-2]
["7th",{"$f":"$B$7*$H$105","v":184.32},{"$f":"$C$7*$H$105","v":153.6},{"$f":"$D$7*$H$105","v":122.88},{"$f":"$E$7*$H$105","v":92.16},{"$f":"$F$7*$H$105","v":61.44},"è",0.06]
["8th",{"$f":"$B$7*$H$106","v":153.60000000000002},{"$f":"$C$7*$H$106","v":128},{"$f":"$D$7*$H$106","v":102.4},{"$f":"$E$7*$H$106","v":76.800000000000011},{"$f":"$F$7*$H$106","v":51.2},"è",0.05]
["9th",{"$f":"$B$7*$H$107","v":130.56},{"$f":"$C$7*$H$107","v":108.80000000000001},{"$f":"$D$7*$H$107","v":87.04},{"$f":"$E$7*$H$107","v":65.28},{"$f":"$F$7*$H$107","v":43.52},"è",4.2500000000000003E-2]
["10th",{"$f":"$B$7*$H$108","v":107.52000000000001},{"$f":"$C$7*$H$108","v":89.600000000000009},{"$f":"$D$7*$H$108","v":71.680000000000007},{"$f":"$E$7*$H$108","v":53.760000000000005},{"$f":"$F$7*$H$108","v":35.840000000000003},"è",3.5000000000000003E-2]
["11th",{"$f":"$B$7*$H$109","v":92.16},{"$f":"$C$7*$H$109","v":76.8},{"$f":"$D$7*$H$109","v":61.44},{"$f":"$E$7*$H$109","v":46.08},{"$f":"$F$7*$H$109","v":30.72},"è",0.03]
["12th",{"$f":"$B$7*$H$110","v":76.800000000000011},{"$f":"$C$7*$H$110","v":64},{"$f":"$D$7*$H$110","v":51.2},{"$f":"$E$7*$H$110","v":38.400000000000006},{"$f":"$F$7*$H$110","v":25.6},"è",2.5000000000000001E-2]
["13th",{"$f":"$B$7*$H$111","v":61.44},{"$f":"$C$7*$H$111","v":51.2},{"$f":"$D$7*$H$111","v":40.96},{"$f":"$E$7*$H$111","v":30.72},{"$f":"$F$7*$H$111","v":20.48},"è",0.02]
["14th",{"$f":"$B$7*$H$112","v":53.760000000000005},{"$f":"$C$7*$H$112","v":44.800000000000004},{"$f":"$D$7*$H$112","v":35.840000000000003},{"$f":"$E$7*$H$112","v":26.880000000000003},{"$f":"$F$7*$H$112","v":17.920000000000002},"è",1.7500000000000002E-2]
["15th",{"$f":"$B$7*$H$113","v":46.08},{"$f":"$C$7*$H$113","v":38.4},{"$f":"$D$7*$H$113","v":30.72},{"$f":"$E$7*$H$113","v":23.04},{"$f":"$F$7*$H$113","v":15.36},"è",1.4999999999999999E-2]
["Totals",{"$f":"SUM(B99:B113)","v":3072.0000000000005},{"$f":"SUM(C99:C113)","v":2560},{"$f":"SUM(D99:D113)","v":2048},{"$f":"SUM(E99:E113)","v":1536.0000000000002},{"$f":"SUM(F99:F113)","v":1024},{"$f":"SUM(B114:F114)","v":10240},{"$f":"SUM(H99:H113)","v":1}]
[]
["For 1001-1500 riders 20 places"]
["Placings","1D","2D","3D","4D","5D"]
["1st",{"$f":"$B$7*$H$118","v":430.08000000000004},{"$f":"$C$7*$H$118","v":358.40000000000003},{"$f":"$D$7*$H$118","v":286.72000000000003},{"$f":"$E$7*$H$118","v":215.04000000000002},{"$f":"$F$7*$H$118","v":143.36000000000001},"è",0.14000000000000001]
["2nd",{"$f":"$B$7*$H$119","v":337.92},{"$f":"$C$7*$H$119","v":281.60000000000002},{"$f":"$D$7*$H$119","v":225.28},{"$f":"$E$7*$H$119","v":168.96},{"$f":"$F$7*$H$119","v":112.64},"è",0.11]
["3rd",{"$f":"$B$7*$H$120","v":276.48},{"$f":"$C$7*$H$120","v":230.39999999999998},{"$f":"$D$7*$H$120","v":184.32},{"$f":"$E$7*$H$120","v":138.24},{"$f":"$F$7*$H$120","v":92.16},"è",0.09]
["4th",{"$f":"$B$7*$H$121","v":236.54399999999998},{"$f":"$C$7*$H$121","v":197.12},{"$f":"$D$7*$H$121","v":157.696},{"$f":"$E$7*$H$121","v":118.27199999999999},{"$f":"$F$7*$H$121","v":78.847999999999999},"è",7.6999999999999999E-2]
["5th",{"$f":"$B$7*$H$122","v":215.04000000000002},{"$f":"$C$7*$H$122","v":179.20000000000002},{"$f":"$D$7*$H$122","v":143.36000000000001},{"$f":"$E$7*$H$122","v":107.52000000000001},{"$f":"$F$7*$H$122","v":71.680000000000007},"è",7.0000000000000007E-2]
["6th",{"$f":"$B$7*$H$123","v":199.68},{"$f":"$C$7*$H$123","v":166.4},{"$f":"$D$7*$H$123","v":133.12},{"$f":"$E$7*$H$123","v":99.84},{"$f":"$F$7*$H$123","v":66.56},"è",6.5000000000000002E-2]
["7th",{"$f":"$B$7*$H$124","v":184.32},{"$f":"$C$7*$H$124","v":153.6},{"$f":"$D$7*$H$124","v":122.88},{"$f":"$E$7*$H$124","v":92.16},{"$f":"$F$7*$H$124","v":61.44},"è",0.06]
["8th",{"$f":"$B$7*$H$125","v":168.96},{"$f":"$C$7*$H$125","v":140.80000000000001},{"$f":"$D$7*$H$125","v":112.64},{"$f":"$E$7*$H$125","v":84.48},{"$f":"$F$7*$H$125","v":56.32},"è",5.5E-2]
["9th",{"$f":"$B$7*$H$126","v":153.60000000000002},{"$f":"$C$7*$H$126","v":128},{"$f":"$D$7*$H$126","v":102.4},{"$f":"$E$7*$H$126","v":76.800000000000011},{"$f":"$F$7*$H$126","v":51.2},"è",0.05]
["10th",{"$f":"$B$7*$H$127","v":138.24},{"$f":"$C$7*$H$127","v":115.19999999999999},{"$f":"$D$7*$H$127","v":92.16},{"$f":"$E$7*$H$127","v":69.12},{"$f":"$F$7*$H$127","v":46.08},"è",4.4999999999999998E-2]
["11th",{"$f":"$B$7*$H$128","v":122.88},{"$f":"$C$7*$H$128","v":102.4},{"$f":"$D$7*$H$128","v":81.92},{"$f":"$E$7*$H$128","v":61.44},{"$f":"$F$7*$H$128","v":40.96},"è",0.04]
["12th",{"$f":"$B$7*$H$129","v":113.66399999999999},{"$f":"$C$7*$H$129","v":94.72},{"$f":"$D$7*$H$129","v":75.775999999999996},{"$f":"$E$7*$H$129","v":56.831999999999994},{"$f":"$F$7*$H$129","v":37.887999999999998},"è",3.6999999999999998E-2]
["13th",{"$f":"$B$7*$H$130","v":101.376},{"$f":"$C$7*$H$130","v":84.48},{"$f":"$D$7*$H$130","v":67.584000000000003},{"$f":"$E$7*$H$130","v":50.688000000000002},{"$f":"$F$7*$H$130","v":33.792000000000002},"è",3.3000000000000002E-2]
["14th",{"$f":"$B$7*$H$131","v":89.088000000000008},{"$f":"$C$7*$H$131","v":74.240000000000009},{"$f":"$D$7*$H$131","v":59.392000000000003},{"$f":"$E$7*$H$131","v":44.544000000000004},{"$f":"$F$7*$H$131","v":29.696000000000002},"è",2.9000000000000001E-2]
["15th",{"$f":"$B$7*$H$132","v":76.800000000000011},{"$f":"$C$7*$H$132","v":64},{"$f":"$D$7*$H$132","v":51.2},{"$f":"$E$7*$H$132","v":38.400000000000006},{"$f":"$F$7*$H$132","v":25.6},"è",2.5000000000000001E-2]
["16th",{"$f":"$B$7*$H$133","v":64.512},{"$f":"$C$7*$H$133","v":53.760000000000005},{"$f":"$D$7*$H$133","v":43.008000000000003},{"$f":"$E$7*$H$133","v":32.256},{"$f":"$F$7*$H$133","v":21.504000000000001},"è",2.1000000000000001E-2]
["17th",{"$f":"$B$7*$H$134","v":52.224000000000004},{"$f":"$C$7*$H$134","v":43.52},{"$f":"$D$7*$H$134","v":34.816000000000003},{"$f":"$E$7*$H$134","v":26.112000000000002},{"$f":"$F$7*$H$134","v":17.408000000000001},"è",1.7000000000000001E-2]
["18th",{"$f":"$B$7*$H$135","v":43.008000000000003},{"$f":"$C$7*$H$135","v":35.840000000000003},{"$f":"$D$7*$H$135","v":28.672000000000001},{"$f":"$E$7*$H$135","v":21.504000000000001},{"$f":"$F$7*$H$135","v":14.336},"è",1.4E-2]
["19th",{"$f":"$B$7*$H$136","v":36.864000000000004},{"$f":"$C$7*$H$136","v":30.72},{"$f":"$D$7*$H$136","v":24.576000000000001},{"$f":"$E$7*$H$136","v":18.432000000000002},{"$f":"$F$7*$H$136","v":12.288},"è",1.2E-2]
["20th",{"$f":"$B$7*$H$137","v":30.72},{"$f":"$C$7*$H$137","v":25.6},{"$f":"$D$7*$H$137","v":20.48},{"$f":"$E$7*$H$137","v":15.36},{"$f":"$F$7*$H$137","v":10.24},"è",0.01]
["Totals",{"$f":"SUM(B118:B137)","v":3072},{"$f":"SUM(C118:C137)","v":2559.9999999999995},2048.0000000000009,1536,1024.0000000000005,{"$f":"SUM(B138:F138)","v":10240},{"$f":"SUM(H118:H137)","v":1.0000000000000004}]
[]
["For 1501 or More riders 30 places"]
["Placings","1D","2D","3D","4D","5D"]
["1st",{"$f":"$B$7*$H142","v":368.64},{"$f":"$C$7*$H142","v":307.2},{"$f":"$D$7*$H142","v":245.76},{"$f":"$E$7*$H142","v":184.32},{"$f":"$F$7*$H142","v":122.88},"è",0.12]
["2nd",{"$f":"$B$7*$H143","v":291.84000000000003},243.2,194.56,145.92000000000002,97.28,"è",9.5000000000000001E-2]
["3rd",{"$f":"$B$7*$H144","v":224.25599999999997},186.88,149.50399999999999,112.12799999999999,74.751999999999995,"è",7.2999999999999995E-2]
["4th",{"$f":"$B$7*$H145","v":190.464},158.72,126.976,95.231999999999999,63.488,"è",6.2E-2]
["5th",153.60000000000002,128,102.4,76.800000000000011,51.2,"è",0.05]
["6th",138.24,115.19999999999999,92.16,69.12,46.08,"è",4.4999999999999998E-2]
["7th",132.096,110.07999999999998,88.063999999999993,66.048000000000002,44.031999999999996,"è",4.2999999999999997E-2]
["8th",122.88,102.4,81.92,61.44,40.96,"è",0.04]
["9th",113.66399999999999,94.72,75.775999999999996,56.831999999999994,37.887999999999998,"è",3.6999999999999998E-2]
["10th",107.52000000000001,89.600000000000009,71.680000000000007,53.760000000000005,35.840000000000003,"è",3.5000000000000003E-2]
["11th",101.376,84.48,67.584000000000003,50.688000000000002,33.792000000000002,"è",3.3000000000000002E-2]
["12th",95.231999999999999,79.36,63.488,47.616,31.744,"è",3.1E-2]
["13th",89.088000000000008,74.240000000000009,59.392000000000003,44.544000000000004,29.696000000000002,"è",2.9000000000000001E-2]
["14th",82.944000000000003,69.12,55.295999999999999,41.472000000000001,27.648,"è",2.7E-2]
["15th",76.800000000000011,64,51.2,38.400000000000006,25.6,"è",2.5000000000000001E-2]
["16th",73.728000000000009,61.44,49.152000000000001,36.864000000000004,24.576000000000001,"è",2.4E-2]
["17th",70.656000000000006,58.879999999999995,47.103999999999999,35.328000000000003,23.552,"è",2.3E-2]
["18th",67.584000000000003,56.319999999999993,45.055999999999997,33.792000000000002,22.527999999999999,"è",2.1999999999999999E-2]
["19th",64.512,53.760000000000005,43.008000000000003,32.256,21.504000000000001,"è",2.1000000000000001E-2]
["20th",61.44,51.2,40.96,30.72,20.48,"è",0.02]
["21st",58.367999999999995,48.64,38.911999999999999,29.183999999999997,19.456,"è",1.9E-2]
["22nd",55.295999999999992,46.08,36.863999999999997,27.647999999999996,18.431999999999999,"è",1.7999999999999999E-2]
["23rd",52.224000000000004,43.52,34.816000000000003,26.112000000000002,17.408000000000001,"è",1.7000000000000001E-2]
["24th",49.152000000000001,40.96,32.768000000000001,24.576000000000001,16.384,"è",1.6E-2]
["25th",46.08,38.4,30.72,23.04,15.36,"è",1.4999999999999999E-2]
["26th",43.008000000000003,35.840000000000003,28.672000000000001,21.504000000000001,14.336,"è",1.4E-2]
["27th",39.936,33.28,26.623999999999999,19.968,13.311999999999999,"è",1.2999999999999999E-2]
["28th",36.864000000000004,30.72,24.576000000000001,18.432000000000002,12.288,"è",1.2E-2]
["29th",33.792000000000002,28.159999999999997,22.527999999999999,16.896000000000001,11.263999999999999,"è",1.0999999999999999E-2]
["30th",30.72,25.6,20.48,15.36,10.24,"è",0.01]
["Totals",{"$f":"SUM(B142:B171)","v":3072},{"$f":"SUM(C142:C171)","v":2560},2048.0000000000005,1536,1024.0000000000002,{"$f":"SUM(B172:F172)","v":10240},{"$f":"SUM(H142:H171)","v":1.0000000000000002}]

{"sheet":"DON'T TOUCH","index":14,"n_rows":6,"n_cols":5,"rows_kept":6,"cut":false,"hidden":true,"merged":[]}
[]
["Yes",null,"S",5,"X"]
[null,null,"A",10]
[null,null,"Y",15]
[null,null,"P","BP"]
[null,null,null,"SCR"]